{"text_format":"1","workbook":"xlsx","n_sheets":2,"sheets":["Данные","Лист1"],"not_rendered":{"charts":0,"images":0,"macros":1,"external_links":0,"defined_names":3,"comments":0,"pivot_tables":0},"unopened":[],"bounds":{"document_bytes":16777216,"sheet_cells":100000,"rows_first":2000,"rows_last":500,"rows_between":2000,"halvings":0,"cell_chars":16384,"cell_head_chars":4096},"cells_cut":0,"cells_raw":0,"read":"whole","date_system":"1900"}

{"sheet":"Данные","index":0,"n_rows":845,"n_cols":10,"rows_kept":845,"cut":false,"hidden":false,"merged":[[1,0,1,9]]}
[null,null,null,null,null,null,null,null,"Приложение №1"]
["Перечень актуальных и готовых к реализации невостребованных МТР"]
[]
["Наименование лота","Наименование ОГ","№ лота","№ позиции","Наименование неликвидных (НЛ) и невостребованных ликвидных (НВЛ) материалов","Ед. изм","Количество","Мин. цена реализации за ед., руб., без НДС ","Сумма, руб. без НДС","Место нахождения"]
["Днище","ПАО АНК \"Башнефть\" \"Башнефть-Новойл\"",1,1,"Днище 1020-10","ШТ",1,27723.94,{"$f":"G5*H5","v":27723.94},"450045, г. Уфа, ПАО АНК \"Башнефть\" \"Башнефть-Новойл\""]
["Днище","ПАО АНК \"Башнефть\" \"Башнефть-Новойл\"",1,2,"Днище 325-12 15Х5М","ШТ",3,2791.15,8373.4500000000007,"450045, г. Уфа, ПАО АНК \"Башнефть\" \"Башнефть-Новойл\""]
["Днище","ПАО АНК \"Башнефть\" \"Башнефть-Новойл\"",1,3,"Днище 400-14 15Х5М","ШТ",7,3701.33,25909.309999999998,"450045, г. Уфа, ПАО АНК \"Башнефть\" \"Башнефть-Новойл\""]
["Днище","ПАО АНК \"Башнефть\" \"Башнефть-Новойл\"",1,4,"Днище Д 377х12(К52)-1,6-0,6-ХЛ","ШТ",6,6344.91,38069.46,"450045, г. Уфа, ПАО АНК \"Башнефть\" \"Башнефть-Новойл\""]
["Днище","ПАО АНК \"Башнефть\" \"Башнефть-Новойл\"",1,5,"Днище Д 89х8(К40)-1,6-0,6-У","ШТ",10,428.3,4283,"450045, г. Уфа, ПАО АНК \"Башнефть\" \"Башнефть-Новойл\""]
["Днище","ПАО АНК \"Башнефть\" \"Башнефть-Новойл\"",1,6,"Днище 1020-10","ШТ",1,27723.94,27723.94,"450045, г. Уфа, ПАО АНК \"Башнефть\" \"Башнефть-Новойл\""]
["Днище","ПАО АНК \"Башнефть\" \"Башнефть-Новойл\"",1,7,"Днище 325-12 15Х5М","ШТ",12,2791.15,33493.800000000003,"450045, г. Уфа, ПАО АНК \"Башнефть\" \"Башнефть-Новойл\""]
["Днище","ПАО АНК \"Башнефть\" \"Башнефть-Новойл\"",1,8,"Днище 400-14 15Х5М","ШТ",2,3701.33,7402.66,"450045, г. Уфа, ПАО АНК \"Башнефть\" \"Башнефть-Новойл\""]
["Днище","ПАО АНК \"Башнефть\" \"Башнефть-Новойл\"",1,9,"Днище Dу200 Ст20 эск.33","ШТ",3,278.18,834.54,"450045, г. Уфа, ПАО АНК \"Башнефть\" \"Башнефть-Новойл\""]
["Днище","ПАО АНК \"Башнефть\" \"Башнефть-Новойл\"",1,10,"Днище Д 159х10(К40)-1,6-0,6-У","ШТ",1,893.28,893.28,"450045, г. Уфа, ПАО АНК \"Башнефть\" \"Башнефть-Новойл\""]
["Днище","ПАО АНК \"Башнефть\" \"Башнефть-Новойл\"",1,11,"Днище Д 377х10(К40)-1,6-0,6-У","ШТ",2,5342.4,10684.8,"450045, г. Уфа, ПАО АНК \"Башнефть\" \"Башнефть-Новойл\""]
["Днище","ПАО АНК \"Башнефть\" \"Башнефть-Новойл\"",1,12,"Днище Д 377х12(К52)-1,6-0,6-ХЛ","ШТ",2,6344.91,12689.82,"450045, г. Уфа, ПАО АНК \"Башнефть\" \"Башнефть-Новойл\""]
["Днище","ПАО АНК \"Башнефть\" \"Башнефть-Новойл\"",1,13,"Днище Д 89х6(К40)-1,6-0,6-У","ШТ",2,428.3,856.6,"450045, г. Уфа, ПАО АНК \"Башнефть\" \"Башнефть-Новойл\""]
["Днище","ПАО АНК \"Башнефть\" \"Башнефть-Новойл\"",1,14,"Днище Д 89х8(К40)-1,6-0,6-У","ШТ",6,428.3,2569.8000000000002,"450045, г. Уфа, ПАО АНК \"Башнефть\" \"Башнефть-Новойл\""]
["Заглушки","ПАО АНК \"Башнефть\" \"Башнефть-Новойл\"",2,15,"Загл.фл.5-50-4.0МПа 12Х18Н10Т","ШТ",1,1598.99,1598.99,"450045, г. Уфа, ПАО АНК \"Башнефть\" \"Башнефть-Новойл\""]
["Заглушки","ПАО АНК \"Башнефть\" \"Башнефть-Новойл\"",2,16,"Загл.фл.5-50-4.0МПа 12Х18Н10Т","ШТ",1,1906.13,1906.13,"450045, г. Уфа, ПАО АНК \"Башнефть\" \"Башнефть-Новойл\""]
["Заглушки","ПАО АНК \"Башнефть\" \"Башнефть-Новойл\"",2,17,"Заглушка 133Х8","ШТ",6,7.99,47.94,"450045, г. Уфа, ПАО АНК \"Башнефть\" \"Башнефть-Новойл\""]
["Заглушки","ПАО АНК \"Башнефть\" \"Башнефть-Новойл\"",2,18,"Заглушка 426х14","ШТ",1,2041.2,2041.2,"450045, г. Уфа, ПАО АНК \"Башнефть\" \"Башнефть-Новойл\""]
["Заглушки","ПАО АНК \"Башнефть\" \"Башнефть-Новойл\"",2,19,"Заглушка 45Х4","ШТ",4,100.01,400.04,"450045, г. Уфа, ПАО АНК \"Башнефть\" \"Башнефть-Новойл\""]
["Заглушки","ПАО АНК \"Башнефть\" \"Башнефть-Новойл\"",2,20,"Заглушка Ду80 Ру160 12Х18Н10Т","ШТ",2,6655.16,13310.32,"450045, г. Уфа, ПАО АНК \"Башнефть\" \"Башнефть-Новойл\""]
["Заглушки","ПАО АНК \"Башнефть\" \"Башнефть-Новойл\"",2,21,"Заглушка ЗР(II)-300-100-20","ШТ",1,5209.83,5209.83,"450045, г. Уфа, ПАО АНК \"Башнефть\" \"Башнефть-Новойл\""]
["Заглушки","ПАО АНК \"Башнефть\" \"Башнефть-Новойл\"",2,22,"Заглушка ЗР(II)-300-63-20","ШТ",1,4359.1000000000004,4359.1000000000004,"450045, г. Уфа, ПАО АНК \"Башнефть\" \"Башнефть-Новойл\""]
["Заглушки","ПАО АНК \"Башнефть\" \"Башнефть-Новойл\"",2,23,"Заглушка ЗР(II)-50-63-20","ШТ",4,370.86,1483.44,"450045, г. Уфа, ПАО АНК \"Башнефть\" \"Башнефть-Новойл\""]
["Заглушки","ПАО АНК \"Башнефть\" \"Башнефть-Новойл\"",2,24,"Заглушка ЗР(II)-50-63-20","ШТ",3,370.86,1112.58,"450045, г. Уфа, ПАО АНК \"Башнефть\" \"Башнефть-Новойл\""]
["Заглушки","ПАО АНК \"Башнефть\" \"Башнефть-Новойл\"",2,25,"Заглушка ЗР(II)-50-63-20","ШТ",2,370.86,741.72,"450045, г. Уфа, ПАО АНК \"Башнефть\" \"Башнефть-Новойл\""]
["Заглушки","ПАО АНК \"Башнефть\" \"Башнефть-Новойл\"",2,26,"Заглушка ЗР(II)-50-63-20","ШТ",3,370.86,1112.58,"450045, г. Уфа, ПАО АНК \"Башнефть\" \"Башнефть-Новойл\""]
["Заглушки","ПАО АНК \"Башнефть\" \"Башнефть-Новойл\"",2,27,"Заглушка с рукояткой ЗР(II)-250-63-20","ШТ",2,3012.3,6024.6,"450045, г. Уфа, ПАО АНК \"Башнефть\" \"Башнефть-Новойл\""]
["Заглушки","ПАО АНК \"Башнефть\" \"Башнефть-Новойл\"",2,28,"Заглушка с рукояткой ЗР(II)-250-63-20","ШТ",3,3012.3,9036.9000000000015,"450045, г. Уфа, ПАО АНК \"Башнефть\" \"Башнефть-Новойл\""]
["Заглушки","ПАО АНК \"Башнефть\" \"Башнефть-Новойл\"",2,29,"Заглушка с рукояткой ЗР(II)-250-63-20","ШТ",2,3012.3,6024.6,"450045, г. Уфа, ПАО АНК \"Башнефть\" \"Башнефть-Новойл\""]
["Заглушки","ПАО АНК \"Башнефть\" \"Башнефть-Новойл\"",2,30,"Загл.пов.7-200-160 09Г2С II-Т-227","ШТ",3,5173.82,15521.46,"450045, г. Уфа, ПАО АНК \"Башнефть\" \"Башнефть-Новойл\""]
["Заглушки","ПАО АНК \"Башнефть\" \"Башнефть-Новойл\"",2,31,"Загл.пов.ЗП(II) 40-63 20","ШТ",1,539.41999999999996,539.41999999999996,"450045, г. Уфа, ПАО АНК \"Башнефть\" \"Башнефть-Новойл\""]
["Заглушки","ПАО АНК \"Башнефть\" \"Башнефть-Новойл\"",2,32,"Загл.рук.ЗР (I) 65-16 20К","ШТ",2,241.91,483.82,"450045, г. Уфа, ПАО АНК \"Башнефть\" \"Башнефть-Новойл\""]
["Заглушки","ПАО АНК \"Башнефть\" \"Башнефть-Новойл\"",2,33,"Загл.фл.5-50-4.0МПа Ст17Г1С","ШТ",2,572.21,1144.42,"450045, г. Уфа, ПАО АНК \"Башнефть\" \"Башнефть-Новойл\""]
["Заглушки","ПАО АНК \"Башнефть\" \"Башнефть-Новойл\"",2,34,"Загл.фл.5-50-6.3МПа 09Г2С АТК24.200.02","ШТ",1,467.79,467.79,"450045, г. Уфа, ПАО АНК \"Башнефть\" \"Башнефть-Новойл\""]
["Заглушки","ПАО АНК \"Башнефть\" \"Башнефть-Новойл\"",2,35,"Заглушка 1000-1,6 19","ШТ",4,37008.199999999997,148032.79999999999,"450045, г. Уфа, ПАО АНК \"Башнефть\" \"Башнефть-Новойл\""]
["Заглушки","ПАО АНК \"Башнефть\" \"Башнефть-Новойл\"",2,36,"Заглушка 133Х8","ШТ",12,7.99,95.88,"450045, г. Уфа, ПАО АНК \"Башнефть\" \"Башнефть-Новойл\""]
["Заглушки","ПАО АНК \"Башнефть\" \"Башнефть-Новойл\"",2,37,"Заглушка 159Х10","ШТ",2,224.99,449.98,"450045, г. Уфа, ПАО АНК \"Башнефть\" \"Башнефть-Новойл\""]
["Заглушки","ПАО АНК \"Башнефть\" \"Башнефть-Новойл\"",2,38,"Заглушка 219х400 20","ШТ",6,866.43,5198.58,"450045, г. Уфа, ПАО АНК \"Башнефть\" \"Башнефть-Новойл\""]
["Заглушки","ПАО АНК \"Башнефть\" \"Башнефть-Новойл\"",2,39,"Заглушка 2-20-6,3-09Г2С","ШТ",1,577.87,577.87,"450045, г. Уфа, ПАО АНК \"Башнефть\" \"Башнефть-Новойл\""]
["Заглушки","ПАО АНК \"Башнефть\" \"Башнефть-Новойл\"",2,40,"Заглушка 2-50-6,3-15Х5М","ШТ",1,1108.8800000000001,1108.8800000000001,"450045, г. Уфа, ПАО АНК \"Башнефть\" \"Башнефть-Новойл\""]
["Заглушки","ПАО АНК \"Башнефть\" \"Башнефть-Новойл\"",2,41,"Заглушка 2-65-4,0-20","ШТ",2,511.94,1023.88,"450045, г. Уфа, ПАО АНК \"Башнефть\" \"Башнефть-Новойл\""]
["Заглушки","ПАО АНК \"Башнефть\" \"Башнефть-Новойл\"",2,42,"Заглушка 3/4'х600 RTJ LF2 20 Л35-11/1000","ШТ",2,220.21,440.42,"450045, г. Уфа, ПАО АНК \"Башнефть\" \"Башнефть-Новойл\""]
["Заглушки","ПАО АНК \"Башнефть\" \"Башнефть-Новойл\"",2,43,"Заглушка 377х12-12Х18Н10Т","ШТ",2,459,918,"450045, г. Уфа, ПАО АНК \"Башнефть\" \"Башнефть-Новойл\""]
["Заглушки","ПАО АНК \"Башнефть\" \"Башнефть-Новойл\"",2,44,"Заглушка 426х14","ШТ",1,2041.2,2041.2,"450045, г. Уфа, ПАО АНК \"Башнефть\" \"Башнефть-Новойл\""]
["Заглушки","ПАО АНК \"Башнефть\" \"Башнефть-Новойл\"",2,45,"Заглушка 426х22","ШТ",2,4789.67,9579.34,"450045, г. Уфа, ПАО АНК \"Башнефть\" \"Башнефть-Новойл\""]
["Заглушки","ПАО АНК \"Башнефть\" \"Башнефть-Новойл\"",2,46,"Заглушка 4-50-10,0-09Г2С","ШТ",1,1871.91,1871.91,"450045, г. Уфа, ПАО АНК \"Башнефть\" \"Башнефть-Новойл\""]
["Заглушки","ПАО АНК \"Башнефть\" \"Башнефть-Новойл\"",2,47,"Заглушка 4-50-10-15Х5М","ШТ",1,1389.56,1389.56,"450045, г. Уфа, ПАО АНК \"Башнефть\" \"Башнефть-Новойл\""]
["Заглушки","ПАО АНК \"Башнефть\" \"Башнефть-Новойл\"",2,48,"Заглушка 45Х4","ШТ",20,100.01,2000.2,"450045, г. Уфа, ПАО АНК \"Башнефть\" \"Башнефть-Новойл\""]
["Заглушки","ПАО АНК \"Башнефть\" \"Башнефть-Новойл\"",2,49,"Заглушка 45Х4-09Г2С","ШТ",1,86.59,86.59,"450045, г. Уфа, ПАО АНК \"Башнефть\" \"Башнефть-Новойл\""]
["Заглушки","ПАО АНК \"Башнефть\" \"Башнефть-Новойл\"",2,50,"Заглушка 5-150-4,0-20","ШТ",1,920.95,920.95,"450045, г. Уфа, ПАО АНК \"Башнефть\" \"Башнефть-Новойл\""]
["Заглушки","ПАО АНК \"Башнефть\" \"Башнефть-Новойл\"",2,51,"Заглушка 5-25-4,0-09Г2С","ШТ",1,153.5,153.5,"450045, г. Уфа, ПАО АНК \"Башнефть\" \"Башнефть-Новойл\""]
["Заглушки","ПАО АНК \"Башнефть\" \"Башнефть-Новойл\"",2,52,"Заглушка 76х3,5","ШТ",16,7.28,116.48,"450045, г. Уфа, ПАО АНК \"Башнефть\" \"Башнефть-Новойл\""]
["Заглушки","ПАО АНК \"Башнефть\" \"Башнефть-Новойл\"",2,53,"Заглушка 76х6 Ст20","ШТ",8,121.81,974.48,"450045, г. Уфа, ПАО АНК \"Башнефть\" \"Башнефть-Новойл\""]
["Заглушки","ПАО АНК \"Башнефть\" \"Башнефть-Новойл\"",2,54,"Заглушка ввертная ЗВ-03.200 Ст20","ШТ",34,48.73,1656.82,"450045, г. Уфа, ПАО АНК \"Башнефть\" \"Башнефть-Новойл\""]
["Заглушки","ПАО АНК \"Башнефть\" \"Башнефть-Новойл\"",2,55,"Заглушка Ду25 Ру63 ст09Г2С","ШТ",1,241.49,241.49,"450045, г. Уфа, ПАО АНК \"Башнефть\" \"Башнефть-Новойл\""]
["Заглушки","ПАО АНК \"Башнефть\" \"Башнефть-Новойл\"",2,56,"Заглушка Ду40 Ру63 12Х18Н10Т","ШТ",10,2597.7199999999998,25977.199999999997,"450045, г. Уфа, ПАО АНК \"Башнефть\" \"Башнефть-Новойл\""]
["Заглушки","ПАО АНК \"Башнефть\" \"Башнефть-Новойл\"",2,57,"Заглушка Ду80 Ру160 12Х18Н10Т","ШТ",8,6655.16,53241.279999999999,"450045, г. Уфа, ПАО АНК \"Башнефть\" \"Башнефть-Новойл\""]
["Заглушки","ПАО АНК \"Башнефть\" \"Башнефть-Новойл\"",2,58,"Заглушка Ду80 Ру63 12Х18Н10Т","ШТ",6,3100.49,18602.939999999999,"450045, г. Уфа, ПАО АНК \"Башнефть\" \"Башнефть-Новойл\""]
["Заглушки","ПАО АНК \"Башнефть\" \"Башнефть-Новойл\"",2,59,"Заглушка ЗВ-02.200 Ст.20","ШТ",1,56.92,56.92,"450045, г. Уфа, ПАО АНК \"Башнефть\" \"Башнефть-Новойл\""]
["Заглушки","ПАО АНК \"Башнефть\" \"Башнефть-Новойл\"",2,60,"Заглушка ЗМП ЭД 77-200-63-3-09Г2С фл.кр","КМП",5,4135.6899999999996,20678.449999999997,"450045, г. Уфа, ПАО АНК \"Башнефть\" \"Башнефть-Новойл\""]
["Заглушки","ПАО АНК \"Башнефть\" \"Башнефть-Новойл\"",2,61,"Заглушка ЗН-02.200 Ст.20","ШТ",2,39.58,79.16,"450045, г. Уфа, ПАО АНК \"Башнефть\" \"Башнефть-Новойл\""]
["Заглушки","ПАО АНК \"Башнефть\" \"Башнефть-Новойл\"",2,62,"Заглушка ЗП(I)-300-25-20","ШТ",1,3949.44,3949.44,"450045, г. Уфа, ПАО АНК \"Башнефть\" \"Башнефть-Новойл\""]
["Заглушки","ПАО АНК \"Башнефть\" \"Башнефть-Новойл\"",2,63,"Заглушка ЗП-7-50-63 ст20","ШТ",29,721.29,20917.41,"450045, г. Уфа, ПАО АНК \"Башнефть\" \"Башнефть-Новойл\""]
["Заглушки","ПАО АНК \"Башнефть\" \"Башнефть-Новойл\"",2,64,"Заглушка ЗР(II)-300-100-20","ШТ",1,5209.83,5209.83,"450045, г. Уфа, ПАО АНК \"Башнефть\" \"Башнефть-Новойл\""]
["Заглушки","ПАО АНК \"Башнефть\" \"Башнефть-Новойл\"",2,65,"Заглушка ЗР(II)-300-63-20","ШТ",1,4359.1000000000004,{"$f":"G69*H69","v":4359.1000000000004},"450045, г. Уфа, ПАО АНК \"Башнефть\" \"Башнефть-Новойл\""]
["Заглушки","ПАО АНК \"Башнефть\" \"Башнефть-Новойл\"",2,66,"Заглушка ЗР(II)-50-63-20","ШТ",2,370.86,741.72,"450045, г. Уфа, ПАО АНК \"Башнефть\" \"Башнефть-Новойл\""]
["Заглушки","ПАО АНК \"Башнефть\" \"Башнефть-Новойл\"",2,67,"Заглушка ЗР(II)-50-63-20","ШТ",3,370.86,1112.58,"450045, г. Уфа, ПАО АНК \"Башнефть\" \"Башнефть-Новойл\""]
["Заглушки","ПАО АНК \"Башнефть\" \"Башнефть-Новойл\"",2,68,"Заглушка КС-1-250-16-20","КМП",1,2780.59,2780.59,"450045, г. Уфа, ПАО АНК \"Башнефть\" \"Башнефть-Новойл\""]
["Заглушки","ПАО АНК \"Башнефть\" \"Башнефть-Новойл\"",2,69,"Заглушка плоская 500-2,5 05","ШТ",1,11873.84,11873.84,"450045, г. Уфа, ПАО АНК \"Башнефть\" \"Башнефть-Новойл\""]
["Заглушки","ПАО АНК \"Башнефть\" \"Башнефть-Новойл\"",2,70,"Заглушка плоская 50-1.6 проект 05-2007ТП","ШТ",2,161.32,322.64,"450045, г. Уфа, ПАО АНК \"Башнефть\" \"Башнефть-Новойл\""]
["Заглушки","ПАО АНК \"Башнефть\" \"Башнефть-Новойл\"",2,71,"Заглушка с рукояткой ЗР(II)-250-63-20","ШТ",2,3012.3,6024.6,"450045, г. Уфа, ПАО АНК \"Башнефть\" \"Башнефть-Новойл\""]
["Заглушки","ПАО АНК \"Башнефть\" \"Башнефть-Новойл\"",2,72,"Заглушка эл. П 219х10-12Х18Н10Т","ШТ",2,3354.29,6708.58,"450045, г. Уфа, ПАО АНК \"Башнефть\" \"Башнефть-Новойл\""]
["Заглушки","ПАО АНК \"Башнефть\" \"Башнефть-Новойл\"",2,73,"Заглушка эл. П 219х10-12Х18Н10Т","ШТ",2,3354.29,6708.58,"450045, г. Уфа, ПАО АНК \"Башнефть\" \"Башнефть-Новойл\""]
["Заглушки","ПАО АНК \"Башнефть\" \"Башнефть-Новойл\"",2,74,"Заглушка эл. П 377х16-08Х18Н10Т","ШТ",2,8811.57,17623.14,"450045, г. Уфа, ПАО АНК \"Башнефть\" \"Башнефть-Новойл\""]
["Заглушки","ПАО АНК \"Башнефть\" \"Башнефть-Новойл\"",2,75,"Заглушка эл. П 630х26-12Х1МФ","ШТ",2,72302.12,144604.24,"450045, г. Уфа, ПАО АНК \"Башнефть\" \"Башнефть-Новойл\""]
["Заглушки","ПАО АНК \"Башнефть\" \"Башнефть-Новойл\"",2,76,"Заглушка эл.1220х15 10Г2ФБЮ","ШТ",4,28606.61,114426.44,"450045, г. Уфа, ПАО АНК \"Башнефть\" \"Башнефть-Новойл\""]
["Заглушки","ПАО АНК \"Башнефть\" \"Башнефть-Новойл\"",2,77,"Заглушка эл.П76х4 Ст20 ГОСТ 17379","ШТ",2,50,100,"450045, г. Уфа, ПАО АНК \"Башнефть\" \"Башнефть-Новойл\""]
["Отводы","ПАО АНК \"Башнефть\" \"Башнефть-Новойл\"",3,78,"ОКБ 90-273х10(К40)-1,6-0,6-1,5DN-У","ШТ",3,8459.57,25378.71,"450045, г. Уфа, ПАО АНК \"Башнефть\" \"Башнефть-Новойл\""]
["Отводы","ПАО АНК \"Башнефть\" \"Башнефть-Новойл\"",3,79,"ОКБ 90-325х10(К40)-1,6-0,6-1,5DN-У","ШТ",8,12915.77,103326.16,"450045, г. Уфа, ПАО АНК \"Башнефть\" \"Башнефть-Новойл\""]
["Отводы","ПАО АНК \"Башнефть\" \"Башнефть-Новойл\"",3,80,"ОКБ 90-530х12(К52)-1,6-0,6-1,5DN-ХЛ","ШТ",7,24233.47,169634.29,"450045, г. Уфа, ПАО АНК \"Башнефть\" \"Башнефть-Новойл\""]
["Отводы","ПАО АНК \"Башнефть\" \"Башнефть-Новойл\"",3,81,"Отвод 05766528-У6.0588-3039-01.00.000","ШТ",1,18435.62,18435.62,"450045, г. Уфа, ПАО АНК \"Башнефть\" \"Башнефть-Новойл\""]
["Отводы","ПАО АНК \"Башнефть\" \"Башнефть-Новойл\"",3,82,"Отвод 45 1020х10-20","ШТ",1,23930.77,23930.77,"450045, г. Уфа, ПАО АНК \"Башнефть\" \"Башнефть-Новойл\""]
["Отводы","ПАО АНК \"Башнефть\" \"Башнефть-Новойл\"",3,83,"Отвод 45 159х8-12Х18Н10Т","ШТ",1,6754.95,6754.95,"450045, г. Уфа, ПАО АНК \"Башнефть\" \"Башнефть-Новойл\""]
["Отводы","ПАО АНК \"Башнефть\" \"Башнефть-Новойл\"",3,84,"Отвод 45-133х6 Ст20","ШТ",10,312.86,3128.6000000000004,"450045, г. Уфа, ПАО АНК \"Башнефть\" \"Башнефть-Новойл\""]
["Отводы","ПАО АНК \"Башнефть\" \"Башнефть-Новойл\"",3,85,"Отвод 45-530х16 Ст20","ШТ",1,13158.59,13158.59,"450045, г. Уфа, ПАО АНК \"Башнефть\" \"Башнефть-Новойл\""]
["Отводы","ПАО АНК \"Башнефть\" \"Башнефть-Новойл\"",3,86,"Отвод 45-630х10 ВСт3пс","ШТ",2,9672.89,19345.78,"450045, г. Уфа, ПАО АНК \"Башнефть\" \"Башнефть-Новойл\""]
["Отводы","ПАО АНК \"Башнефть\" \"Башнефть-Новойл\"",3,87,"Отвод 45-76х5 Ст20 ГОСТ 17375","ШТ",2,74.77,149.54,"450045, г. Уфа, ПАО АНК \"Башнефть\" \"Башнефть-Новойл\""]
["Отводы","ПАО АНК \"Башнефть\" \"Башнефть-Новойл\"",3,88,"Отвод 45-76х5 Ст20 ГОСТ 17375","ШТ",9,98.34,885.06000000000006,"450045, г. Уфа, ПАО АНК \"Башнефть\" \"Башнефть-Новойл\""]
["Отводы","ПАО АНК \"Башнефть\" \"Башнефть-Новойл\"",3,89,"Отвод 60 159Х4,5","ШТ",4,284.02,1136.08,"450045, г. Уфа, ПАО АНК \"Башнефть\" \"Башнефть-Новойл\""]
["Отводы","ПАО АНК \"Башнефть\" \"Башнефть-Новойл\"",3,90,"Отвод 60 159х9","ШТ",1,771.35,771.35,"450045, г. Уфа, ПАО АНК \"Башнефть\" \"Башнефть-Новойл\""]
["Отводы","ПАО АНК \"Башнефть\" \"Башнефть-Новойл\"",3,91,"Отвод 60 630х10","ШТ",1,16171.13,16171.13,"450045, г. Уфа, ПАО АНК \"Башнефть\" \"Башнефть-Новойл\""]
["Отводы","ПАО АНК \"Башнефть\" \"Башнефть-Новойл\"",3,92,"Отвод 60 630х12-09Г2С","ШТ",1,25888.95,25888.95,"450045, г. Уфа, ПАО АНК \"Башнефть\" \"Башнефть-Новойл\""]
["Отводы","ПАО АНК \"Башнефть\" \"Башнефть-Новойл\"",3,93,"Отвод 90 1020х10-20","ШТ",8,47860.94,382887.52,"450045, г. Уфа, ПАО АНК \"Башнефть\" \"Башнефть-Новойл\""]
["Отводы","ПАО АНК \"Башнефть\" \"Башнефть-Новойл\"",3,94,"Отвод 90 76Х4,5","ШТ",12,86.23,1034.76,"450045, г. Уфа, ПАО АНК \"Башнефть\" \"Башнефть-Новойл\""]
["Отводы","ПАО АНК \"Башнефть\" \"Башнефть-Новойл\"",3,95,"Отвод 90-102х10 15Х5М 1468-001-17192736","ШТ",10,1847.42,18474.2,"450045, г. Уфа, ПАО АНК \"Башнефть\" \"Башнефть-Новойл\""]
["Отводы","ПАО АНК \"Башнефть\" \"Башнефть-Новойл\"",3,96,"Отвод 90-102х10 15Х5М 1468-001-17192736","ШТ",4,1867.36,7469.44,"450045, г. Уфа, ПАО АНК \"Башнефть\" \"Башнефть-Новойл\""]
["Отводы","ПАО АНК \"Башнефть\" \"Башнефть-Новойл\"",3,97,"Отвод 90-102х10 15Х5М 1468-001-17192736","ШТ",4,1847.42,7389.68,"450045, г. Уфа, ПАО АНК \"Башнефть\" \"Башнефть-Новойл\""]
["Отводы","ПАО АНК \"Башнефть\" \"Башнефть-Новойл\"",3,98,"Отвод 90-102х10-15Х5М","ШТ",9,1747.93,15731.37,"450045, г. Уфа, ПАО АНК \"Башнефть\" \"Башнефть-Новойл\""]
["Отводы","ПАО АНК \"Башнефть\" \"Башнефть-Новойл\"",3,99,"Отвод 90-133х8 3D F321","ШТ",2,3328.92,6657.84,"450045, г. Уфа, ПАО АНК \"Башнефть\" \"Башнефть-Новойл\""]
["Отводы","ПАО АНК \"Башнефть\" \"Башнефть-Новойл\"",3,100,"Отвод 90-159х4.5 Ст20 ГОСТ 17375т/о амм.","ШТ",1,424.64,424.64,"450045, г. Уфа, ПАО АНК \"Башнефть\" \"Башнефть-Новойл\""]
["Отводы","ПАО АНК \"Башнефть\" \"Башнефть-Новойл\"",3,101,"Отвод 90-168х12 3D F321","ШТ",2,7996.39,15992.78,"450045, г. Уфа, ПАО АНК \"Башнефть\" \"Башнефть-Новойл\""]
["Отводы","ПАО АНК \"Башнефть\" \"Башнефть-Новойл\"",3,102,"Отвод 90-325х16 3D F321","ШТ",7,44102.36,308716.52,"450045, г. Уфа, ПАО АНК \"Башнефть\" \"Башнефть-Новойл\""]
["Отводы","ПАО АНК \"Башнефть\" \"Башнефть-Новойл\"",3,103,"Отвод 90-720х17-09Г2С","ШТ",3,84427.03,253281.09,"450045, г. Уфа, ПАО АНК \"Башнефть\" \"Башнефть-Новойл\""]
["Отводы","ПАО АНК \"Башнефть\" \"Башнефть-Новойл\"",3,104,"Отвод 90-720х18-09Г2С","ШТ",10,93507.73,935077.29999999993,"450045, г. Уфа, ПАО АНК \"Башнефть\" \"Башнефть-Новойл\""]
["Отводы","ПАО АНК \"Башнефть\" \"Башнефть-Новойл\"",3,105,"Отвод боковой ОБЛГ 100х65ц УТ1.5","ШТ",37,218.02,8066.7400000000007,"450045, г. Уфа, ПАО АНК \"Башнефть\" \"Башнефть-Новойл\""]
["Отводы","ПАО АНК \"Башнефть\" \"Башнефть-Новойл\"",3,106,"Отвод боковой ОБЛГ 100х65ц УТ1.5","ШТ",2,52.24,104.48,"450045, г. Уфа, ПАО АНК \"Башнефть\" \"Башнефть-Новойл\""]
["Отводы","ПАО АНК \"Башнефть\" \"Башнефть-Новойл\"",3,107,"Отвод боковой ОБЛГ 200х65ц УТ1.5","ШТ",10,299.19,2991.9,"450045, г. Уфа, ПАО АНК \"Башнефть\" \"Башнефть-Новойл\""]
["Отводы","ПАО АНК \"Башнефть\" \"Башнефть-Новойл\"",3,108,"Отвод Ду1300 12ХМ","ШТ",1,299548.84000000003,299548.84000000003,"450045, г. Уфа, ПАО АНК \"Башнефть\" \"Башнефть-Новойл\""]
["Отводы","ПАО АНК \"Башнефть\" \"Башнефть-Новойл\"",3,109,"Отвод Ду700 12ХМ М-09-59","ШТ",5,85770.67,428853.35,"450045, г. Уфа, ПАО АНК \"Башнефть\" \"Башнефть-Новойл\""]
["Отводы","ПАО АНК \"Башнефть\" \"Башнефть-Новойл\"",3,110,"Отвод Ду800 12ХМ М-09-87","ШТ",3,138230.94,{"$f":"G114*H114","v":414692.82},"450045, г. Уфа, ПАО АНК \"Башнефть\" \"Башнефть-Новойл\""]
["Отводы","ПАО АНК \"Башнефть\" \"Башнефть-Новойл\"",3,111,"Отвод Ду800 17Г1С М-09-88","ШТ",1,39278.69,39278.69,"450045, г. Уфа, ПАО АНК \"Башнефть\" \"Башнефть-Новойл\""]
["Отводы","ПАО АНК \"Башнефть\" \"Башнефть-Новойл\"",3,112,"Отвод ОС 90-1220х14 09Г2С","ШТ",2,148498.37,296996.74,"450045, г. Уфа, ПАО АНК \"Башнефть\" \"Башнефть-Новойл\""]
["Отводы","ПАО АНК \"Башнефть\" \"Башнефть-Новойл\"",3,113,"Отвод ОС 90-1220х14 09Г2С","ШТ",2,148286.65,296573.3,"450045, г. Уфа, ПАО АНК \"Башнефть\" \"Башнефть-Новойл\""]
["Отводы","ПАО АНК \"Башнефть\" \"Башнефть-Новойл\"",3,114,"Отвод ОС 90-1220х20 15Х5М","ШТ",1,555949.82999999996,555949.82999999996,"450045, г. Уфа, ПАО АНК \"Башнефть\" \"Башнефть-Новойл\""]
["Отводы","ПАО АНК \"Башнефть\" \"Башнефть-Новойл\"",3,115,"Отвод ОС 90-1220х20 15Х5М","ШТ",1,1311564.02,1311564.02,"450045, г. Уфа, ПАО АНК \"Башнефть\" \"Башнефть-Новойл\""]
["Отводы","ПАО АНК \"Башнефть\" \"Башнефть-Новойл\"",3,116,"Отвод П 45-108х6 08Х18Н10Т","ШТ",1,1045.3699999999999,1045.3699999999999,"450045, г. Уфа, ПАО АНК \"Башнефть\" \"Башнефть-Новойл\""]
["Отводы","ПАО АНК \"Башнефть\" \"Башнефть-Новойл\"",3,117,"Отвод П 45-219х8-15Х5М","ШТ",9,4544.54,40900.86,"450045, г. Уфа, ПАО АНК \"Башнефть\" \"Башнефть-Новойл\""]
["Отводы","ПАО АНК \"Башнефть\" \"Башнефть-Новойл\"",3,118,"Отвод П 45-273х10-15Х5М","ШТ",4,9357.43,37429.72,"450045, г. Уфа, ПАО АНК \"Башнефть\" \"Башнефть-Новойл\""]
["Отводы","ПАО АНК \"Башнефть\" \"Башнефть-Новойл\"",3,119,"Отвод П 45-325х12-12Х18Н10Т","ШТ",3,32050.67,96152.01,"450045, г. Уфа, ПАО АНК \"Башнефть\" \"Башнефть-Новойл\""]
["Отводы","ПАО АНК \"Башнефть\" \"Башнефть-Новойл\"",3,120,"Отвод П 45-325х12-12Х18Н10Т","ШТ",2,29820.01,59640.02,"450045, г. Уфа, ПАО АНК \"Башнефть\" \"Башнефть-Новойл\""]
["Отводы","ПАО АНК \"Башнефть\" \"Башнефть-Новойл\"",3,121,"Отвод П 45-89х8-12Х18Н10Т","ШТ",1,2159.4899999999998,2159.4899999999998,"450045, г. Уфа, ПАО АНК \"Башнефть\" \"Башнефть-Новойл\""]
["Отводы","ПАО АНК \"Башнефть\" \"Башнефть-Новойл\"",3,122,"Отвод П 45-89х8-12Х18Н10Т","ШТ",2,2331.7600000000002,4663.5200000000004,"450045, г. Уфа, ПАО АНК \"Башнефть\" \"Башнефть-Новойл\""]
["Отводы","ПАО АНК \"Башнефть\" \"Башнефть-Новойл\"",3,123,"Отвод П 60-108х6-08Х18Н10Т","ШТ",4,1372.18,5488.72,"450045, г. Уфа, ПАО АНК \"Башнефть\" \"Башнефть-Новойл\""]
["Отводы","ПАО АНК \"Башнефть\" \"Башнефть-Новойл\"",3,124,"Отвод П 60-108х6-12Х18Н10Т","ШТ",6,1372.18,8233.08,"450045, г. Уфа, ПАО АНК \"Башнефть\" \"Башнефть-Новойл\""]
["Отводы","ПАО АНК \"Башнефть\" \"Башнефть-Новойл\"",3,125,"Отвод П 60-159х8-15Х5М","ШТ",1,2596.4899999999998,2596.4899999999998,"450045, г. Уфа, ПАО АНК \"Башнефть\" \"Башнефть-Новойл\""]
["Отводы","ПАО АНК \"Башнефть\" \"Башнефть-Новойл\"",3,126,"Отвод П 60-89х6-12Х18Н10Т","ШТ",2,1592.76,3185.52,"450045, г. Уфа, ПАО АНК \"Башнефть\" \"Башнефть-Новойл\""]
["Отводы","ПАО АНК \"Башнефть\" \"Башнефть-Новойл\"",3,127,"Отвод П 90 325х18-15Х5М","ШТ",1,2520,2520,"450045, г. Уфа, ПАО АНК \"Башнефть\" \"Башнефть-Новойл\""]
["Отводы","ПАО АНК \"Башнефть\" \"Башнефть-Новойл\"",3,128,"Отвод П 90-219х10-12Х1МФ","ШТ",2,13075.37,26150.74,"450045, г. Уфа, ПАО АНК \"Башнефть\" \"Башнефть-Новойл\""]
["Отводы","ПАО АНК \"Башнефть\" \"Башнефть-Новойл\"",3,129,"Отвод П 90-273х7-12Х18Н10Т","ШТ",2,15753.82,31507.64,"450045, г. Уфа, ПАО АНК \"Башнефть\" \"Башнефть-Новойл\""]
["Отводы","ПАО АНК \"Башнефть\" \"Башнефть-Новойл\"",3,130,"Отвод П 90-630х28хD-12Х1МФ","ШТ",4,133325.59,533302.36,"450045, г. Уфа, ПАО АНК \"Башнефть\" \"Башнефть-Новойл\""]
["Отводы","ПАО АНК \"Башнефть\" \"Башнефть-Новойл\"",3,131,"Отвод П 90-720х14-08Х18Н10Т","ШТ",3,193361.53,580084.59,"450045, г. Уфа, ПАО АНК \"Башнефть\" \"Башнефть-Новойл\""]
["Отводы","ПАО АНК \"Башнефть\" \"Башнефть-Новойл\"",3,132,"Отвод П 90-89х7-10Х17Н13М2Т","ШТ",9,310.18,2791.62,"450045, г. Уфа, ПАО АНК \"Башнефть\" \"Башнефть-Новойл\""]
["Отводы","ПАО АНК \"Башнефть\" \"Башнефть-Новойл\"",3,133,"Отвод П180-127х10 15Х5М ТУ 26-02-836","ШТ",18,4078.77,73417.86,"450045, г. Уфа, ПАО АНК \"Башнефть\" \"Башнефть-Новойл\""]
["Отводы","ПАО АНК \"Башнефть\" \"Башнефть-Новойл\"",3,134,"Отвод П45 377Х10-09Г2С","ШТ",4,5665.49,22661.96,"450045, г. Уфа, ПАО АНК \"Башнефть\" \"Башнефть-Новойл\""]
["Отводы","ПАО АНК \"Башнефть\" \"Башнефть-Новойл\"",3,135,"Отвод П45 377х9-20А","ШТ",2,4900.13,9800.26,"450045, г. Уфа, ПАО АНК \"Башнефть\" \"Башнефть-Новойл\""]
["Отводы","ПАО АНК \"Башнефть\" \"Башнефть-Новойл\"",3,136,"Отвод П45 630х9 ВСт3пс","ШТ",8,24363.55,194908.4,"450045, г. Уфа, ПАО АНК \"Башнефть\" \"Башнефть-Новойл\""]
["Отводы","ПАО АНК \"Башнефть\" \"Башнефть-Новойл\"",3,137,"Отвод П45-108х7 Ст20 ГОСТ17375","ШТ",2,233.5,467,"450045, г. Уфа, ПАО АНК \"Башнефть\" \"Башнефть-Новойл\""]
["Отводы","ПАО АНК \"Башнефть\" \"Башнефть-Новойл\"",3,138,"Отвод П45-325х10-08Х18Н10Т","ШТ",1,17208.82,17208.82,"450045, г. Уфа, ПАО АНК \"Башнефть\" \"Башнефть-Новойл\""]
["Отводы","ПАО АНК \"Башнефть\" \"Башнефть-Новойл\"",3,139,"Отвод П45-32х3 Ст20 ГОСТ 17375","ШТ",2,32.42,64.84,"450045, г. Уфа, ПАО АНК \"Башнефть\" \"Башнефть-Новойл\""]
["Отводы","ПАО АНК \"Башнефть\" \"Башнефть-Новойл\"",3,140,"Отвод П45-32х3.5 Ст20 ГОСТ 17375","ШТ",2,64.959999999999994,129.91999999999999,"450045, г. Уфа, ПАО АНК \"Башнефть\" \"Башнефть-Новойл\""]
["Отводы","ПАО АНК \"Башнефть\" \"Башнефть-Новойл\"",3,141,"Отвод П45-377х10 12Х18Н10Т ТУ 1468-001","ШТ",1,29186.39,29186.39,"450045, г. Уфа, ПАО АНК \"Башнефть\" \"Башнефть-Новойл\""]
["Отводы","ПАО АНК \"Башнефть\" \"Башнефть-Новойл\"",3,142,"Отвод П45-377х10 12Х18Н10Т ТУ 1468-001","ШТ",1,26608.48,26608.48,"450045, г. Уфа, ПАО АНК \"Башнефть\" \"Башнефть-Новойл\""]
["Отводы","ПАО АНК \"Башнефть\" \"Башнефть-Новойл\"",3,143,"Отвод П45-530х12 15Х5М","ШТ",1,37908.980000000003,37908.980000000003,"450045, г. Уфа, ПАО АНК \"Башнефть\" \"Башнефть-Новойл\""]
["Отводы","ПАО АНК \"Башнефть\" \"Башнефть-Новойл\"",3,144,"Отвод П45-57х5-15Х5М","ШТ",6,153.68,922.08,"450045, г. Уфа, ПАО АНК \"Башнефть\" \"Башнефть-Новойл\""]
["Отводы","ПАО АНК \"Башнефть\" \"Башнефть-Новойл\"",3,145,"Отвод П45-630х28 12Х1МФ","ШТ",1,101763,101763,"450045, г. Уфа, ПАО АНК \"Башнефть\" \"Башнефть-Новойл\""]
["Отводы","ПАО АНК \"Башнефть\" \"Башнефть-Новойл\"",3,146,"Отвод П45-720х18 09Г2С","ШТ",2,111724.45,223448.9,"450045, г. Уфа, ПАО АНК \"Башнефть\" \"Башнефть-Новойл\""]
["Отводы","ПАО АНК \"Башнефть\" \"Башнефть-Новойл\"",3,147,"Отвод П45-76х6 Ст20 ГОСТ 17375","ШТ",1,101.5,101.5,"450045, г. Уфа, ПАО АНК \"Башнефть\" \"Башнефть-Новойл\""]
["Отводы","ПАО АНК \"Башнефть\" \"Башнефть-Новойл\"",3,148,"Отвод П45-820х10 Ст3сп (К42)","ШТ",1,46928.18,46928.18,"450045, г. Уфа, ПАО АНК \"Башнефть\" \"Башнефть-Новойл\""]
["Отводы","ПАО АНК \"Башнефть\" \"Башнефть-Новойл\"",3,149,"Отвод П45-89х6 08Х18Н10Т 1468-001-1719..","ШТ",1,868.46,868.46,"450045, г. Уфа, ПАО АНК \"Башнефть\" \"Башнефть-Новойл\""]
["Отводы","ПАО АНК \"Башнефть\" \"Башнефть-Новойл\"",3,150,"Отвод П45-89х6 15Х5М 1468-001-17192736","ШТ",2,391.9,783.8,"450045, г. Уфа, ПАО АНК \"Башнефть\" \"Башнефть-Новойл\""]
["Отводы","ПАО АНК \"Башнефть\" \"Башнефть-Новойл\"",3,151,"Отвод П60 159х8","ШТ",1,557.83000000000004,557.83000000000004,"450045, г. Уфа, ПАО АНК \"Башнефть\" \"Башнефть-Новойл\""]
["Отводы","ПАО АНК \"Башнефть\" \"Башнефть-Новойл\"",3,152,"Отвод П60-108х8 Ст20 ГОСТ 17375","ШТ",1,298.54000000000002,298.54000000000002,"450045, г. Уфа, ПАО АНК \"Башнефть\" \"Башнефть-Новойл\""]
["Отводы","ПАО АНК \"Башнефть\" \"Башнефть-Новойл\"",3,153,"Отвод П60-530х9 Ст20","ШТ",2,8664.5300000000007,17329.060000000001,"450045, г. Уфа, ПАО АНК \"Башнефть\" \"Башнефть-Новойл\""]
["Отводы","ПАО АНК \"Башнефть\" \"Башнефть-Новойл\"",3,154,"Отвод П90 325х16","ШТ",1,7177.96,7177.96,"450045, г. Уфа, ПАО АНК \"Башнефть\" \"Башнефть-Новойл\""]
["Отводы","ПАО АНК \"Башнефть\" \"Башнефть-Новойл\"",3,155,"Отвод П90 426х14-12Х18Н10Т","ШТ",1,32712.69,32712.69,"450045, г. Уфа, ПАО АНК \"Башнефть\" \"Башнефть-Новойл\""]
["Отводы","ПАО АНК \"Башнефть\" \"Башнефть-Новойл\"",3,156,"Отвод П90 45х3","ШТ",7,41.06,287.42,"450045, г. Уфа, ПАО АНК \"Башнефть\" \"Башнефть-Новойл\""]
["Отводы","ПАО АНК \"Башнефть\" \"Башнефть-Новойл\"",3,157,"Отвод П90 720х13","ШТ",1,93629.21,93629.21,"450045, г. Уфа, ПАО АНК \"Башнефть\" \"Башнефть-Новойл\""]
["Отводы","ПАО АНК \"Башнефть\" \"Башнефть-Новойл\"",3,158,"Отвод П90 89х8-12Х1МФ","ШТ",15,4231.3999999999996,63470.999999999993,"450045, г. Уфа, ПАО АНК \"Башнефть\" \"Башнефть-Новойл\""]
["Отводы","ПАО АНК \"Башнефть\" \"Башнефть-Новойл\"",3,159,"Отвод П90-102х10-08Х18Н10Т","ШТ",2,34090.800000000003,68181.600000000006,"450045, г. Уфа, ПАО АНК \"Башнефть\" \"Башнефть-Новойл\""]
["Отводы","ПАО АНК \"Башнефть\" \"Башнефть-Новойл\"",3,160,"Отвод П90-102х6 Ст20","ШТ",4,1229.19,4916.76,"450045, г. Уфа, ПАО АНК \"Башнефть\" \"Башнефть-Новойл\""]
["Отводы","ПАО АНК \"Башнефть\" \"Башнефть-Новойл\"",3,161,"Отвод П90-114х8 12Х18Н10Т 1468-120-141..","ШТ",20,994,19880,"450045, г. Уфа, ПАО АНК \"Башнефть\" \"Башнефть-Новойл\""]
["Отводы","ПАО АНК \"Башнефть\" \"Башнефть-Новойл\"",3,162,"Отвод П90-133х6 Ст20","ШТ",12,486.56,5838.72,"450045, г. Уфа, ПАО АНК \"Башнефть\" \"Башнефть-Новойл\""]
["Отводы","ПАО АНК \"Башнефть\" \"Башнефть-Новойл\"",3,163,"Отвод П90-159х4 20 ТУ1468-003-50725464","ШТ",27,159.32,4301.6399999999994,"450045, г. Уфа, ПАО АНК \"Башнефть\" \"Башнефть-Новойл\""]
["Отводы","ПАО АНК \"Башнефть\" \"Башнефть-Новойл\"",3,164,"Отвод П90-168х8.5 л/сталь Л35-11/1000","ШТ",56,7441.97,416750.32,"450045, г. Уфа, ПАО АНК \"Башнефть\" \"Башнефть-Новойл\""]
["Отводы","ПАО АНК \"Башнефть\" \"Башнефть-Новойл\"",3,165,"Отвод П90-273х18 15Х5М ТУ 51-515","ШТ",4,49536.65,198146.6,"450045, г. Уфа, ПАО АНК \"Башнефть\" \"Башнефть-Новойл\""]
["Отводы","ПАО АНК \"Башнефть\" \"Башнефть-Новойл\"",3,166,"Отвод П90-273х30 15Х5М эск.23","ШТ",5,473.69,2368.4499999999998,"450045, г. Уфа, ПАО АНК \"Башнефть\" \"Башнефть-Новойл\""]
["Отводы","ПАО АНК \"Башнефть\" \"Башнефть-Новойл\"",3,167,"Отвод П90-325х9-10Х17Н13М2Т","ШТ",1,34578.480000000003,34578.480000000003,"450045, г. Уфа, ПАО АНК \"Башнефть\" \"Башнефть-Новойл\""]
["Отводы","ПАО АНК \"Башнефть\" \"Башнефть-Новойл\"",3,168,"Отвод П90-530х32 Ст20 эск.14","ШТ",3,3920,11760,"450045, г. Уфа, ПАО АНК \"Башнефть\" \"Башнефть-Новойл\""]
["Отводы","ПАО АНК \"Башнефть\" \"Башнефть-Новойл\"",3,169,"Отвод П90-630х28 12Х1МФ","ШТ",1,217584.99,217584.99,"450045, г. Уфа, ПАО АНК \"Башнефть\" \"Башнефть-Новойл\""]
["Отводы","ПАО АНК \"Башнефть\" \"Башнефть-Новойл\"",3,170,"Отвод П90-720х18 09Г2С","ШТ",4,111724.46,446897.84,"450045, г. Уфа, ПАО АНК \"Башнефть\" \"Башнефть-Новойл\""]
["Отводы","ПАО АНК \"Башнефть\" \"Башнефть-Новойл\"",3,171,"Отвод П90-76х4 Ст20 ГОСТ 12821","ШТ",6,74.89,449.34000000000003,"450045, г. Уфа, ПАО АНК \"Башнефть\" \"Башнефть-Новойл\""]
["Отводы","ПАО АНК \"Башнефть\" \"Башнефть-Новойл\"",3,172,"Отвод секторный 45 1000х8 17Г1С М-09-95","ШТ",2,64458,128916,"450045, г. Уфа, ПАО АНК \"Башнефть\" \"Башнефть-Новойл\""]
["Отводы","ПАО АНК \"Башнефть\" \"Башнефть-Новойл\"",3,173,"Отвод секторный 45 900х8 17Г1С М-09-98","ШТ",1,20132.55,20132.55,"450045, г. Уфа, ПАО АНК \"Башнефть\" \"Башнефть-Новойл\""]
["Отводы","ПАО АНК \"Башнефть\" \"Башнефть-Новойл\"",3,174,"Отвод секторный 90 1000х8 17Г1С М-09-91","ШТ",3,155646.62,466939.86,"450045, г. Уфа, ПАО АНК \"Башнефть\" \"Башнефть-Новойл\""]
["Отводы","ПАО АНК \"Башнефть\" \"Башнефть-Новойл\"",3,175,"Отвод секторный 90 300х8 17Г1С М-09-90","ШТ",8,6428.88,51431.040000000001,"450045, г. Уфа, ПАО АНК \"Башнефть\" \"Башнефть-Новойл\""]
["Отводы","ПАО АНК \"Башнефть\" \"Башнефть-Новойл\"",3,176,"Отвод секторный 90 900х8 17Г1С М-09-93","ШТ",2,132722.57999999999,265445.15999999997,"450045, г. Уфа, ПАО АНК \"Башнефть\" \"Башнефть-Новойл\""]
["Отводы","ПАО АНК \"Башнефть\" \"Башнефть-Новойл\"",3,177,"Отвод секторный Ду1300 12ХМ М-09-60","ШТ",1,359340.68,359340.68,"450045, г. Уфа, ПАО АНК \"Башнефть\" \"Башнефть-Новойл\""]
["Отводы","ПАО АНК \"Башнефть\" \"Башнефть-Новойл\"",3,178,"Отвод секторный Ду900 17Г1С М-09-65","ШТ",2,126462.88,252925.76,"450045, г. Уфа, ПАО АНК \"Башнефть\" \"Башнефть-Новойл\""]
["Отводы","ПАО АНК \"Башнефть\" \"Башнефть-Новойл\"",3,179,"Отвод секторный Ду900 17Г1С М-09-94","ШТ",2,55068.45,110136.9,"450045, г. Уфа, ПАО АНК \"Башнефть\" \"Башнефть-Новойл\""]
["Отводы","ПАО АНК \"Башнефть\" \"Башнефть-Новойл\"",3,180,"Отвод фл. 90 1320х1320х8 17Г1С М-09-115","ШТ",1,38466.44,38466.44,"450045, г. Уфа, ПАО АНК \"Башнефть\" \"Башнефть-Новойл\""]
["Отводы","ПАО АНК \"Башнефть\" \"Башнефть-Новойл\"",3,181,"ОтводП180-219Х12 15Х5М 1468-001-17192736","ШТ",2,15539.94,31079.88,"450045, г. Уфа, ПАО АНК \"Башнефть\" \"Башнефть-Новойл\""]
["Отводы","ПАО АНК \"Башнефть\" \"Башнефть-Новойл\"",3,182,"ОКБ 90-530х12(К52)-1,6-0,6-1,5DN-ХЛ","ШТ",2,24233.47,48466.94,"450045, г. Уфа, ПАО АНК \"Башнефть\" \"Башнефть-Новойл\""]
["Отводы","ПАО АНК \"Башнефть\" \"Башнефть-Новойл\"",3,183,"Отвод 45 1020х10-20","ШТ",9,23930.77,215376.93,"450045, г. Уфа, ПАО АНК \"Башнефть\" \"Башнефть-Новойл\""]
["Отводы","ПАО АНК \"Башнефть\" \"Башнефть-Новойл\"",3,184,"Отвод 90 1020х10-20","ШТ",2,47860.94,95721.88,"450045, г. Уфа, ПАО АНК \"Башнефть\" \"Башнефть-Новойл\""]
["Отводы","ПАО АНК \"Башнефть\" \"Башнефть-Новойл\"",3,185,"Отвод 90-325х16 3D F321","ШТ",7,44102.36,308716.52,"450045, г. Уфа, ПАО АНК \"Башнефть\" \"Башнефть-Новойл\""]
["Отводы","ПАО АНК \"Башнефть\" \"Башнефть-Новойл\"",3,186,"Отвод 90-32х3,5 3D 316Ti","ШТ",3,168.77,506.31000000000006,"450045, г. Уфа, ПАО АНК \"Башнефть\" \"Башнефть-Новойл\""]
["Отводы","ПАО АНК \"Башнефть\" \"Башнефть-Новойл\"",3,187,"Отвод П90-168х8.5 л/сталь Л35-11/1000","ШТ",2,7441.97,14883.94,"450045, г. Уфа, ПАО АНК \"Башнефть\" \"Башнефть-Новойл\""]
["Отводы","ПАО АНК \"Башнефть\" \"Башнефть-Новойл\"",3,188,"Отвод секторный 90 1000х8 17Г1С М-09-91","ШТ",3,155646.62,466939.86,"450045, г. Уфа, ПАО АНК \"Башнефть\" \"Башнефть-Новойл\""]
["Отводы","ПАО АНК \"Башнефть\" \"Башнефть-Новойл\"",3,189,"Отвод секторный 90 900х8 17Г1С М-09-93","ШТ",1,132722.57999999999,132722.57999999999,"450045, г. Уфа, ПАО АНК \"Башнефть\" \"Башнефть-Новойл\""]
["Переходы","ПАО АНК \"Башнефть\" \"Башнефть-Новойл\"",4,190,"Перех.ПК89х6-57х4 12Х18Н10Т","ШТ",37,8.35,308.95,"450045, г. Уфа, ПАО АНК \"Башнефть\" \"Башнефть-Новойл\""]
["Переходы","ПАО АНК \"Башнефть\" \"Башнефть-Новойл\"",4,191,"Переход 05766528-У6.0612-3039-ТХ4-002","ШТ",1,181.58,181.58,"450045, г. Уфа, ПАО АНК \"Башнефть\" \"Башнефть-Новойл\""]
["Переходы","ПАО АНК \"Башнефть\" \"Башнефть-Новойл\"",4,192,"Переход 114х5-108х5 10Х17М13М2Т","ШТ",2,10673.03,21346.06,"450045, г. Уфа, ПАО АНК \"Башнефть\" \"Башнефть-Новойл\""]
["Переходы","ПАО АНК \"Башнефть\" \"Башнефть-Новойл\"",4,193,"Переход 12Х18Н10Т","ШТ",1,92.91,92.91,"450045, г. Уфа, ПАО АНК \"Башнефть\" \"Башнефть-Новойл\""]
["Переходы","ПАО АНК \"Башнефть\" \"Башнефть-Новойл\"",4,194,"Переход 1420х8-914х8 17Г1С М-09-62","ШТ",1,16895.71,16895.71,"450045, г. Уфа, ПАО АНК \"Башнефть\" \"Башнефть-Новойл\""]
["Переходы","ПАО АНК \"Башнефть\" \"Башнефть-Новойл\"",4,195,"Переход 15х10 Ст20","ШТ",9,145.82,1312.3799999999999,"450045, г. Уфа, ПАО АНК \"Башнефть\" \"Башнефть-Новойл\""]
["Переходы","ПАО АНК \"Башнефть\" \"Башнефть-Новойл\"",4,196,"Переход 168-159 15Х5М ч.0118.01.00.000ВО","ШТ",1,17457.759999999998,17457.759999999998,"450045, г. Уфа, ПАО АНК \"Башнефть\" \"Башнефть-Новойл\""]
["Переходы","ПАО АНК \"Башнефть\" \"Башнефть-Новойл\"",4,197,"Переход 2-100х40-3-80х40 ч.7441-10","ШТ",1,29328.76,29328.76,"450045, г. Уфа, ПАО АНК \"Башнефть\" \"Башнефть-Новойл\""]
["Переходы","ПАО АНК \"Башнефть\" \"Башнефть-Новойл\"",4,198,"Переход 2-100Х40-3-80Х40 ч.744210","ШТ",1,14364.44,14364.44,"450045, г. Уфа, ПАО АНК \"Башнефть\" \"Башнефть-Новойл\""]
["Переходы","ПАО АНК \"Башнефть\" \"Башнефть-Новойл\"",4,199,"Переход 22х18 Ст20","ШТ",36,109.52,3942.72,"450045, г. Уфа, ПАО АНК \"Башнефть\" \"Башнефть-Новойл\""]
["Переходы","ПАО АНК \"Башнефть\" \"Башнефть-Новойл\"",4,200,"Переход 2-50х25-3-50х40 ч.7445-10","ШТ",1,13465.42,13465.42,"450045, г. Уфа, ПАО АНК \"Башнефть\" \"Башнефть-Новойл\""]
["Переходы","ПАО АНК \"Башнефть\" \"Башнефть-Новойл\"",4,201,"Переход 25х3.5-18х3 Ст20","ШТ",8,140.69,1125.52,"450045, г. Уфа, ПАО АНК \"Башнефть\" \"Башнефть-Новойл\""]
["Переходы","ПАО АНК \"Башнефть\" \"Башнефть-Новойл\"",4,202,"Переход 25х3.5-18х3.0 09Г2С М-09-67","ШТ",4,160.28,641.12,"450045, г. Уфа, ПАО АНК \"Башнефть\" \"Башнефть-Новойл\""]
["Переходы","ПАО АНК \"Башнефть\" \"Башнефть-Новойл\"",4,203,"Переход 25х3.5-18х3.5 06ХН28МДТ М-09-17","ШТ",12,2194.36,26332.32,"450045, г. Уфа, ПАО АНК \"Башнефть\" \"Башнефть-Новойл\""]
["Переходы","ПАО АНК \"Башнефть\" \"Башнефть-Новойл\"",4,204,"Переход 2-80х40-3-80х40 ч.7443-10","ШТ",1,25824.07,25824.07,"450045, г. Уфа, ПАО АНК \"Башнефть\" \"Башнефть-Новойл\""]
["Переходы","ПАО АНК \"Башнефть\" \"Башнефть-Новойл\"",4,205,"Переход 32х3.5-21х3 Ст20 М-08-61","ШТ",4,64.680000000000007,258.72000000000003,"450045, г. Уфа, ПАО АНК \"Башнефть\" \"Башнефть-Новойл\""]
["Переходы","ПАО АНК \"Башнефть\" \"Башнефть-Новойл\"",4,206,"Переход 4-300х25-1-250х16","ШТ",1,157342.37,157342.37,"450045, г. Уфа, ПАО АНК \"Башнефть\" \"Башнефть-Новойл\""]
["Переходы","ПАО АНК \"Башнефть\" \"Башнефть-Новойл\"",4,207,"Переход 50х15 Ст20","ШТ",6,2152.5,12915,"450045, г. Уфа, ПАО АНК \"Башнефть\" \"Башнефть-Новойл\""]
["Переходы","ПАО АНК \"Башнефть\" \"Башнефть-Новойл\"",4,208,"Переход 5766561-У5114-8002-ТХ3","ШТ",1,22183.06,22183.06,"450045, г. Уфа, ПАО АНК \"Башнефть\" \"Башнефть-Новойл\""]
["Переходы","ПАО АНК \"Башнефть\" \"Башнефть-Новойл\"",4,209,"Переход 700х700-400 Ст17Г1С","ШТ",1,13797.99,13797.99,"450045, г. Уфа, ПАО АНК \"Башнефть\" \"Башнефть-Новойл\""]
["Переходы","ПАО АНК \"Башнефть\" \"Башнефть-Новойл\"",4,210,"Переход 914х8-813х8 Н-600мм 09Г2С","ШТ",1,35038.49,35038.49,"450045, г. Уфа, ПАО АНК \"Башнефть\" \"Башнефть-Новойл\""]
["Переходы","ПАО АНК \"Башнефть\" \"Башнефть-Новойл\"",4,211,"Переход К 108х6-57х5-15Х5М","ШТ",1,739.37,739.37,"450045, г. Уфа, ПАО АНК \"Башнефть\" \"Башнефть-Новойл\""]
["Переходы","ПАО АНК \"Башнефть\" \"Башнефть-Новойл\"",4,212,"Переход К 108Х6-76Х5-09Г2С","ШТ",1,215.02,215.02,"450045, г. Уфа, ПАО АНК \"Башнефть\" \"Башнефть-Новойл\""]
["Переходы","ПАО АНК \"Башнефть\" \"Башнефть-Новойл\"",4,213,"Переход К 273Х12-219Х10-15Х5М","ШТ",1,5663.57,5663.57,"450045, г. Уфа, ПАО АНК \"Башнефть\" \"Башнефть-Новойл\""]
["Переходы","ПАО АНК \"Башнефть\" \"Башнефть-Новойл\"",4,214,"Переход К 325Х8-219Х7","ШТ",1,1166.9000000000001,1166.9000000000001,"450045, г. Уфа, ПАО АНК \"Башнефть\" \"Башнефть-Новойл\""]
["Переходы","ПАО АНК \"Башнефть\" \"Башнефть-Новойл\"",4,215,"Переход К 426Х12-219Х8","ШТ",2,4430.3,8860.6,"450045, г. Уфа, ПАО АНК \"Башнефть\" \"Башнефть-Новойл\""]
["Переходы","ПАО АНК \"Башнефть\" \"Башнефть-Новойл\"",4,216,"Переход К 426Х16-219Х10-09Г2С","ШТ",2,9208.16,18416.32,"450045, г. Уфа, ПАО АНК \"Башнефть\" \"Башнефть-Новойл\""]
["Переходы","ПАО АНК \"Башнефть\" \"Башнефть-Новойл\"",4,217,"Переход К 530х325х12 17ГС","ШТ",2,13017.19,26034.38,"450045, г. Уфа, ПАО АНК \"Башнефть\" \"Башнефть-Новойл\""]
["Переходы","ПАО АНК \"Башнефть\" \"Башнефть-Новойл\"",4,218,"Переход К 530х325х12 17ГС","ШТ",1,16042.82,16042.82,"450045, г. Уфа, ПАО АНК \"Башнефть\" \"Башнефть-Новойл\""]
["Переходы","ПАО АНК \"Башнефть\" \"Башнефть-Новойл\"",4,219,"Переход К 530х325х8 Ст3сп","ШТ",1,12143.1,12143.1,"450045, г. Уфа, ПАО АНК \"Башнефть\" \"Башнефть-Новойл\""]
["Переходы","ПАО АНК \"Башнефть\" \"Башнефть-Новойл\"",4,220,"Переход К 630х28-426х28-15Х1М1Ф","ШТ",2,67227.039999999994,134454.07999999999,"450045, г. Уфа, ПАО АНК \"Башнефть\" \"Башнефть-Новойл\""]
["Переходы","ПАО АНК \"Башнефть\" \"Башнефть-Новойл\"",4,221,"Переход К 89х6-45х4-15Х5М","ШТ",1,861.26,861.26,"450045, г. Уфа, ПАО АНК \"Башнефть\" \"Башнефть-Новойл\""]
["Переходы","ПАО АНК \"Башнефть\" \"Башнефть-Новойл\"",4,222,"Переход К15х10 ч.У-II-59-2366","ШТ",3,118.27,354.81,"450045, г. Уфа, ПАО АНК \"Башнефть\" \"Башнефть-Новойл\""]
["Переходы","ПАО АНК \"Башнефть\" \"Башнефть-Новойл\"",4,223,"Переход К20х15-01 Ст20 У-II-59-2366","ШТ",3,142.38999999999999,427.16999999999996,"450045, г. Уфа, ПАО АНК \"Башнефть\" \"Башнефть-Новойл\""]
["Переходы","ПАО АНК \"Башнефть\" \"Башнефть-Новойл\"",4,224,"Переход К20х15-06 Ст20","ШТ",14,181.37,2539.1800000000003,"450045, г. Уфа, ПАО АНК \"Башнефть\" \"Башнефть-Новойл\""]
["Переходы","ПАО АНК \"Башнефть\" \"Башнефть-Новойл\"",4,225,"Переход К20х15-07 Ст20","ШТ",4,306.07,1224.28,"450045, г. Уфа, ПАО АНК \"Башнефть\" \"Башнефть-Новойл\""]
["Переходы","ПАО АНК \"Башнефть\" \"Башнефть-Новойл\"",4,226,"Переход К20х15-08 Ст20","ШТ",6,283.39,1700.34,"450045, г. Уфа, ПАО АНК \"Башнефть\" \"Башнефть-Новойл\""]
["Переходы","ПАО АНК \"Башнефть\" \"Башнефть-Новойл\"",4,227,"Переход К25х15 Ст20","ШТ",1,174.23,174.23,"450045, г. Уфа, ПАО АНК \"Башнефть\" \"Башнефть-Новойл\""]
["Переходы","ПАО АНК \"Башнефть\" \"Башнефть-Новойл\"",4,228,"Переход К32х3.5-18х3.5 09Г2С М-08-44","ШТ",1,196.81,196.81,"450045, г. Уфа, ПАО АНК \"Башнефть\" \"Башнефть-Новойл\""]
["Переходы","ПАО АНК \"Башнефть\" \"Башнефть-Новойл\"",4,229,"Переход К32х3.6-21.3х3.2 09Г2С","ШТ",1,2387.83,2387.83,"450045, г. Уфа, ПАО АНК \"Башнефть\" \"Башнефть-Новойл\""]
["Переходы","ПАО АНК \"Башнефть\" \"Башнефть-Новойл\"",4,230,"Переход К45х2.5-25х1.6 Ст20 17378","ШТ",18,34.33,617.93999999999994,"450045, г. Уфа, ПАО АНК \"Башнефть\" \"Башнефть-Новойл\""]
["Переходы","ПАО АНК \"Башнефть\" \"Башнефть-Новойл\"",4,231,"Переход КПС 800х600-2,5 09Г2С","ШТ",1,22798.48,22798.48,"450045, г. Уфа, ПАО АНК \"Башнефть\" \"Башнефть-Новойл\""]
["Переходы","ПАО АНК \"Башнефть\" \"Башнефть-Новойл\"",4,232,"Переход П К 108х6-89х5-15Х5М","ШТ",4,263.48,1053.92,"450045, г. Уфа, ПАО АНК \"Башнефть\" \"Башнефть-Новойл\""]
["Переходы","ПАО АНК \"Башнефть\" \"Башнефть-Новойл\"",4,233,"Переход П К 108х6-89х6-15Х5М","ШТ",3,439.82,1319.46,"450045, г. Уфа, ПАО АНК \"Башнефть\" \"Башнефть-Новойл\""]
["Переходы","ПАО АНК \"Башнефть\" \"Башнефть-Новойл\"",4,234,"Переход П К 133Х8-108Х6","ШТ",7,199.06,1393.42,"450045, г. Уфа, ПАО АНК \"Башнефть\" \"Башнефть-Новойл\""]
["Переходы","ПАО АНК \"Башнефть\" \"Башнефть-Новойл\"",4,235,"Переход П К 133х8-108х6-15Х5М","ШТ",4,1219.6300000000001,4878.5200000000004,"450045, г. Уфа, ПАО АНК \"Башнефть\" \"Башнефть-Новойл\""]
["Переходы","ПАО АНК \"Башнефть\" \"Башнефть-Новойл\"",4,236,"Переход П К 133х8-108х6-15Х5М","ШТ",6,1331.56,7989.36,"450045, г. Уфа, ПАО АНК \"Башнефть\" \"Башнефть-Новойл\""]
["Переходы","ПАО АНК \"Башнефть\" \"Башнефть-Новойл\"",4,237,"Переход П К 133х8-89х4,5-12Х18Н10Т","ШТ",6,37.51,225.06,"450045, г. Уфа, ПАО АНК \"Башнефть\" \"Башнефть-Новойл\""]
["Переходы","ПАО АНК \"Башнефть\" \"Башнефть-Новойл\"",4,238,"Переход П К 159х10-152х9-08Х18Н10Т","ШТ",2,2141.98,4283.96,"450045, г. Уфа, ПАО АНК \"Башнефть\" \"Башнефть-Новойл\""]
["Переходы","ПАО АНК \"Башнефть\" \"Башнефть-Новойл\"",4,239,"Переход П К 159Х10-89Х8-15Х5М","ШТ",1,1337.6,1337.6,"450045, г. Уфа, ПАО АНК \"Башнефть\" \"Башнефть-Новойл\""]
["Переходы","ПАО АНК \"Башнефть\" \"Башнефть-Новойл\"",4,240,"Переход П К 159х12-133х12","ШТ",19,136.91,2601.29,"450045, г. Уфа, ПАО АНК \"Башнефть\" \"Башнефть-Новойл\""]
["Переходы","ПАО АНК \"Башнефть\" \"Башнефть-Новойл\"",4,241,"Переход П К 159х4,5-108х4-08Х18Н10Т","ШТ",1,1798.73,1798.73,"450045, г. Уфа, ПАО АНК \"Башнефть\" \"Башнефть-Новойл\""]
["Переходы","ПАО АНК \"Башнефть\" \"Башнефть-Новойл\"",4,242,"Переход П К 159х6-133х5","ШТ",1,270.54000000000002,270.54000000000002,"450045, г. Уфа, ПАО АНК \"Башнефть\" \"Башнефть-Новойл\""]
["Переходы","ПАО АНК \"Башнефть\" \"Башнефть-Новойл\"",4,243,"Переход П К 159х7-133х6","ШТ",24,296.39,7113.36,"450045, г. Уфа, ПАО АНК \"Башнефть\" \"Башнефть-Новойл\""]
["Переходы","ПАО АНК \"Башнефть\" \"Башнефть-Новойл\"",4,244,"Переход П К 15х4-10х4-12Х18Н10Т","ШТ",18,89.44,1609.92,"450045, г. Уфа, ПАО АНК \"Башнефть\" \"Башнефть-Новойл\""]
["Переходы","ПАО АНК \"Башнефть\" \"Башнефть-Новойл\"",4,245,"Переход П К 219х10-159х10-15Х5М","ШТ",4,2070.6799999999998,8282.7199999999993,"450045, г. Уфа, ПАО АНК \"Башнефть\" \"Башнефть-Новойл\""]
["Переходы","ПАО АНК \"Башнефть\" \"Башнефть-Новойл\"",4,246,"Переход П К 219х10-159х8-08Х18Н10Т","ШТ",1,4280.63,4280.63,"450045, г. Уфа, ПАО АНК \"Башнефть\" \"Башнефть-Новойл\""]
["Переходы","ПАО АНК \"Башнефть\" \"Башнефть-Новойл\"",4,247,"Переход П К 219Х10-159Х8-15Х5М","ШТ",3,1972.73,5918.1900000000005,"450045, г. Уфа, ПАО АНК \"Башнефть\" \"Башнефть-Новойл\""]
["Переходы","ПАО АНК \"Башнефть\" \"Башнефть-Новойл\"",4,248,"Переход П К 219х10-57х4-12Х18Н10Т","ШТ",1,7732.93,7732.93,"450045, г. Уфа, ПАО АНК \"Башнефть\" \"Башнефть-Новойл\""]
["Переходы","ПАО АНК \"Башнефть\" \"Башнефть-Новойл\"",4,249,"Переход П К 219Х12-159Х10-15Х5М","ШТ",5,2528.9899999999998,12644.949999999999,"450045, г. Уфа, ПАО АНК \"Башнефть\" \"Башнефть-Новойл\""]
["Переходы","ПАО АНК \"Башнефть\" \"Башнефть-Новойл\"",4,250,"Переход П К 219х12-89х6","ШТ",1,801.05,801.05,"450045, г. Уфа, ПАО АНК \"Башнефть\" \"Башнефть-Новойл\""]
["Переходы","ПАО АНК \"Башнефть\" \"Башнефть-Новойл\"",4,251,"Переход П К 219х14-159х12-15Х5М","ШТ",7,2609.7399999999998,18268.18,"450045, г. Уфа, ПАО АНК \"Башнефть\" \"Башнефть-Новойл\""]
["Переходы","ПАО АНК \"Башнефть\" \"Башнефть-Новойл\"",4,252,"Переход П К 219х14-89х5","ШТ",3,3296.81,9890.43,"450045, г. Уфа, ПАО АНК \"Башнефть\" \"Башнефть-Новойл\""]
["Переходы","ПАО АНК \"Башнефть\" \"Башнефть-Новойл\"",4,253,"Переход П К 219х14-89х6","ШТ",2,2779.68,5559.36,"450045, г. Уфа, ПАО АНК \"Башнефть\" \"Башнефть-Новойл\""]
["Переходы","ПАО АНК \"Башнефть\" \"Башнефть-Новойл\"",4,254,"Переход П К 273х10-89х6","ШТ",38,182.96,6952.4800000000005,"450045, г. Уфа, ПАО АНК \"Башнефть\" \"Башнефть-Новойл\""]
["Переходы","ПАО АНК \"Башнефть\" \"Башнефть-Новойл\"",4,255,"Переход П К 273х12-219х8","ШТ",1,658.65,658.65,"450045, г. Уфа, ПАО АНК \"Башнефть\" \"Башнефть-Новойл\""]
["Переходы","ПАО АНК \"Башнефть\" \"Башнефть-Новойл\"",4,256,"Переход П К 325х10-108х6","ШТ",7,1169.99,8189.93,"450045, г. Уфа, ПАО АНК \"Башнефть\" \"Башнефть-Новойл\""]
["Переходы","ПАО АНК \"Башнефть\" \"Башнефть-Новойл\"",4,257,"Переход П К 325х10-108х6","ШТ",2,5.33,10.66,"450045, г. Уфа, ПАО АНК \"Башнефть\" \"Башнефть-Новойл\""]
["Переходы","ПАО АНК \"Башнефть\" \"Башнефть-Новойл\"",4,258,"Переход П К 325х10-159х10","ШТ",1,1312,1312,"450045, г. Уфа, ПАО АНК \"Башнефть\" \"Башнефть-Новойл\""]
["Переходы","ПАО АНК \"Башнефть\" \"Башнефть-Новойл\"",4,259,"Переход П К 325х10-159х8","ШТ",7,1166.6199999999999,8166.3399999999992,"450045, г. Уфа, ПАО АНК \"Башнефть\" \"Башнефть-Новойл\""]
["Переходы","ПАО АНК \"Башнефть\" \"Башнефть-Новойл\"",4,260,"Переход П К 325х12-108х6","ШТ",4,1204.06,4816.24,"450045, г. Уфа, ПАО АНК \"Башнефть\" \"Башнефть-Новойл\""]
["Переходы","ПАО АНК \"Башнефть\" \"Башнефть-Новойл\"",4,261,"Переход П К 325Х12-108Х6-09Г2С","ШТ",2,1171.1500000000001,2342.3000000000002,"450045, г. Уфа, ПАО АНК \"Башнефть\" \"Башнефть-Новойл\""]
["Переходы","ПАО АНК \"Башнефть\" \"Башнефть-Новойл\"",4,262,"Переход П К 325Х12-108Х6-09Г2С","ШТ",1,1509.62,1509.62,"450045, г. Уфа, ПАО АНК \"Башнефть\" \"Башнефть-Новойл\""]
["Переходы","ПАО АНК \"Башнефть\" \"Башнефть-Новойл\"",4,263,"Переход П К 325Х12-159Х8","ШТ",7,1248.47,8739.2900000000009,"450045, г. Уфа, ПАО АНК \"Башнефть\" \"Башнефть-Новойл\""]
["Переходы","ПАО АНК \"Башнефть\" \"Башнефть-Новойл\"",4,264,"Переход П К 325х12-219х10-12Х18Н10Т","ШТ",1,17319.830000000002,17319.830000000002,"450045, г. Уфа, ПАО АНК \"Башнефть\" \"Башнефть-Новойл\""]
["Переходы","ПАО АНК \"Башнефть\" \"Башнефть-Новойл\"",4,265,"Переход П К 325х12-273х10-09Г2С","ШТ",16,8.26,132.16,"450045, г. Уфа, ПАО АНК \"Башнефть\" \"Башнефть-Новойл\""]
["Переходы","ПАО АНК \"Башнефть\" \"Башнефть-Новойл\"",4,266,"Переход П К 325х12-273х10-12Х18Н10Т","ШТ",2,15.13,30.26,"450045, г. Уфа, ПАО АНК \"Башнефть\" \"Башнефть-Новойл\""]
["Переходы","ПАО АНК \"Башнефть\" \"Башнефть-Новойл\"",4,267,"Переход П К 325х12-273х12-15Х5М-У","ШТ",7,5173.79,36216.53,"450045, г. Уфа, ПАО АНК \"Башнефть\" \"Башнефть-Новойл\""]
["Переходы","ПАО АНК \"Башнефть\" \"Башнефть-Новойл\"",4,268,"Переход П К 325х14-108х6","ШТ",1,1126.31,1126.31,"450045, г. Уфа, ПАО АНК \"Башнефть\" \"Башнефть-Новойл\""]
["Переходы","ПАО АНК \"Башнефть\" \"Башнефть-Новойл\"",4,269,"Переход П К 325х16-159х10-09Г2С","ШТ",5,1288.27,6441.35,"450045, г. Уфа, ПАО АНК \"Башнефть\" \"Башнефть-Новойл\""]
["Переходы","ПАО АНК \"Башнефть\" \"Башнефть-Новойл\"",4,270,"Переход П К 325х16-159х10-09Г2С","ШТ",12,1262.8800000000001,15154.560000000001,"450045, г. Уфа, ПАО АНК \"Башнефть\" \"Башнефть-Новойл\""]
["Переходы","ПАО АНК \"Башнефть\" \"Башнефть-Новойл\"",4,271,"Переход П К 377х16-108х6-09Г2С","ШТ",1,5082.57,5082.57,"450045, г. Уфа, ПАО АНК \"Башнефть\" \"Башнефть-Новойл\""]
["Переходы","ПАО АНК \"Башнефть\" \"Башнефть-Новойл\"",4,272,"Переход П К 377х16-89х6-09Г2С","ШТ",1,4423.72,4423.72,"450045, г. Уфа, ПАО АНК \"Башнефть\" \"Башнефть-Новойл\""]
["Переходы","ПАО АНК \"Башнефть\" \"Башнефть-Новойл\"",4,273,"Переход П К 426Х12-159Х8-09Г2С","ШТ",1,3998.53,3998.53,"450045, г. Уфа, ПАО АНК \"Башнефть\" \"Башнефть-Новойл\""]
["Переходы","ПАО АНК \"Башнефть\" \"Башнефть-Новойл\"",4,274,"Переход П К 426Х14-377Х14","ШТ",5,3939.83,19699.150000000001,"450045, г. Уфа, ПАО АНК \"Башнефть\" \"Башнефть-Новойл\""]
["Переходы","ПАО АНК \"Башнефть\" \"Башнефть-Новойл\"",4,275,"Переход П К 426х16-219х10","ШТ",2,13378.22,26756.44,"450045, г. Уфа, ПАО АНК \"Башнефть\" \"Башнефть-Новойл\""]
["Переходы","ПАО АНК \"Башнефть\" \"Башнефть-Новойл\"",4,276,"Переход П К 426х16-377х14-15Х5М","ШТ",1,14291.49,14291.49,"450045, г. Уфа, ПАО АНК \"Башнефть\" \"Башнефть-Новойл\""]
["Переходы","ПАО АНК \"Башнефть\" \"Башнефть-Новойл\"",4,277,"Переход П К 426х16-377х14-15Х5М","ШТ",2,15123.3,30246.6,"450045, г. Уфа, ПАО АНК \"Башнефть\" \"Башнефть-Новойл\""]
["Переходы","ПАО АНК \"Башнефть\" \"Башнефть-Новойл\"",4,278,"Переход П К 426х16-377х14-15Х5М","ШТ",1,17757.849999999999,17757.849999999999,"450045, г. Уфа, ПАО АНК \"Башнефть\" \"Башнефть-Новойл\""]
["Переходы","ПАО АНК \"Башнефть\" \"Башнефть-Новойл\"",4,279,"Переход П К 426х9-325х9-15Х5М","ШТ",2,2821.81,5643.62,"450045, г. Уфа, ПАО АНК \"Башнефть\" \"Башнефть-Новойл\""]
["Переходы","ПАО АНК \"Башнефть\" \"Башнефть-Новойл\"",4,280,"Переход П К 45х4-25х4-08Х18Н10Т","ШТ",1,657.88,657.88,"450045, г. Уфа, ПАО АНК \"Башнефть\" \"Башнефть-Новойл\""]
["Переходы","ПАО АНК \"Башнефть\" \"Башнефть-Новойл\"",4,281,"Переход П К 520х12-426х12","ШТ",4,2676.16,10704.64,"450045, г. Уфа, ПАО АНК \"Башнефть\" \"Башнефть-Новойл\""]
["Переходы","ПАО АНК \"Башнефть\" \"Башнефть-Новойл\"",4,282,"Переход П К 520х12-426х12","ШТ",3,1901.33,5703.99,"450045, г. Уфа, ПАО АНК \"Башнефть\" \"Башнефть-Новойл\""]
["Переходы","ПАО АНК \"Башнефть\" \"Башнефть-Новойл\"",4,283,"Переход П К 530Х12-377Х10-09Г2С","ШТ",2,10108.51,20217.02,"450045, г. Уфа, ПАО АНК \"Башнефть\" \"Башнефть-Новойл\""]
["Переходы","ПАО АНК \"Башнефть\" \"Башнефть-Новойл\"",4,284,"Переход П К 57х5-45х4-12Х18Н10Т","ШТ",6,325.36,1952.16,"450045, г. Уфа, ПАО АНК \"Башнефть\" \"Башнефть-Новойл\""]
["Переходы","ПАО АНК \"Башнефть\" \"Башнефть-Новойл\"",4,285,"Переход П К 625х12-530х12","ШТ",2,951.38,1902.76,"450045, г. Уфа, ПАО АНК \"Башнефть\" \"Башнефть-Новойл\""]
["Переходы","ПАО АНК \"Башнефть\" \"Башнефть-Новойл\"",4,286,"Переход П К 89х5-76х5-12Х18Н10Т","ШТ",2,509.66,1019.32,"450045, г. Уфа, ПАО АНК \"Башнефть\" \"Башнефть-Новойл\""]
["Переходы","ПАО АНК \"Башнефть\" \"Башнефть-Новойл\"",4,287,"Переход П К 89х6-76х5-08Х18Н10Т","ШТ",2,965.65,1931.3,"450045, г. Уфа, ПАО АНК \"Башнефть\" \"Башнефть-Новойл\""]
["Переходы","ПАО АНК \"Башнефть\" \"Башнефть-Новойл\"",4,288,"Переход П К 89х6-76х5-15Х5М","ШТ",2,1167.8499999999999,2335.6999999999998,"450045, г. Уфа, ПАО АНК \"Башнефть\" \"Башнефть-Новойл\""]
["Переходы","ПАО АНК \"Башнефть\" \"Башнефть-Новойл\"",4,289,"Переход П К 89х6-76х6-12Х18Н10Т","ШТ",88,5.45,479.6,"450045, г. Уфа, ПАО АНК \"Башнефть\" \"Башнефть-Новойл\""]
["Переходы","ПАО АНК \"Башнефть\" \"Башнефть-Новойл\"",4,290,"Переход П Э 108х6-76х5","ШТ",1,282.75,282.75,"450045, г. Уфа, ПАО АНК \"Башнефть\" \"Башнефть-Новойл\""]
["Переходы","ПАО АНК \"Башнефть\" \"Башнефть-Новойл\"",4,291,"Переход П Э 108х8-76х6","ШТ",2,343.16,686.32,"450045, г. Уфа, ПАО АНК \"Башнефть\" \"Башнефть-Новойл\""]
["Переходы","ПАО АНК \"Башнефть\" \"Башнефть-Новойл\"",4,292,"Переход П Э 108х8-76х6","ШТ",2,356.72,713.44,"450045, г. Уфа, ПАО АНК \"Башнефть\" \"Башнефть-Новойл\""]
["Переходы","ПАО АНК \"Башнефть\" \"Башнефть-Новойл\"",4,293,"Переход П Э 159Х4,5-89Х3,5-09Г2С","ШТ",17,56.26,956.42,"450045, г. Уфа, ПАО АНК \"Башнефть\" \"Башнефть-Новойл\""]
["Переходы","ПАО АНК \"Башнефть\" \"Башнефть-Новойл\"",4,294,"Переход П Э 159х7-108х6","ШТ",55,12.24,673.2,"450045, г. Уфа, ПАО АНК \"Башнефть\" \"Башнефть-Новойл\""]
["Переходы","ПАО АНК \"Башнефть\" \"Башнефть-Новойл\"",4,295,"Переход П Э 219х10-114х6","ШТ",7,4601.33,32209.309999999998,"450045, г. Уфа, ПАО АНК \"Башнефть\" \"Башнефть-Новойл\""]
["Переходы","ПАО АНК \"Башнефть\" \"Башнефть-Новойл\"",4,296,"Переход П Э 219х10-159х8-12Х18Н10Т","ШТ",2,11784.01,23568.02,"450045, г. Уфа, ПАО АНК \"Башнефть\" \"Башнефть-Новойл\""]
["Переходы","ПАО АНК \"Башнефть\" \"Башнефть-Новойл\"",4,297,"Переход П Э 219Х10-57Х4-09Г2С","ШТ",1,4519.5600000000004,4519.5600000000004,"450045, г. Уфа, ПАО АНК \"Башнефть\" \"Башнефть-Новойл\""]
["Переходы","ПАО АНК \"Башнефть\" \"Башнефть-Новойл\"",4,298,"Переход П Э 219х14-57х5-15Х5М","ШТ",2,9120.74,18241.48,"450045, г. Уфа, ПАО АНК \"Башнефть\" \"Башнефть-Новойл\""]
["Переходы","ПАО АНК \"Башнефть\" \"Башнефть-Новойл\"",4,299,"Переход П Э 273х10-219х8-15Х5М","ШТ",1,6568.9,6568.9,"450045, г. Уфа, ПАО АНК \"Башнефть\" \"Башнефть-Новойл\""]
["Переходы","ПАО АНК \"Башнефть\" \"Башнефть-Новойл\"",4,300,"Переход П Э 720х10-273х10","ШТ",1,410.53,410.53,"450045, г. Уфа, ПАО АНК \"Башнефть\" \"Башнефть-Новойл\""]
["Переходы","ПАО АНК \"Башнефть\" \"Башнефть-Новойл\"",4,301,"Переход П Э-159х8-76х6","ШТ",5,2297,11485,"450045, г. Уфа, ПАО АНК \"Башнефть\" \"Башнефть-Новойл\""]
["Переходы","ПАО АНК \"Башнефть\" \"Башнефть-Новойл\"",4,302,"Переход ПК 133Х8-108Х6-15Х5М","ШТ",1,680.8,680.8,"450045, г. Уфа, ПАО АНК \"Башнефть\" \"Башнефть-Новойл\""]
["Переходы","ПАО АНК \"Башнефть\" \"Башнефть-Новойл\"",4,303,"Переход ПК 159х8-133х8-08Х18Н10Т","ШТ",3,4724.87,14174.61,"450045, г. Уфа, ПАО АНК \"Башнефть\" \"Башнефть-Новойл\""]
["Переходы","ПАО АНК \"Башнефть\" \"Башнефть-Новойл\"",4,304,"Переход ПК 377х18-325х14-15Х5М","ШТ",1,19073.96,19073.96,"450045, г. Уфа, ПАО АНК \"Башнефть\" \"Башнефть-Новойл\""]
["Переходы","ПАО АНК \"Башнефть\" \"Башнефть-Новойл\"",4,305,"Переход ПК108х6-76х5 Ст20 17378","ШТ",2,107.77,215.54,"450045, г. Уфа, ПАО АНК \"Башнефть\" \"Башнефть-Новойл\""]
["Переходы","ПАО АНК \"Башнефть\" \"Башнефть-Новойл\"",4,306,"Переход ПК108х6-89х5 Ст20 17378","ШТ",1,44.01,44.01,"450045, г. Уфа, ПАО АНК \"Башнефть\" \"Башнефть-Новойл\""]
["Переходы","ПАО АНК \"Башнефть\" \"Башнефть-Новойл\"",4,307,"Переход ПК108х8-76х6 Ст20","ШТ",1,157.16,157.16,"450045, г. Уфа, ПАО АНК \"Башнефть\" \"Башнефть-Новойл\""]
["Переходы","ПАО АНК \"Башнефть\" \"Башнефть-Новойл\"",4,308,"Переход ПК108х8-76х6 Ст20","ШТ",51,167.29,8531.7899999999991,"450045, г. Уфа, ПАО АНК \"Башнефть\" \"Башнефть-Новойл\""]
["Переходы","ПАО АНК \"Башнефть\" \"Башнефть-Новойл\"",4,309,"Переход ПК108х8-76х6 Ст20","ШТ",1,164.27,164.27,"450045, г. Уфа, ПАО АНК \"Башнефть\" \"Башнефть-Новойл\""]
["Переходы","ПАО АНК \"Башнефть\" \"Башнефть-Новойл\"",4,310,"Переход ПК133х8-108х6 09Г2С 17378","ШТ",2,294.07,588.14,"450045, г. Уфа, ПАО АНК \"Башнефть\" \"Башнефть-Новойл\""]
["Переходы","ПАО АНК \"Башнефть\" \"Башнефть-Новойл\"",4,311,"Переход ПК159х10-76х6 Ст20","ШТ",8,418.06,3344.48,"450045, г. Уфа, ПАО АНК \"Башнефть\" \"Башнефть-Новойл\""]
["Переходы","ПАО АНК \"Башнефть\" \"Башнефть-Новойл\"",4,312,"Переход ПК159х4.5-76х3.5 Ст20 17378","ШТ",9,26.22,235.98,"450045, г. Уфа, ПАО АНК \"Башнефть\" \"Башнефть-Новойл\""]
["Переходы","ПАО АНК \"Башнефть\" \"Башнефть-Новойл\"",4,313,"Переход ПК159х4-108х6 12Х18Н10Т 1468-010","ШТ",4,24.42,97.68,"450045, г. Уфа, ПАО АНК \"Башнефть\" \"Башнефть-Новойл\""]
["Переходы","ПАО АНК \"Башнефть\" \"Башнефть-Новойл\"",4,314,"Переход ПК168х12-159х10 15Х5М 1468-002","ШТ",1,1665.56,1665.56,"450045, г. Уфа, ПАО АНК \"Башнефть\" \"Башнефть-Новойл\""]
["Переходы","ПАО АНК \"Башнефть\" \"Башнефть-Новойл\"",4,315,"Переход ПК20х4-10х4 Ст20 М-08-18","ШТ",20,11.59,231.8,"450045, г. Уфа, ПАО АНК \"Башнефть\" \"Башнефть-Новойл\""]
["Переходы","ПАО АНК \"Башнефть\" \"Башнефть-Новойл\"",4,316,"Переход ПК219Х10-108Х6 08Х18Н10Т","ШТ",1,7530.95,7530.95,"450045, г. Уфа, ПАО АНК \"Башнефть\" \"Башнефть-Новойл\""]
["Переходы","ПАО АНК \"Башнефть\" \"Башнефть-Новойл\"",4,317,"Переход ПК219Х10-159Х8 12Х18Н10Т 1468-12","ШТ",2,4223.59,8447.18,"450045, г. Уфа, ПАО АНК \"Башнефть\" \"Башнефть-Новойл\""]
["Переходы","ПАО АНК \"Башнефть\" \"Башнефть-Новойл\"",4,318,"Переход ПК219х10-89х5 12Х18Н10Т","ШТ",1,6462.65,{"$f":"G322*H322","v":6462.65},"450045, г. Уфа, ПАО АНК \"Башнефть\" \"Башнефть-Новойл\""]
["Переходы","ПАО АНК \"Башнефть\" \"Башнефть-Новойл\"",4,319,"Переход ПК25х3-45х4 Ст20 М-08-18","ШТ",1,3.01,3.01,"450045, г. Уфа, ПАО АНК \"Башнефть\" \"Башнефть-Новойл\""]
["Переходы","ПАО АНК \"Башнефть\" \"Башнефть-Новойл\"",4,320,"Переход ПК25х4-15х4 12Х18Н10Т","ШТ",18,138.51,2493.1799999999998,"450045, г. Уфа, ПАО АНК \"Башнефть\" \"Башнефть-Новойл\""]
["Переходы","ПАО АНК \"Башнефть\" \"Башнефть-Новойл\"",4,321,"Переход ПК25х4-15х4 Ст20 34-10-754","ШТ",127,170.41,21642.07,"450045, г. Уфа, ПАО АНК \"Башнефть\" \"Башнефть-Новойл\""]
["Переходы","ПАО АНК \"Башнефть\" \"Башнефть-Новойл\"",4,322,"Переход ПК273х7-108х6 09Г2С 17378","ШТ",1,945.37,945.37,"450045, г. Уфа, ПАО АНК \"Башнефть\" \"Башнефть-Новойл\""]
["Переходы","ПАО АНК \"Башнефть\" \"Башнефть-Новойл\"",4,323,"Переход ПК325Х10-273Х10 10Х17Н13М2Т ТУ","ШТ",1,16684.490000000002,16684.490000000002,"450045, г. Уфа, ПАО АНК \"Башнефть\" \"Башнефть-Новойл\""]
["Переходы","ПАО АНК \"Башнефть\" \"Башнефть-Новойл\"",4,324,"Переход ПК325х12-273х10 Ст20 17378","ШТ",1,122.86,122.86,"450045, г. Уфа, ПАО АНК \"Башнефть\" \"Башнефть-Новойл\""]
["Переходы","ПАО АНК \"Башнефть\" \"Башнефть-Новойл\"",4,325,"Переход ПК325Х12-273Х12 08Х18Н10Т","ШТ",2,10446.629999999999,20893.259999999998,"450045, г. Уфа, ПАО АНК \"Башнефть\" \"Башнефть-Новойл\""]
["Переходы","ПАО АНК \"Башнефть\" \"Башнефть-Новойл\"",4,326,"Переход ПК325х12-273х12 09Г2С 17378","ШТ",46,24.79,1140.3399999999999,"450045, г. Уфа, ПАО АНК \"Башнефть\" \"Башнефть-Новойл\""]
["Переходы","ПАО АНК \"Башнефть\" \"Башнефть-Новойл\"",4,327,"Переход ПК325х8-159х5 09Г2С 17378","ШТ",1,175.72,175.72,"450045, г. Уфа, ПАО АНК \"Башнефть\" \"Башнефть-Новойл\""]
["Переходы","ПАО АНК \"Башнефть\" \"Башнефть-Новойл\"",4,328,"Переход ПК32х4-20х4 12Х18Н10Т","ШТ",2,225.07,450.14,"450045, г. Уфа, ПАО АНК \"Башнефть\" \"Башнефть-Новойл\""]
["Переходы","ПАО АНК \"Башнефть\" \"Башнефть-Новойл\"",4,329,"Переход ПК377х12-325х12 12Х18Н10Т","ШТ",4,37675.660000000003,150702.64000000001,"450045, г. Уфа, ПАО АНК \"Башнефть\" \"Башнефть-Новойл\""]
["Переходы","ПАО АНК \"Башнефть\" \"Башнефть-Новойл\"",4,330,"Переход ПК377х16-219х10 15х5М 36000-010","ШТ",2,9988.8799999999992,19977.759999999998,"450045, г. Уфа, ПАО АНК \"Башнефть\" \"Башнефть-Новойл\""]
["Переходы","ПАО АНК \"Башнефть\" \"Башнефть-Новойл\"",4,331,"Переход ПК38х3.5-32х3.5 Ст20 М-08-18","ШТ",1,17.149999999999999,17.149999999999999,"450045, г. Уфа, ПАО АНК \"Башнефть\" \"Башнефть-Новойл\""]
["Переходы","ПАО АНК \"Башнефть\" \"Башнефть-Новойл\"",4,332,"Переход ПК38х4-25х3 12Х18Н10Т по ТУ","ШТ",3,1572.57,4717.71,"450045, г. Уфа, ПАО АНК \"Башнефть\" \"Башнефть-Новойл\""]
["Переходы","ПАО АНК \"Башнефть\" \"Башнефть-Новойл\"",4,333,"Переход ПК38х4-25х4 12Х18Н10Т 34-10-754","ШТ",18,274.12,4934.16,"450045, г. Уфа, ПАО АНК \"Башнефть\" \"Башнефть-Новойл\""]
["Переходы","ПАО АНК \"Башнефть\" \"Башнефть-Новойл\"",4,334,"Переход ПК38х4-32х4 12Х18Н10Т 34-10-754","ШТ",10,302.97000000000003,3029.7000000000003,"450045, г. Уфа, ПАО АНК \"Башнефть\" \"Башнефть-Новойл\""]
["Переходы","ПАО АНК \"Башнефть\" \"Башнефть-Новойл\"",4,335,"Переход ПК426х14-325х12 15Х5М МН4753","ШТ",1,16253.51,16253.51,"450045, г. Уфа, ПАО АНК \"Башнефть\" \"Башнефть-Новойл\""]
["Переходы","ПАО АНК \"Башнефть\" \"Башнефть-Новойл\"",4,336,"Переход ПК426х16-159х10 15Х5М 1468001821","ШТ",4,16402.93,65611.72,"450045, г. Уфа, ПАО АНК \"Башнефть\" \"Башнефть-Новойл\""]
["Переходы","ПАО АНК \"Башнефть\" \"Башнефть-Новойл\"",4,337,"Переход ПК426х20-377х18 12Х18Н10Т 1468-","ШТ",1,129.03,129.03,"450045, г. Уфа, ПАО АНК \"Башнефть\" \"Башнефть-Новойл\""]
["Переходы","ПАО АНК \"Башнефть\" \"Башнефть-Новойл\"",4,338,"Переход ПК45х5-38Х5 Ст20 17378","ШТ",1,38.93,38.93,"450045, г. Уфа, ПАО АНК \"Башнефть\" \"Башнефть-Новойл\""]
["Переходы","ПАО АНК \"Башнефть\" \"Башнефть-Новойл\"",4,339,"Переход ПК57х3-45х2.5 12Х18Н10Т 1462-003","ШТ",1,236.9,236.9,"450045, г. Уфа, ПАО АНК \"Башнефть\" \"Башнефть-Новойл\""]
["Переходы","ПАО АНК \"Башнефть\" \"Башнефть-Новойл\"",4,340,"Переход ПК720х14-530х10 08Х18Н10Т","ШТ",1,42707.8,42707.8,"450045, г. Уфа, ПАО АНК \"Башнефть\" \"Башнефть-Новойл\""]
["Переходы","ПАО АНК \"Башнефть\" \"Башнефть-Новойл\"",4,341,"Переход ПК76х6-38х3 09Г2С","ШТ",8,203.47,1627.76,"450045, г. Уфа, ПАО АНК \"Башнефть\" \"Башнефть-Новойл\""]
["Переходы","ПАО АНК \"Башнефть\" \"Башнефть-Новойл\"",4,342,"Переход ПК76х6-38Х3 Ст20","ШТ",4,95.8,383.2,"450045, г. Уфа, ПАО АНК \"Башнефть\" \"Башнефть-Новойл\""]
["Переходы","ПАО АНК \"Башнефть\" \"Башнефть-Новойл\"",4,343,"Переход ПК76х6-38Х3 Ст20","ШТ",10,94.9,949,"450045, г. Уфа, ПАО АНК \"Башнефть\" \"Башнефть-Новойл\""]
["Переходы","ПАО АНК \"Башнефть\" \"Башнефть-Новойл\"",4,344,"Переход ПК89х4-57х6 12Х18Н10Т 1468-010-","ШТ",2,1329.58,2659.16,"450045, г. Уфа, ПАО АНК \"Башнефть\" \"Башнефть-Новойл\""]
["Переходы","ПАО АНК \"Башнефть\" \"Башнефть-Новойл\"",4,345,"Переход ПЭ 273х10-159х7-08Х18Н10Т","ШТ",2,22684.15,45368.3,"450045, г. Уфа, ПАО АНК \"Башнефть\" \"Башнефть-Новойл\""]
["Переходы","ПАО АНК \"Башнефть\" \"Башнефть-Новойл\"",4,346,"Переход ПЭ 426х16-325х12","ШТ",2,21132.74,42265.48,"450045, г. Уфа, ПАО АНК \"Башнефть\" \"Башнефть-Новойл\""]
["Переходы","ПАО АНК \"Башнефть\" \"Башнефть-Новойл\"",4,347,"Переход ПЭ159х8-127х6 Ст20 17378","ШТ",1,784.89,784.89,"450045, г. Уфа, ПАО АНК \"Башнефть\" \"Башнефть-Новойл\""]
["Переходы","ПАО АНК \"Башнефть\" \"Башнефть-Новойл\"",4,348,"Переход ПЭ219Х10-159Х8 12Х18Н10Т","ШТ",1,5317.04,5317.04,"450045, г. Уфа, ПАО АНК \"Башнефть\" \"Башнефть-Новойл\""]
["Переходы","ПАО АНК \"Башнефть\" \"Башнефть-Новойл\"",4,349,"Переход ПЭ273х10-159х8 Ст20 17378","ШТ",1,2266.9899999999998,2266.9899999999998,"450045, г. Уфа, ПАО АНК \"Башнефть\" \"Башнефть-Новойл\""]
["Переходы","ПАО АНК \"Башнефть\" \"Башнефть-Новойл\"",4,350,"Переход ПЭ273х10-159х8 Ст20 17378","ШТ",2,2266.9899999999998,4533.9799999999996,"450045, г. Уфа, ПАО АНК \"Башнефть\" \"Башнефть-Новойл\""]
["Переходы","ПАО АНК \"Башнефть\" \"Башнефть-Новойл\"",4,351,"Переход ПЭ273х10-159х8 Ст20 17378","ШТ",1,2266.9899999999998,2266.9899999999998,"450045, г. Уфа, ПАО АНК \"Башнефть\" \"Башнефть-Новойл\""]
["Переходы","ПАО АНК \"Башнефть\" \"Башнефть-Новойл\"",4,352,"Переход ПЭ273х10-159х8 Ст20 17378","ШТ",1,2266.9899999999998,2266.9899999999998,"450045, г. Уфа, ПАО АНК \"Башнефть\" \"Башнефть-Новойл\""]
["Переходы","ПАО АНК \"Башнефть\" \"Башнефть-Новойл\"",4,353,"Переход ПЭ273х12-108х8 09Г2С","ШТ",1,3711.37,3711.37,"450045, г. Уфа, ПАО АНК \"Башнефть\" \"Башнефть-Новойл\""]
["Переходы","ПАО АНК \"Башнефть\" \"Башнефть-Новойл\"",4,354,"Переход ПЭ325х10-219х8 08Х18Н10Т","ШТ",4,16198.23,64792.92,"450045, г. Уфа, ПАО АНК \"Башнефть\" \"Башнефть-Новойл\""]
["Переходы","ПАО АНК \"Башнефть\" \"Башнефть-Новойл\"",4,355,"Переход ПЭ325х12-108х6 Ст20","ШТ",30,596.89,17906.7,"450045, г. Уфа, ПАО АНК \"Башнефть\" \"Башнефть-Новойл\""]
["Переходы","ПАО АНК \"Башнефть\" \"Башнефть-Новойл\"",4,356,"Переход Э 114х8-57х5","ШТ",5,594.73,2973.65,"450045, г. Уфа, ПАО АНК \"Башнефть\" \"Башнефть-Новойл\""]
["Переходы","ПАО АНК \"Башнефть\" \"Башнефть-Новойл\"",4,357,"Переход Э 133Х8-108Х6","ШТ",14,644,9016,"450045, г. Уфа, ПАО АНК \"Башнефть\" \"Башнефть-Новойл\""]
["Переходы","ПАО АНК \"Башнефть\" \"Башнефть-Новойл\"",4,358,"Переход Э 159х7-133х6","ШТ",2,959.57,1919.14,"450045, г. Уфа, ПАО АНК \"Башнефть\" \"Башнефть-Новойл\""]
["Переходы","ПАО АНК \"Башнефть\" \"Башнефть-Новойл\"",4,359,"Переход Э 159Х8-133Х8-09Г2С","ШТ",2,1106.5999999999999,2213.1999999999998,"450045, г. Уфа, ПАО АНК \"Башнефть\" \"Башнефть-Новойл\""]
["Переходы","ПАО АНК \"Башнефть\" \"Башнефть-Новойл\"",4,360,"Переход Э 159х8-76х5","ШТ",1,2423.25,2423.25,"450045, г. Уфа, ПАО АНК \"Башнефть\" \"Башнефть-Новойл\""]
["Переходы","ПАО АНК \"Башнефть\" \"Башнефть-Новойл\"",4,361,"Переход Э 219Х10-159Х8","ШТ",2,1480.93,2961.86,"450045, г. Уфа, ПАО АНК \"Башнефть\" \"Башнефть-Новойл\""]
["Переходы","ПАО АНК \"Башнефть\" \"Башнефть-Новойл\"",4,362,"Переход Э 219Х12-159Х10-15Х5М","ШТ",5,5356.98,26784.899999999998,"450045, г. Уфа, ПАО АНК \"Башнефть\" \"Башнефть-Новойл\""]
["Переходы","ПАО АНК \"Башнефть\" \"Башнефть-Новойл\"",4,363,"Переход Э 273Х12-159Х10","ШТ",1,4253.78,4253.78,"450045, г. Уфа, ПАО АНК \"Башнефть\" \"Башнефть-Новойл\""]
["Переходы","ПАО АНК \"Башнефть\" \"Башнефть-Новойл\"",4,364,"Переход Э 325х8-159х4,5","ШТ",1,8442.73,8442.73,"450045, г. Уфа, ПАО АНК \"Башнефть\" \"Башнефть-Новойл\""]
["Переходы","ПАО АНК \"Башнефть\" \"Башнефть-Новойл\"",4,365,"Переход Э 325х8-159х4,5","ШТ",2,6014.81,12029.62,"450045, г. Уфа, ПАО АНК \"Башнефть\" \"Башнефть-Новойл\""]
["Переходы","ПАО АНК \"Башнефть\" \"Башнефть-Новойл\"",4,366,"Переход Э 426х16-325х12","ШТ",2,16053.29,32106.58,"450045, г. Уфа, ПАО АНК \"Башнефть\" \"Башнефть-Новойл\""]
["Переходы","ПАО АНК \"Башнефть\" \"Башнефть-Новойл\"",4,367,"Переход Э 89Х6-57Х5-15Х5М","ШТ",6,433.44,2600.64,"450045, г. Уфа, ПАО АНК \"Башнефть\" \"Башнефть-Новойл\""]
["Переходы","ПАО АНК \"Башнефть\" \"Башнефть-Новойл\"",4,368,"Переход Э377х12-273х10 15Х5М 1468-001","ШТ",2,13792.51,27585.02,"450045, г. Уфа, ПАО АНК \"Башнефть\" \"Башнефть-Новойл\""]
["Переходы","ПАО АНК \"Башнефть\" \"Башнефть-Новойл\"",4,369,"Переход ЭПШС426х12-273х10 09Г2С ТУ 1460","ШТ",2,20432.27,40864.54,"450045, г. Уфа, ПАО АНК \"Башнефть\" \"Башнефть-Новойл\""]
["Переходы","ПАО АНК \"Башнефть\" \"Башнефть-Новойл\"",4,370,"Переход ЭПШС630х12-426х12 17Г1С ТУ 1460","ШТ",1,43291.01,43291.01,"450045, г. Уфа, ПАО АНК \"Башнефть\" \"Башнефть-Новойл\""]
["Переходы","ПАО АНК \"Башнефть\" \"Башнефть-Новойл\"",4,371,"Переход ЭПШС-720х14-530х10 08Х18Н10Т","ШТ",1,132820.72,132820.72,"450045, г. Уфа, ПАО АНК \"Башнефть\" \"Башнефть-Новойл\""]
["Переходы","ПАО АНК \"Башнефть\" \"Башнефть-Новойл\"",4,372,"Переход38х3.5-25х3.5 10Х17Н13М2Т","ШТ",6,333.87,2003.22,"450045, г. Уфа, ПАО АНК \"Башнефть\" \"Башнефть-Новойл\""]
["Переходы","ПАО АНК \"Башнефть\" \"Башнефть-Новойл\"",4,373,"Переходник 1/2''-1/4''-NPTF ч.Энергостр.","ШТ",6,232.88,1397.28,"450045, г. Уфа, ПАО АНК \"Башнефть\" \"Башнефть-Новойл\""]
["Переходы","ПАО АНК \"Башнефть\" \"Башнефть-Новойл\"",4,374,"ПереходП25х1.6-20х1.6 Ст20 ОСТ34-42-754","ШТ",2,152.26,304.52,"450045, г. Уфа, ПАО АНК \"Башнефть\" \"Башнефть-Новойл\""]
["Переходы","ПАО АНК \"Башнефть\" \"Башнефть-Новойл\"",4,375,"ПереходПК133х6-108х5 12Х18Н10Т 1468-120-","ШТ",1,1343.46,1343.46,"450045, г. Уфа, ПАО АНК \"Башнефть\" \"Башнефть-Новойл\""]
["Переходы","ПАО АНК \"Башнефть\" \"Башнефть-Новойл\"",4,376,"ПереходПК133х6-76х6 12Х18Н10Т 1468-120-","ШТ",10,37.51,375.09999999999997,"450045, г. Уфа, ПАО АНК \"Башнефть\" \"Башнефть-Новойл\""]
["Переходы","ПАО АНК \"Башнефть\" \"Башнефть-Новойл\"",4,377,"ПереходПК133х8-108х4 12Х18Н10Т 1468-120-","ШТ",6,37.51,225.06,"450045, г. Уфа, ПАО АНК \"Башнефть\" \"Башнефть-Новойл\""]
["Переходы","ПАО АНК \"Башнефть\" \"Башнефть-Новойл\"",4,378,"ПереходПК159х6-133х4 12Х18Н10Т 1468-120-","ШТ",2,72.14,144.28,"450045, г. Уфа, ПАО АНК \"Башнефть\" \"Башнефть-Новойл\""]
["Переходы","ПАО АНК \"Башнефть\" \"Башнефть-Новойл\"",4,379,"ПереходПК159х8-57х4 08Х18Н10Т","ШТ",5,311.14,1555.6999999999998,"450045, г. Уфа, ПАО АНК \"Башнефть\" \"Башнефть-Новойл\""]
["Переходы","ПАО АНК \"Башнефть\" \"Башнефть-Новойл\"",4,380,"ПереходПК159х8-57х4 15Х5М","ШТ",4,2596.88,10387.52,"450045, г. Уфа, ПАО АНК \"Башнефть\" \"Башнефть-Новойл\""]
["Переходы","ПАО АНК \"Башнефть\" \"Башнефть-Новойл\"",4,381,"ПереходПК20х4-10х4 12Х18Н10Т","ШТ",20,106.76,2135.2000000000003,"450045, г. Уфа, ПАО АНК \"Башнефть\" \"Башнефть-Новойл\""]
["Переходы","ПАО АНК \"Башнефть\" \"Башнефть-Новойл\"",4,382,"ПереходПК20х4-15х4 12Х18Н10Т 34-10-754","ШТ",20,118.3,{"$f":"G386*H386","v":2366},"450045, г. Уфа, ПАО АНК \"Башнефть\" \"Башнефть-Новойл\""]
["Переходы","ПАО АНК \"Башнефть\" \"Башнефть-Новойл\"",4,383,"ПереходПК219х10-89х5 08Х18Н10Т","ШТ",13,701.16,9115.08,"450045, г. Уфа, ПАО АНК \"Башнефть\" \"Башнефть-Новойл\""]
["Переходы","ПАО АНК \"Башнефть\" \"Башнефть-Новойл\"",4,384,"ПереходПК219х12-108х8 08Х18Н10Т","ШТ",14,6165.83,86321.62,"450045, г. Уфа, ПАО АНК \"Башнефть\" \"Башнефть-Новойл\""]
["Переходы","ПАО АНК \"Башнефть\" \"Башнефть-Новойл\"",4,385,"ПереходПК219х12-159х10 15Х5М 1468-002-..","ШТ",9,5754.61,51791.49,"450045, г. Уфа, ПАО АНК \"Башнефть\" \"Башнефть-Новойл\""]
["Переходы","ПАО АНК \"Башнефть\" \"Башнефть-Новойл\"",4,386,"ПереходПК273х10-108х5 08Х18Н10Т","ШТ",3,999.8,2999.3999999999996,"450045, г. Уфа, ПАО АНК \"Башнефть\" \"Башнефть-Новойл\""]
["Переходы","ПАО АНК \"Башнефть\" \"Башнефть-Новойл\"",4,387,"ПереходПК273х20-219х18 15Х5М","ШТ",2,23752.78,47505.56,"450045, г. Уфа, ПАО АНК \"Башнефть\" \"Башнефть-Новойл\""]
["Переходы","ПАО АНК \"Башнефть\" \"Башнефть-Новойл\"",4,388,"ПереходПК325х10-219х8 08Х18Н10Т","ШТ",2,26799.79,53599.58,"450045, г. Уфа, ПАО АНК \"Башнефть\" \"Башнефть-Новойл\""]
["Переходы","ПАО АНК \"Башнефть\" \"Башнефть-Новойл\"",4,389,"ПереходПК325х10-273х8 12Х18Н10Т 1468-120","ШТ",2,95.22,190.44,"450045, г. Уфа, ПАО АНК \"Башнефть\" \"Башнефть-Новойл\""]
["Переходы","ПАО АНК \"Башнефть\" \"Башнефть-Новойл\"",4,390,"ПереходПК426х12-325х10 12Х18Н10Т 1468120","ШТ",2,99.07,198.14,"450045, г. Уфа, ПАО АНК \"Башнефть\" \"Башнефть-Новойл\""]
["Переходы","ПАО АНК \"Башнефть\" \"Башнефть-Новойл\"",4,391,"ПереходПК76х6-57х5 12Х18Н10Т 1468-120-..","ШТ",91,1032.5,93957.5,"450045, г. Уфа, ПАО АНК \"Башнефть\" \"Башнефть-Новойл\""]
["Переходы","ПАО АНК \"Башнефть\" \"Башнефть-Новойл\"",4,392,"ПереходПЭ273х10-159х7 15Х5М 1468-003-0..","ШТ",2,12349.59,24699.18,"450045, г. Уфа, ПАО АНК \"Башнефть\" \"Башнефть-Новойл\""]
["Переходы","ПАО АНК \"Башнефть\" \"Башнефть-Новойл\"",4,393,"ПереходПЭ273х10-219х10 15Х5М 1468-003-..","ШТ",4,14329.18,57316.72,"450045, г. Уфа, ПАО АНК \"Башнефть\" \"Башнефть-Новойл\""]
["Переходы","ПАО АНК \"Башнефть\" \"Башнефть-Новойл\"",4,394,"ПереходПЭ325х10-159х8 15Х5М 1468-003-0..","ШТ",2,8427.91,16855.82,"450045, г. Уфа, ПАО АНК \"Башнефть\" \"Башнефть-Новойл\""]
["Переходы","ПАО АНК \"Башнефть\" \"Башнефть-Новойл\"",4,395,"ПереходПЭ377х12-325х12 15Х5М 1468-003-..","ШТ",2,13010.06,26020.12,"450045, г. Уфа, ПАО АНК \"Башнефть\" \"Башнефть-Новойл\""]
["Переходы","ПАО АНК \"Башнефть\" \"Башнефть-Новойл\"",4,396,"ПереходПЭ426х14-377х12 15Х5М 1468-003-..","ШТ",2,17770.86,35541.72,"450045, г. Уфа, ПАО АНК \"Башнефть\" \"Башнефть-Новойл\""]
["Переходы","ПАО АНК \"Башнефть\" \"Башнефть-Новойл\"",4,397,"ПереходПЭ426х14-377х12 15Х5М 1468-003-..","ШТ",1,17760.53,17760.53,"450045, г. Уфа, ПАО АНК \"Башнефть\" \"Башнефть-Новойл\""]
["Переходы","ПАО АНК \"Башнефть\" \"Башнефть-Новойл\"",4,398,"ПереходПЭ530х12-426х12 15Х5М 1468-003-..","ШТ",3,22655.54,67966.62,"450045, г. Уфа, ПАО АНК \"Башнефть\" \"Башнефть-Новойл\""]
["Переходы","ПАО АНК \"Башнефть\" \"Башнефть-Новойл\"",4,399,"ПерПК32х3-25х3 12Х18Н10Т1468020-91393666","ШТ",2,284.99,569.98,"450045, г. Уфа, ПАО АНК \"Башнефть\" \"Башнефть-Новойл\""]
["Переходы","ПАО АНК \"Башнефть\" \"Башнефть-Новойл\"",4,400,"ПК 133х8(К40)-108х6(К40)-1,6-0,6-У","ШТ",7,827.6,5793.2,"450045, г. Уфа, ПАО АНК \"Башнефть\" \"Башнефть-Новойл\""]
["Переходы","ПАО АНК \"Башнефть\" \"Башнефть-Новойл\"",4,401,"ПК 219х10(К40)-127х10К40)-1,6-0,6-У","ШТ",1,2317.46,2317.46,"450045, г. Уфа, ПАО АНК \"Башнефть\" \"Башнефть-Новойл\""]
["Переходы","ПАО АНК \"Башнефть\" \"Башнефть-Новойл\"",4,402,"ПК 219х10(К52)-108х8(К52)-1,6-0,6-ХЛ","ШТ",4,4448.05,17792.2,"450045, г. Уфа, ПАО АНК \"Башнефть\" \"Башнефть-Новойл\""]
["Переходы","ПАО АНК \"Башнефть\" \"Башнефть-Новойл\"",4,403,"ПК 219х14(К52)-108х10(К52)-1,6-0,6-ХЛ","ШТ",7,3375.67,23629.690000000002,"450045, г. Уфа, ПАО АНК \"Башнефть\" \"Башнефть-Новойл\""]
["Переходы","ПАО АНК \"Башнефть\" \"Башнефть-Новойл\"",4,404,"ПК 273х16(К40)-219х14(К40)-1,6-0,6-У","ШТ",3,6592.23,19776.689999999999,"450045, г. Уфа, ПАО АНК \"Башнефть\" \"Башнефть-Новойл\""]
["Переходы","ПАО АНК \"Башнефть\" \"Башнефть-Новойл\"",4,405,"ПК 325х10(К40)-219х8(К40)-1,6-0,6-У","ШТ",2,5408.53,10817.06,"450045, г. Уфа, ПАО АНК \"Башнефть\" \"Башнефть-Новойл\""]
["Переходы","ПАО АНК \"Башнефть\" \"Башнефть-Новойл\"",4,406,"ПК 325х10(К52)-159х10(К52)-1,6-0,6-ХЛ","ШТ",3,2516.6,7549.7999999999993,"450045, г. Уфа, ПАО АНК \"Башнефть\" \"Башнефть-Новойл\""]
["Переходы","ПАО АНК \"Башнефть\" \"Башнефть-Новойл\"",4,407,"ПК 325х12(К40)-219х10(К40)-1,6-0,6-У","ШТ",1,6241.96,6241.96,"450045, г. Уфа, ПАО АНК \"Башнефть\" \"Башнефть-Новойл\""]
["Переходы","ПАО АНК \"Башнефть\" \"Башнефть-Новойл\"",4,408,"ПК89х6-45х4 12Х18Н10Т 1468-020-39918642","ШТ",2,762.13,1524.26,"450045, г. Уфа, ПАО АНК \"Башнефть\" \"Башнефть-Новойл\""]
["Переходы","ПАО АНК \"Башнефть\" \"Башнефть-Новойл\"",4,409,"ПКС 1220х12(К55)1020х12(К55)-7,5-0,6","ШТ",2,43010.15,86020.3,"450045, г. Уфа, ПАО АНК \"Башнефть\" \"Башнефть-Новойл\""]
["Переходы","ПАО АНК \"Башнефть\" \"Башнефть-Новойл\"",4,410,"ПШС630х12К52-426х12-2.5-0.6-У 09Г2С 1460","ШТ",1,29824.29,29824.29,"450045, г. Уфа, ПАО АНК \"Башнефть\" \"Башнефть-Новойл\""]
["Переходы","ПАО АНК \"Башнефть\" \"Башнефть-Новойл\"",4,411,"Перех.ПК89х6-57х4 12Х18Н10Т","ШТ",290,8.35,2421.5,"450045, г. Уфа, ПАО АНК \"Башнефть\" \"Башнефть-Новойл\""]
["Переходы","ПАО АНК \"Башнефть\" \"Башнефть-Новойл\"",4,412,"Перех.ПК89х6-57х4 12Х18Н10Т","ШТ",6,8.35,50.099999999999994,"450045, г. Уфа, ПАО АНК \"Башнефть\" \"Башнефть-Новойл\""]
["Переходы","ПАО АНК \"Башнефть\" \"Башнефть-Новойл\"",4,413,"Переход 5766561-У5114-8002-ТХ3","ШТ",1,22183.06,22183.06,"450045, г. Уфа, ПАО АНК \"Башнефть\" \"Башнефть-Новойл\""]
["Переходы","ПАО АНК \"Башнефть\" \"Башнефть-Новойл\"",4,414,"Переход П К 273х8-219х8-12Х18Н10Т","ШТ",4,233.71,934.84,"450045, г. Уфа, ПАО АНК \"Башнефть\" \"Башнефть-Новойл\""]
["Переходы","ПАО АНК \"Башнефть\" \"Башнефть-Новойл\"",4,415,"Переход П К 273х8-219х8-12Х18Н10Т","ШТ",4,233.71,934.84,"450045, г. Уфа, ПАО АНК \"Башнефть\" \"Башнефть-Новойл\""]
["Переходы","ПАО АНК \"Башнефть\" \"Башнефть-Новойл\"",4,416,"Переход П К 273х8-219х8-12Х18Н10Т","ШТ",1,233.71,233.71,"450045, г. Уфа, ПАО АНК \"Башнефть\" \"Башнефть-Новойл\""]
["Переходы","ПАО АНК \"Башнефть\" \"Башнефть-Новойл\"",4,417,"Переход П К 325х12-273х10-09Г2С","ШТ",1,8.26,8.26,"450045, г. Уфа, ПАО АНК \"Башнефть\" \"Башнефть-Новойл\""]
["Переходы","ПАО АНК \"Башнефть\" \"Башнефть-Новойл\"",4,418,"Переход П К 325х12-273х10-12Х18Н10Т","ШТ",2,15.13,30.26,"450045, г. Уфа, ПАО АНК \"Башнефть\" \"Башнефть-Новойл\""]
["Переходы","ПАО АНК \"Башнефть\" \"Башнефть-Новойл\"",4,419,"Переход П К 426х9-325х9-15Х5М","ШТ",1,2821.81,2821.81,"450045, г. Уфа, ПАО АНК \"Башнефть\" \"Башнефть-Новойл\""]
["Переходы","ПАО АНК \"Башнефть\" \"Башнефть-Новойл\"",4,420,"Переход ПК159х4-108х6 12Х18Н10Т 1468-010","ШТ",10,24.42,244.20000000000002,"450045, г. Уфа, ПАО АНК \"Башнефть\" \"Башнефть-Новойл\""]
["Переходы","ПАО АНК \"Башнефть\" \"Башнефть-Новойл\"",4,421,"Переход ПК219х4.5-159х3.5 Ст20 17378","ШТ",18,36.590000000000003,658.62000000000012,"450045, г. Уфа, ПАО АНК \"Башнефть\" \"Башнефть-Новойл\""]
["Переходы","ПАО АНК \"Башнефть\" \"Башнефть-Новойл\"",4,422,"Переход ПК325х12-273х10 Ст20 17378","ШТ",11,122.86,1351.46,"450045, г. Уфа, ПАО АНК \"Башнефть\" \"Башнефть-Новойл\""]
["Переходы","ПАО АНК \"Башнефть\" \"Башнефть-Новойл\"",4,423,"Переход ПК325х12-273х10 Ст20 17378","ШТ",1,122.86,122.86,"450045, г. Уфа, ПАО АНК \"Башнефть\" \"Башнефть-Новойл\""]
["Переходы","ПАО АНК \"Башнефть\" \"Башнефть-Новойл\"",4,424,"Переход ПК325х12-273х10 Ст20 17378","ШТ",4,122.86,491.44,"450045, г. Уфа, ПАО АНК \"Башнефть\" \"Башнефть-Новойл\""]
["Переходы","ПАО АНК \"Башнефть\" \"Башнефть-Новойл\"",4,425,"Переход ПК377х12-325х12 12Х18Н10Т","ШТ",2,37675.660000000003,75351.320000000007,"450045, г. Уфа, ПАО АНК \"Башнефть\" \"Башнефть-Новойл\""]
["Переходы","ПАО АНК \"Башнефть\" \"Башнефть-Новойл\"",4,426,"Переход ПК426х20-377х18 12Х18Н10Т 1468-","ШТ",1,129.03,129.03,"450045, г. Уфа, ПАО АНК \"Башнефть\" \"Башнефть-Новойл\""]
["Переходы","ПАО АНК \"Башнефть\" \"Башнефть-Новойл\"",4,427,"Переход ПК89х4-57х6 12Х18Н10Т 1468-010-","ШТ",34,1329.58,45205.72,"450045, г. Уфа, ПАО АНК \"Башнефть\" \"Башнефть-Новойл\""]
["Переходы","ПАО АНК \"Башнефть\" \"Башнефть-Новойл\"",4,428,"Переход ПЭ273х10-159х8 Ст20 17378","ШТ",1,2266.9899999999998,2266.9899999999998,"450045, г. Уфа, ПАО АНК \"Башнефть\" \"Башнефть-Новойл\""]
["Переходы","ПАО АНК \"Башнефть\" \"Башнефть-Новойл\"",4,429,"Переход Э 325х8-159х4,5","ШТ",1,8442.73,8442.73,"450045, г. Уфа, ПАО АНК \"Башнефть\" \"Башнефть-Новойл\""]
["Переходы","ПАО АНК \"Башнефть\" \"Башнефть-Новойл\"",4,430,"Переход Э 426х16-325х12","ШТ",1,16053.29,16053.29,"450045, г. Уфа, ПАО АНК \"Башнефть\" \"Башнефть-Новойл\""]
["Переходы","ПАО АНК \"Башнефть\" \"Башнефть-Новойл\"",4,431,"Переход Э219х10-159х8 Ст20 17378","ШТ",5,1897.5,9487.5,"450045, г. Уфа, ПАО АНК \"Башнефть\" \"Башнефть-Новойл\""]
["Переходы","ПАО АНК \"Башнефть\" \"Башнефть-Новойл\"",4,432,"ПереходПК219х12-108х8 08Х18Н10Т","ШТ",1,6165.83,6165.83,"450045, г. Уфа, ПАО АНК \"Башнефть\" \"Башнефть-Новойл\""]
["Переходы","ПАО АНК \"Башнефть\" \"Башнефть-Новойл\"",4,433,"ПереходПК76х6-57х5 12Х18Н10Т 1468-120-..","ШТ",30,1032.5,30975,"450045, г. Уфа, ПАО АНК \"Башнефть\" \"Башнефть-Новойл\""]
["Переходы","ПАО АНК \"Башнефть\" \"Башнефть-Новойл\"",4,434,"ПереходПЭ377х12-325х12 15Х5М 1468-003-..","ШТ",1,13010.06,13010.06,"450045, г. Уфа, ПАО АНК \"Башнефть\" \"Башнефть-Новойл\""]
["Переходы","ПАО АНК \"Башнефть\" \"Башнефть-Новойл\"",4,435,"ПК 133х8(К40)-108х6(К40)-1,6-0,6-У","ШТ",7,827.6,5793.2,"450045, г. Уфа, ПАО АНК \"Башнефть\" \"Башнефть-Новойл\""]
["Прокладки","ПАО АНК \"Башнефть\" \"Башнефть-Новойл\"",5,436,"Прокладка 1-100-6,3-20","ШТ",4,274.67,1098.68,"450045, г. Уфа, ПАО АНК \"Башнефть\" \"Башнефть-Новойл\""]
["Прокладки","ПАО АНК \"Башнефть\" \"Башнефть-Новойл\"",5,437,"Прокладка 1-1-200-160-08кп","ШТ",2,2694.13,5388.26,"450045, г. Уфа, ПАО АНК \"Башнефть\" \"Башнефть-Новойл\""]
["Прокладки","ПАО АНК \"Башнефть\" \"Башнефть-Новойл\"",5,438,"Прокладка 1-1-200-63-10","ШТ",1,575,575,"450045, г. Уфа, ПАО АНК \"Башнефть\" \"Башнефть-Новойл\""]
["Прокладки","ПАО АНК \"Башнефть\" \"Башнефть-Новойл\"",5,439,"Прокладка 1-125-6,3-5","ШТ",16,925.57,14809.12,"450045, г. Уфа, ПАО АНК \"Башнефть\" \"Башнефть-Новойл\""]
["Прокладки","ПАО АНК \"Башнефть\" \"Башнефть-Новойл\"",5,440,"Прокладка 1-1-300-100-08Х18Н10Т","ШТ",4,2204.1,8816.4,"450045, г. Уфа, ПАО АНК \"Башнефть\" \"Башнефть-Новойл\""]
["Прокладки","ПАО АНК \"Башнефть\" \"Башнефть-Новойл\"",5,441,"Прокладка 1-1-300-63-08кп","ШТ",2,977.01,1954.02,"450045, г. Уфа, ПАО АНК \"Башнефть\" \"Башнефть-Новойл\""]
["Прокладки","ПАО АНК \"Башнефть\" \"Башнефть-Новойл\"",5,442,"Прокладка 1-1-300-63-08Х18Н10Т","ШТ",4,2204.1,8816.4,"450045, г. Уфа, ПАО АНК \"Башнефть\" \"Башнефть-Новойл\""]
["Прокладки","ПАО АНК \"Башнефть\" \"Башнефть-Новойл\"",5,443,"Прокладка 1-1-300-63-08Х18Н10Т","ШТ",9,2204.1,19836.899999999998,"450045, г. Уфа, ПАО АНК \"Башнефть\" \"Башнефть-Новойл\""]
["Прокладки","ПАО АНК \"Башнефть\" \"Башнефть-Новойл\"",5,444,"Прокладка 1-1-300-63-08Х18Н10Т","ШТ",9,2145.23,19307.07,"450045, г. Уфа, ПАО АНК \"Башнефть\" \"Башнефть-Новойл\""]
["Прокладки","ПАО АНК \"Башнефть\" \"Башнефть-Новойл\"",5,445,"Прокладка 1-1-400-63-08Х18Н10Т","ШТ",1,2911.39,2911.39,"450045, г. Уфа, ПАО АНК \"Башнефть\" \"Башнефть-Новойл\""]
["Прокладки","ПАО АНК \"Башнефть\" \"Башнефть-Новойл\"",5,446,"Прокладка 1-1-40-63-08кп","ШТ",2,402.49,{"$f":"G450*H450","v":804.98},"450045, г. Уфа, ПАО АНК \"Башнефть\" \"Башнефть-Новойл\""]
["Прокладки","ПАО АНК \"Башнефть\" \"Башнефть-Новойл\"",5,447,"Прокладка 1-1-50-100-10","ШТ",2,186.98,373.96,"450045, г. Уфа, ПАО АНК \"Башнефть\" \"Башнефть-Новойл\""]
["Прокладки","ПАО АНК \"Башнефть\" \"Башнефть-Новойл\"",5,448,"Прокладка 1-150-10-5","ШТ",4,3281.57,13126.28,"450045, г. Уфа, ПАО АНК \"Башнефть\" \"Башнефть-Новойл\""]
["Прокладки","ПАО АНК \"Башнефть\" \"Башнефть-Новойл\"",5,449,"Прокладка 1-1-50-160-10","ШТ",1,207.67,207.67,"450045, г. Уфа, ПАО АНК \"Башнефть\" \"Башнефть-Новойл\""]
["Прокладки","ПАО АНК \"Башнефть\" \"Башнефть-Новойл\"",5,450,"Прокладка 1-15-16-12Х18Н10Т","ШТ",3,524.5,1573.5,"450045, г. Уфа, ПАО АНК \"Башнефть\" \"Башнефть-Новойл\""]
["Прокладки","ПАО АНК \"Башнефть\" \"Башнефть-Новойл\"",5,451,"Прокладка 1-1-80-63-08Х18Н10Т","ШТ",1,574.49,574.49,"450045, г. Уфа, ПАО АНК \"Башнефть\" \"Башнефть-Новойл\""]
["Прокладки","ПАО АНК \"Башнефть\" \"Башнефть-Новойл\"",5,452,"Прокладка 1200-6,3-08Х18Н10Т","ШТ",2,23322.240000000002,46644.480000000003,"450045, г. Уфа, ПАО АНК \"Башнефть\" \"Башнефть-Новойл\""]
["Прокладки","ПАО АНК \"Башнефть\" \"Башнефть-Новойл\"",5,453,"Прокладка 1200-6,3-08Х18Н10Т","ШТ",2,23008.639999999999,46017.279999999999,"450045, г. Уфа, ПАО АНК \"Башнефть\" \"Башнефть-Новойл\""]
["Прокладки","ПАО АНК \"Башнефть\" \"Башнефть-Новойл\"",5,454,"Прокладка 1200-6,3-2 08Х13","ШТ",4,56034.92,224139.68,"450045, г. Уфа, ПАО АНК \"Башнефть\" \"Башнефть-Новойл\""]
["Прокладки","ПАО АНК \"Башнефть\" \"Башнефть-Новойл\"",5,455,"Прокладка 1-2-150-10-08Х18Н10Т","ШТ",2,1212.82,2425.64,"450045, г. Уфа, ПАО АНК \"Башнефть\" \"Башнефть-Новойл\""]
["Прокладки","ПАО АНК \"Башнефть\" \"Башнефть-Новойл\"",5,456,"Прокладка 1-250-16-4","ШТ",14,2744.8,38427.200000000004,"450045, г. Уфа, ПАО АНК \"Башнефть\" \"Башнефть-Новойл\""]
["Прокладки","ПАО АНК \"Башнефть\" \"Башнефть-Новойл\"",5,457,"Прокладка 1-50-6,3-10","ШТ",10,186.98,1869.8,"450045, г. Уфа, ПАО АНК \"Башнефть\" \"Башнефть-Новойл\""]
["Прокладки","ПАО АНК \"Башнефть\" \"Башнефть-Новойл\"",5,458,"Прокладка 600-6,3-08Х18Н10Т","ШТ",2,6689.66,13379.32,"450045, г. Уфа, ПАО АНК \"Башнефть\" \"Башнефть-Новойл\""]
["Прокладки","ПАО АНК \"Башнефть\" \"Башнефть-Новойл\"",5,459,"Пр.в/уг.сеч.500-6.3-3 08Х18Н10Т 28759.8","ШТ",15,4100.45,61506.75,"450045, г. Уфа, ПАО АНК \"Башнефть\" \"Башнефть-Новойл\""]
["Прокладки","ПАО АНК \"Башнефть\" \"Башнефть-Новойл\"",5,460,"Пр.в/уг.сеч.500-6.3-3 08Х18Н10Т 28759.8","ШТ",2,4045.3,8090.6,"450045, г. Уфа, ПАО АНК \"Башнефть\" \"Башнефть-Новойл\""]
["Прокладки","ПАО АНК \"Башнефть\" \"Башнефть-Новойл\"",5,461,"Пр.в/уг.сеч.500-6.3-3 08Х18Н10Т 28759.8","ШТ",10,4100.45,41004.5,"450045, г. Уфа, ПАО АНК \"Башнефть\" \"Башнефть-Новойл\""]
["Прокладки","ПАО АНК \"Башнефть\" \"Башнефть-Новойл\"",5,462,"Пр.в/уг.сеч.500-6.3-3 08Х18Н10Т 28759.8","ШТ",6,4045.3,24271.800000000003,"450045, г. Уфа, ПАО АНК \"Башнефть\" \"Башнефть-Новойл\""]
["Прокладки","ПАО АНК \"Башнефть\" \"Башнефть-Новойл\"",5,463,"Пр.в/уг.сеч.500-6.3-3 08Х18Н10Т 28759.8","ШТ",1,4045.3,4045.3,"450045, г. Уфа, ПАО АНК \"Башнефть\" \"Башнефть-Новойл\""]
["Прокладки","ПАО АНК \"Башнефть\" \"Башнефть-Новойл\"",5,464,"Пр.в/уг.сеч.500-6.3-3 08Х18Н10Т 28759.8","ШТ",1,4045.3,4045.3,"450045, г. Уфа, ПАО АНК \"Башнефть\" \"Башнефть-Новойл\""]
["Прокладки","ПАО АНК \"Башнефть\" \"Башнефть-Новойл\"",5,465,"Пр.в/уг.сеч.500-6.3-3 08Х18Н10Т 28759.8","ШТ",1,4045.3,4045.3,"450045, г. Уфа, ПАО АНК \"Башнефть\" \"Башнефть-Новойл\""]
["Прокладки","ПАО АНК \"Башнефть\" \"Башнефть-Новойл\"",5,466,"Пр.в/уг.сеч.500-6.3-3 08Х18Н10Т 28759.8","ШТ",1,4045.3,4045.3,"450045, г. Уфа, ПАО АНК \"Башнефть\" \"Башнефть-Новойл\""]
["Прокладки","ПАО АНК \"Башнефть\" \"Башнефть-Новойл\"",5,467,"Прокладка 1-1-200-63-10","ШТ",1,575,575,"450045, г. Уфа, ПАО АНК \"Башнефть\" \"Башнефть-Новойл\""]
["Прокладки","ПАО АНК \"Башнефть\" \"Башнефть-Новойл\"",5,468,"Прокладка 1-1-200-63-10","ШТ",1,575,575,"450045, г. Уфа, ПАО АНК \"Башнефть\" \"Башнефть-Новойл\""]
["Прокладки","ПАО АНК \"Башнефть\" \"Башнефть-Новойл\"",5,469,"Прокладка 1-1-200-63-10","ШТ",1,575,575,"450045, г. Уфа, ПАО АНК \"Башнефть\" \"Башнефть-Новойл\""]
["Прокладки","ПАО АНК \"Башнефть\" \"Башнефть-Новойл\"",5,470,"Прокладка 1-1-300-100-08Х18Н10Т","ШТ",2,2204.1,4408.2,"450045, г. Уфа, ПАО АНК \"Башнефть\" \"Башнефть-Новойл\""]
["Прокладки","ПАО АНК \"Башнефть\" \"Башнефть-Новойл\"",5,471,"Прокладка 1-1-300-100-08Х18Н10Т","ШТ",2,2204.1,4408.2,"450045, г. Уфа, ПАО АНК \"Башнефть\" \"Башнефть-Новойл\""]
["Прокладки","ПАО АНК \"Башнефть\" \"Башнефть-Новойл\"",5,472,"Прокладка 1-1-300-100-08Х18Н10Т","ШТ",2,2204.1,4408.2,"450045, г. Уфа, ПАО АНК \"Башнефть\" \"Башнефть-Новойл\""]
["Прокладки","ПАО АНК \"Башнефть\" \"Башнефть-Новойл\"",5,473,"Прокладка 1-1-300-100-08Х18Н10Т","ШТ",2,2204.1,4408.2,"450045, г. Уфа, ПАО АНК \"Башнефть\" \"Башнефть-Новойл\""]
["Прокладки","ПАО АНК \"Башнефть\" \"Башнефть-Новойл\"",5,474,"Прокладка 1-1-300-63-08кп","ШТ",2,977.01,1954.02,"450045, г. Уфа, ПАО АНК \"Башнефть\" \"Башнефть-Новойл\""]
["Прокладки","ПАО АНК \"Башнефть\" \"Башнефть-Новойл\"",5,475,"Прокладка 1-1-300-63-08кп","ШТ",2,977.01,1954.02,"450045, г. Уфа, ПАО АНК \"Башнефть\" \"Башнефть-Новойл\""]
["Прокладки","ПАО АНК \"Башнефть\" \"Башнефть-Новойл\"",5,476,"Прокладка 1-1-300-63-08кп","ШТ",8,977.01,7816.08,"450045, г. Уфа, ПАО АНК \"Башнефть\" \"Башнефть-Новойл\""]
["Прокладки","ПАО АНК \"Башнефть\" \"Башнефть-Новойл\"",5,477,"Прокладка 1-1-300-63-08Х18Н10Т","ШТ",6,2204.1,13224.599999999999,"450045, г. Уфа, ПАО АНК \"Башнефть\" \"Башнефть-Новойл\""]
["Прокладки","ПАО АНК \"Башнефть\" \"Башнефть-Новойл\"",5,478,"Прокладка 1-1-300-63-08Х18Н10Т","ШТ",3,2204.1,6612.2999999999993,"450045, г. Уфа, ПАО АНК \"Башнефть\" \"Башнефть-Новойл\""]
["Прокладки","ПАО АНК \"Башнефть\" \"Башнефть-Новойл\"",5,479,"Прокладка 1-1-40-63-08кп","ШТ",2,402.49,804.98,"450045, г. Уфа, ПАО АНК \"Башнефть\" \"Башнефть-Новойл\""]
["Прокладки","ПАО АНК \"Башнефть\" \"Башнефть-Новойл\"",5,480,"Прокладка 1-1-40-63-08кп","ШТ",2,402.49,804.98,"450045, г. Уфа, ПАО АНК \"Башнефть\" \"Башнефть-Новойл\""]
["Прокладки","ПАО АНК \"Башнефть\" \"Башнефть-Новойл\"",5,481,"Прокладка 1-1-40-63-08кп","ШТ",2,402.49,804.98,"450045, г. Уфа, ПАО АНК \"Башнефть\" \"Башнефть-Новойл\""]
["Прокладки","ПАО АНК \"Башнефть\" \"Башнефть-Новойл\"",5,482,"Прокладка 1-1-40-63-08кп","ШТ",2,402.49,804.98,"450045, г. Уфа, ПАО АНК \"Башнефть\" \"Башнефть-Новойл\""]
["Прокладки","ПАО АНК \"Башнефть\" \"Башнефть-Новойл\"",5,483,"Прокладка 1-1-40-63-08кп","ШТ",2,402.49,804.98,"450045, г. Уфа, ПАО АНК \"Башнефть\" \"Башнефть-Новойл\""]
["Прокладки","ПАО АНК \"Башнефть\" \"Башнефть-Новойл\"",5,484,"Прокладка 1-1-50-100-10","ШТ",2,186.98,373.96,"450045, г. Уфа, ПАО АНК \"Башнефть\" \"Башнефть-Новойл\""]
["Прокладки","ПАО АНК \"Башнефть\" \"Башнефть-Новойл\"",5,485,"Прокладка 1-1-50-100-10","ШТ",2,186.98,373.96,"450045, г. Уфа, ПАО АНК \"Башнефть\" \"Башнефть-Новойл\""]
["Прокладки","ПАО АНК \"Башнефть\" \"Башнефть-Новойл\"",5,486,"Прокладка 1-1-50-160-10","ШТ",1,207.67,207.67,"450045, г. Уфа, ПАО АНК \"Башнефть\" \"Башнефть-Новойл\""]
["Прокладки","ПАО АНК \"Башнефть\" \"Башнефть-Новойл\"",5,487,"Прокладка 1-1-50-63-20","ШТ",2,174.26,348.52,"450045, г. Уфа, ПАО АНК \"Башнефть\" \"Башнефть-Новойл\""]
["Прокладки","ПАО АНК \"Башнефть\" \"Башнефть-Новойл\"",5,488,"Прокладка 1-1-50-63-20","ШТ",1,174.26,174.26,"450045, г. Уфа, ПАО АНК \"Башнефть\" \"Башнефть-Новойл\""]
["Прокладки","ПАО АНК \"Башнефть\" \"Башнефть-Новойл\"",5,489,"Прокладка 1-1-80-63-08Х18Н10Т","ШТ",4,574.49,2297.96,"450045, г. Уфа, ПАО АНК \"Башнефть\" \"Башнефть-Новойл\""]
["Прокладки","ПАО АНК \"Башнефть\" \"Башнефть-Новойл\"",5,490,"Прокладка 1-1-80-63-08Х18Н10Т","ШТ",1,574.49,574.49,"450045, г. Уфа, ПАО АНК \"Башнефть\" \"Башнефть-Новойл\""]
["Прокладки","ПАО АНК \"Башнефть\" \"Башнефть-Новойл\"",5,491,"Прокладка 1-1-80-63-08Х18Н10Т","ШТ",1,574.49,574.49,"450045, г. Уфа, ПАО АНК \"Башнефть\" \"Башнефть-Новойл\""]
["Прокладки","ПАО АНК \"Башнефть\" \"Башнефть-Новойл\"",5,492,"Прокладка 1-1-80-63-08Х18Н10Т","ШТ",8,574.49,4595.92,"450045, г. Уфа, ПАО АНК \"Башнефть\" \"Башнефть-Новойл\""]
["Прокладки","ПАО АНК \"Башнефть\" \"Башнефть-Новойл\"",5,493,"Прокладка 1-1-80-63-08Х18Н10Т","ШТ",2,574.49,1148.98,"450045, г. Уфа, ПАО АНК \"Башнефть\" \"Башнефть-Новойл\""]
["Прокладки","ПАО АНК \"Башнефть\" \"Башнефть-Новойл\"",5,494,"Прокладка 1-1-80-63-08Х18Н10Т","ШТ",1,574.49,574.49,"450045, г. Уфа, ПАО АНК \"Башнефть\" \"Башнефть-Новойл\""]
["Прокладки","ПАО АНК \"Башнефть\" \"Башнефть-Новойл\"",5,495,"Прокладка 1-1-80-63-08Х18Н10Т","ШТ",16,574.49,9191.84,"450045, г. Уфа, ПАО АНК \"Башнефть\" \"Башнефть-Новойл\""]
["Прокладки","ПАО АНК \"Башнефть\" \"Башнефть-Новойл\"",5,496,"Прокладка 1-1-80-63-08Х18Н10Т","ШТ",2,574.49,1148.98,"450045, г. Уфа, ПАО АНК \"Башнефть\" \"Башнефть-Новойл\""]
["Прокладки","ПАО АНК \"Башнефть\" \"Башнефть-Новойл\"",5,497,"Прокладка 1-1-80-63-08Х18Н10Т","ШТ",22,574.49,12638.78,"450045, г. Уфа, ПАО АНК \"Башнефть\" \"Башнефть-Новойл\""]
["Прокладки","ПАО АНК \"Башнефть\" \"Башнефть-Новойл\"",5,498,"Прокладка 1200-6,3-08Х18Н10Т","ШТ",4,23322.240000000002,93288.960000000006,"450045, г. Уфа, ПАО АНК \"Башнефть\" \"Башнефть-Новойл\""]
["Прокладки","ПАО АНК \"Башнефть\" \"Башнефть-Новойл\"",5,499,"Прокладка 1200-6,3-08Х18Н10Т","ШТ",6,23008.639999999999,138051.84,"450045, г. Уфа, ПАО АНК \"Башнефть\" \"Башнефть-Новойл\""]
["Прокладки","ПАО АНК \"Башнефть\" \"Башнефть-Новойл\"",5,500,"Прокладка 1-250-16-4","ШТ",4,2744.8,10979.2,"450045, г. Уфа, ПАО АНК \"Башнефть\" \"Башнефть-Новойл\""]
["Прокладки","ПАО АНК \"Башнефть\" \"Башнефть-Новойл\"",5,501,"Прокладка 600-6,3-08Х18Н10Т","ШТ",4,6689.66,26758.639999999999,"450045, г. Уфа, ПАО АНК \"Башнефть\" \"Башнефть-Новойл\""]
["Тройники","ПАО АНК \"Башнефть\" \"Башнефть-Новойл\"",6,502,"Тройник 1020(21)-630(14) 10Г2ФБЮ","ШТ",1,171393.97,171393.97,"450045, г. Уфа, ПАО АНК \"Башнефть\" \"Башнефть-Новойл\""]
["Тройники","ПАО АНК \"Башнефть\" \"Башнефть-Новойл\"",6,503,"Тройник 1020х10-20","ШТ",1,30579.89,30579.89,"450045, г. Уфа, ПАО АНК \"Башнефть\" \"Башнефть-Новойл\""]
["Тройники","ПАО АНК \"Башнефть\" \"Башнефть-Новойл\"",6,504,"Тройник 108х10 15Х5М 146801078","ШТ",2,17661.66,35323.32,"450045, г. Уфа, ПАО АНК \"Башнефть\" \"Башнефть-Новойл\""]
["Тройники","ПАО АНК \"Башнефть\" \"Башнефть-Новойл\"",6,505,"Тройник 108х4-76х4 09Г2С ГОСТ 17376","ШТ",15,22.39,335.85,"450045, г. Уфа, ПАО АНК \"Башнефть\" \"Башнефть-Новойл\""]
["Тройники","ПАО АНК \"Башнефть\" \"Башнефть-Новойл\"",6,506,"Тройник 108х6 15Х5М 146801078","ШТ",2,1943.65,3887.3,"450045, г. Уфа, ПАО АНК \"Башнефть\" \"Башнефть-Новойл\""]
["Тройники","ПАО АНК \"Башнефть\" \"Башнефть-Новойл\"",6,507,"Тройник 108х8-89х6 15ГС ГОСТ 17376","ШТ",4,33.65,134.6,"450045, г. Уфа, ПАО АНК \"Башнефть\" \"Башнефть-Новойл\""]
["Тройники","ПАО АНК \"Башнефть\" \"Башнефть-Новойл\"",6,508,"Тройник 133х10-89х8 Ст20 ГОСТ 17376","ШТ",5,12.02,60.099999999999994,"450045, г. Уфа, ПАО АНК \"Башнефть\" \"Башнефть-Новойл\""]
["Тройники","ПАО АНК \"Башнефть\" \"Башнефть-Новойл\"",6,509,"Тройник 133х5","ШТ",2,10.73,21.46,"450045, г. Уфа, ПАО АНК \"Башнефть\" \"Башнефть-Новойл\""]
["Тройники","ПАО АНК \"Башнефть\" \"Башнефть-Новойл\"",6,510,"Тройник 150х8-100х8 эск.29","ШТ",3,461.67,{"$f":"G514*H514","v":1385.01},"450045, г. Уфа, ПАО АНК \"Башнефть\" \"Башнефть-Новойл\""]
["Тройники","ПАО АНК \"Башнефть\" \"Башнефть-Новойл\"",6,511,"Тройник 152х10 15Х5М РД 26-02-80","ШТ",2,17745.34,35490.68,"450045, г. Уфа, ПАО АНК \"Башнефть\" \"Башнефть-Новойл\""]
["Тройники","ПАО АНК \"Башнефть\" \"Башнефть-Новойл\"",6,512,"Тройник 159х4.5-108х4 Ст20 т/о амм.","ШТ",1,1436.58,1436.58,"450045, г. Уфа, ПАО АНК \"Башнефть\" \"Башнефть-Новойл\""]
["Тройники","ПАО АНК \"Башнефть\" \"Башнефть-Новойл\"",6,513,"Тройник 159х4-108х4","ШТ",21,67.33,1413.93,"450045, г. Уфа, ПАО АНК \"Башнефть\" \"Башнефть-Новойл\""]
["Тройники","ПАО АНК \"Башнефть\" \"Башнефть-Новойл\"",6,514,"Тройник 159х5-89х6-15Х15М-У","ШТ",1,8390.7999999999993,8390.7999999999993,"450045, г. Уфа, ПАО АНК \"Башнефть\" \"Башнефть-Новойл\""]
["Тройники","ПАО АНК \"Башнефть\" \"Башнефть-Новойл\"",6,515,"Тройник 159х6-89х6 Ст20 ГОСТ 17376","ШТ",3,108.73,326.19,"450045, г. Уфа, ПАО АНК \"Башнефть\" \"Башнефть-Новойл\""]
["Тройники","ПАО АНК \"Башнефть\" \"Башнефть-Новойл\"",6,516,"Тройник 159Х8-133Х6-09Г2С","ШТ",5,2088.06,10440.299999999999,"450045, г. Уфа, ПАО АНК \"Башнефть\" \"Башнефть-Новойл\""]
["Тройники","ПАО АНК \"Башнефть\" \"Башнефть-Новойл\"",6,517,"Тройник 159х8-133х8 Ст20","ШТ",1,33.619999999999997,33.619999999999997,"450045, г. Уфа, ПАО АНК \"Башнефть\" \"Башнефть-Новойл\""]
["Тройники","ПАО АНК \"Башнефть\" \"Башнефть-Новойл\"",6,518,"Тройник 200х14-150х14 Ст15ГС эск.58","ШТ",3,1778.14,5334.42,"450045, г. Уфа, ПАО АНК \"Башнефть\" \"Башнефть-Новойл\""]
["Тройники","ПАО АНК \"Башнефть\" \"Башнефть-Новойл\"",6,519,"Тройник 200х14-150х14 Ст20 эск.57","ШТ",1,592.71,592.71,"450045, г. Уфа, ПАО АНК \"Башнефть\" \"Башнефть-Новойл\""]
["Тройники","ПАО АНК \"Башнефть\" \"Башнефть-Новойл\"",6,520,"Тройник 219х10-108х8 15Х5М 146801078","ШТ",5,22149.93,110749.65,"450045, г. Уфа, ПАО АНК \"Башнефть\" \"Башнефть-Новойл\""]
["Тройники","ПАО АНК \"Башнефть\" \"Башнефть-Новойл\"",6,521,"Тройник 219х10-133х8 Ст20","ШТ",4,3772.09,15088.36,"450045, г. Уфа, ПАО АНК \"Башнефть\" \"Башнефть-Новойл\""]
["Тройники","ПАО АНК \"Башнефть\" \"Башнефть-Новойл\"",6,522,"Тройник 219Х10-133Х8-09Г2С","ШТ",5,6445.6,32228,"450045, г. Уфа, ПАО АНК \"Башнефть\" \"Башнефть-Новойл\""]
["Тройники","ПАО АНК \"Башнефть\" \"Башнефть-Новойл\"",6,523,"Тройник 219х10-159х8 15Х5М 146801078","ШТ",7,24901.18,174308.26,"450045, г. Уфа, ПАО АНК \"Башнефть\" \"Башнефть-Новойл\""]
["Тройники","ПАО АНК \"Башнефть\" \"Башнефть-Новойл\"",6,524,"Тройник 219х10-159х8 15Х5М ТУ 1469-003","ШТ",2,15746.59,31493.18,"450045, г. Уфа, ПАО АНК \"Башнефть\" \"Башнефть-Новойл\""]
["Тройники","ПАО АНК \"Башнефть\" \"Башнефть-Новойл\"",6,525,"Тройник 219Х10-159Х8-15Х5М","ШТ",2,8025.49,16050.98,"450045, г. Уфа, ПАО АНК \"Башнефть\" \"Башнефть-Новойл\""]
["Тройники","ПАО АНК \"Башнефть\" \"Башнефть-Новойл\"",6,526,"Тройник 219х12-159х11 15Х5М 146801078","ШТ",2,16052.51,32105.02,"450045, г. Уфа, ПАО АНК \"Башнефть\" \"Башнефть-Новойл\""]
["Тройники","ПАО АНК \"Башнефть\" \"Башнефть-Новойл\"",6,527,"Тройник 219х6-159х4.5 Ст20 т/о амм.","ШТ",1,3160.82,3160.82,"450045, г. Уфа, ПАО АНК \"Башнефть\" \"Башнефть-Новойл\""]
["Тройники","ПАО АНК \"Башнефть\" \"Башнефть-Новойл\"",6,528,"Тройник 219х8-133х6-09Г2С","ШТ",2,7444.39,14888.78,"450045, г. Уфа, ПАО АНК \"Башнефть\" \"Башнефть-Новойл\""]
["Тройники","ПАО АНК \"Башнефть\" \"Башнефть-Новойл\"",6,529,"Тройник 273Х10-159Х6","ШТ",1,650.53,650.53,"450045, г. Уфа, ПАО АНК \"Башнефть\" \"Башнефть-Новойл\""]
["Тройники","ПАО АНК \"Башнефть\" \"Башнефть-Новойл\"",6,530,"Тройник 273х12 Ст16ГС","ШТ",1,35179.49,35179.49,"450045, г. Уфа, ПАО АНК \"Башнефть\" \"Башнефть-Новойл\""]
["Тройники","ПАО АНК \"Башнефть\" \"Башнефть-Новойл\"",6,531,"Тройник 273х7 Ст20 т/о амм.","ШТ",1,5622.17,5622.17,"450045, г. Уфа, ПАО АНК \"Башнефть\" \"Башнефть-Новойл\""]
["Тройники","ПАО АНК \"Башнефть\" \"Башнефть-Новойл\"",6,532,"Тройник 325х10-219х8 Ст20 ГОСТ 17376","ШТ",9,7562.47,68062.23,"450045, г. Уфа, ПАО АНК \"Башнефть\" \"Башнефть-Новойл\""]
["Тройники","ПАО АНК \"Башнефть\" \"Башнефть-Новойл\"",6,533,"Тройник 325х10-219х8 Ст20 ГОСТ 17376","ШТ",8,7487.15,59897.2,"450045, г. Уфа, ПАО АНК \"Башнефть\" \"Башнефть-Новойл\""]
["Тройники","ПАО АНК \"Башнефть\" \"Башнефть-Новойл\"",6,534,"Тройник 325х10-219х8 Ст20 ГОСТ 17376","ШТ",1,7487.15,7487.15,"450045, г. Уфа, ПАО АНК \"Башнефть\" \"Башнефть-Новойл\""]
["Тройники","ПАО АНК \"Башнефть\" \"Башнефть-Новойл\"",6,535,"Тройник 325х10-219х8 Ст20 ГОСТ 17376","ШТ",1,7562.47,7562.47,"450045, г. Уфа, ПАО АНК \"Башнефть\" \"Башнефть-Новойл\""]
["Тройники","ПАО АНК \"Башнефть\" \"Башнефть-Новойл\"",6,536,"Тройник 325Х10-219Х8-09Г2С","ШТ",2,359.84,719.68,"450045, г. Уфа, ПАО АНК \"Башнефть\" \"Башнефть-Новойл\""]
["Тройники","ПАО АНК \"Башнефть\" \"Башнефть-Новойл\"",6,537,"Тройник 325Х8-219Х6","ШТ",1,7716.26,7716.26,"450045, г. Уфа, ПАО АНК \"Башнефть\" \"Башнефть-Новойл\""]
["Тройники","ПАО АНК \"Башнефть\" \"Башнефть-Новойл\"",6,538,"Тройник 377Х12-09Г2С","ШТ",1,14891.59,14891.59,"450045, г. Уфа, ПАО АНК \"Башнефть\" \"Башнефть-Новойл\""]
["Тройники","ПАО АНК \"Башнефть\" \"Башнефть-Новойл\"",6,539,"Тройник 377х20 09Г2С ГОСТ 17376","ШТ",1,196.49,196.49,"450045, г. Уфа, ПАО АНК \"Башнефть\" \"Башнефть-Новойл\""]
["Тройники","ПАО АНК \"Башнефть\" \"Башнефть-Новойл\"",6,540,"Тройник 377х20-273х16 Ст20","ШТ",1,30740.81,30740.81,"450045, г. Уфа, ПАО АНК \"Башнефть\" \"Башнефть-Новойл\""]
["Тройники","ПАО АНК \"Башнефть\" \"Башнефть-Новойл\"",6,541,"Тройник 426х10-325х6","ШТ",14,1467.24,20541.36,"450045, г. Уфа, ПАО АНК \"Башнефть\" \"Башнефть-Новойл\""]
["Тройники","ПАО АНК \"Башнефть\" \"Башнефть-Новойл\"",6,542,"Тройник 45х4 Ст20","ШТ",1,441,441,"450045, г. Уфа, ПАО АНК \"Башнефть\" \"Башнефть-Новойл\""]
["Тройники","ПАО АНК \"Башнефть\" \"Башнефть-Новойл\"",6,543,"Тройник 530х16 08Х18Н10Т","ШТ",1,121965.16,121965.16,"450045, г. Уфа, ПАО АНК \"Башнефть\" \"Башнефть-Новойл\""]
["Тройники","ПАО АНК \"Башнефть\" \"Башнефть-Новойл\"",6,544,"Тройник 76х6 Ст20","ШТ",5,9.6199999999999992,48.099999999999994,"450045, г. Уфа, ПАО АНК \"Башнефть\" \"Башнефть-Новойл\""]
["Тройники","ПАО АНК \"Башнефть\" \"Башнефть-Новойл\"",6,545,"Тройник 820х10-426х7 Ст3сп ОСТ 36-24-77","ШТ",5,55855.71,279278.55,"450045, г. Уфа, ПАО АНК \"Башнефть\" \"Башнефть-Новойл\""]
["Тройники","ПАО АНК \"Башнефть\" \"Башнефть-Новойл\"",6,546,"Тройник 820х10-426х7 Ст3сп ОСТ 36-24-77","ШТ",1,24718.46,24718.46,"450045, г. Уфа, ПАО АНК \"Башнефть\" \"Башнефть-Новойл\""]
["Тройники","ПАО АНК \"Башнефть\" \"Башнефть-Новойл\"",6,547,"Тройник 820х10-426х8 Ст3сп ОСТ 36-24-77","ШТ",4,54386.2,217544.8,"450045, г. Уфа, ПАО АНК \"Башнефть\" \"Башнефть-Новойл\""]
["Тройники","ПАО АНК \"Башнефть\" \"Башнефть-Новойл\"",6,548,"Тройник 89х10 09Г2С ГОСТ 17376","ШТ",7,41.14,287.98,"450045, г. Уфа, ПАО АНК \"Башнефть\" \"Башнефть-Новойл\""]
["Тройники","ПАО АНК \"Башнефть\" \"Башнефть-Новойл\"",6,549,"Тройник 89Х3,5-57Х3","ШТ",7,38.72,271.03999999999996,"450045, г. Уфа, ПАО АНК \"Башнефть\" \"Башнефть-Новойл\""]
["Тройники","ПАО АНК \"Башнефть\" \"Башнефть-Новойл\"",6,550,"Тройник 89Х3,5-57Х3","ШТ",2,504.26,1008.52,"450045, г. Уфа, ПАО АНК \"Башнефть\" \"Башнефть-Новойл\""]
["Тройники","ПАО АНК \"Башнефть\" \"Башнефть-Новойл\"",6,551,"Тройник 89х3.5-57х3 09Г2С ГОСТ 17376","ШТ",16,48.28,772.48,"450045, г. Уфа, ПАО АНК \"Башнефть\" \"Башнефть-Новойл\""]
["Тройники","ПАО АНК \"Башнефть\" \"Башнефть-Новойл\"",6,552,"Тройник П 1-219х6-159х5 Ст20","ШТ",2,3043.52,6087.04,"450045, г. Уфа, ПАО АНК \"Башнефть\" \"Башнефть-Новойл\""]
["Тройники","ПАО АНК \"Башнефть\" \"Башнефть-Новойл\"",6,553,"Тройник П 1220х15 Ст20","ШТ",1,118529.2,118529.2,"450045, г. Уфа, ПАО АНК \"Башнефть\" \"Башнефть-Новойл\""]
["Тройники","ПАО АНК \"Башнефть\" \"Башнефть-Новойл\"",6,554,"Тройник П 159х10-15Х5М","ШТ",1,10948.16,10948.16,"450045, г. Уфа, ПАО АНК \"Башнефть\" \"Башнефть-Новойл\""]
["Тройники","ПАО АНК \"Башнефть\" \"Башнефть-Новойл\"",6,555,"Тройник П 273х10-15х5М","ШТ",2,21889.79,43779.58,"450045, г. Уфа, ПАО АНК \"Башнефть\" \"Башнефть-Новойл\""]
["Тройники","ПАО АНК \"Башнефть\" \"Башнефть-Новойл\"",6,556,"Тройник П 273х10-219х6","ШТ",1,4046.25,4046.25,"450045, г. Уфа, ПАО АНК \"Башнефть\" \"Башнефть-Новойл\""]
["Тройники","ПАО АНК \"Башнефть\" \"Башнефть-Новойл\"",6,557,"Тройник П 273х12-12Х18Н10Т","ШТ",1,33356.04,33356.04,"450045, г. Уфа, ПАО АНК \"Башнефть\" \"Башнефть-Новойл\""]
["Тройники","ПАО АНК \"Башнефть\" \"Башнефть-Новойл\"",6,558,"Тройник П 325Х8-219Х6-09Г2С","ШТ",1,13552.95,13552.95,"450045, г. Уфа, ПАО АНК \"Башнефть\" \"Башнефть-Новойл\""]
["Тройники","ПАО АНК \"Башнефть\" \"Башнефть-Новойл\"",6,559,"Тройник П 325Х8-219Х6-09Г2С","ШТ",3,5213.26,15639.78,"450045, г. Уфа, ПАО АНК \"Башнефть\" \"Башнефть-Новойл\""]
["Тройники","ПАО АНК \"Башнефть\" \"Башнефть-Новойл\"",6,560,"Тройник П 377Х10-09Г2С","ШТ",3,6968.64,20905.920000000002,"450045, г. Уфа, ПАО АНК \"Башнефть\" \"Башнефть-Новойл\""]
["Тройники","ПАО АНК \"Башнефть\" \"Башнефть-Новойл\"",6,561,"Тройник П 377Х12-273Х10","ШТ",1,9651.94,9651.94,"450045, г. Уфа, ПАО АНК \"Башнефть\" \"Башнефть-Новойл\""]
["Тройники","ПАО АНК \"Башнефть\" \"Башнефть-Новойл\"",6,562,"Тройник П 377х12-273х10-08Х18Н10Т","ШТ",1,74339.649999999994,74339.649999999994,"450045, г. Уфа, ПАО АНК \"Башнефть\" \"Башнефть-Новойл\""]
["Тройники","ПАО АНК \"Башнефть\" \"Башнефть-Новойл\"",6,563,"Тройник П 630х30-530х30-15Х1М1Ф","ШТ",2,588160.03,1176320.06,"450045, г. Уфа, ПАО АНК \"Башнефть\" \"Башнефть-Новойл\""]
["Тройники","ПАО АНК \"Башнефть\" \"Башнефть-Новойл\"",6,564,"Тройник П 820х14-426х8 Ст3сп","ШТ",1,45309.97,45309.97,"450045, г. Уфа, ПАО АНК \"Башнефть\" \"Башнефть-Новойл\""]
["Тройники","ПАО АНК \"Башнефть\" \"Башнефть-Новойл\"",6,565,"Тройник П219х10 15Х5М ТУ 3600-010-78","ШТ",1,40786.92,40786.92,"450045, г. Уфа, ПАО АНК \"Башнефть\" \"Башнефть-Новойл\""]
["Тройники","ПАО АНК \"Башнефть\" \"Башнефть-Новойл\"",6,566,"Тройник П219х16 15Х5М ТУ3600-010-7878627","ШТ",1,23446.32,23446.32,"450045, г. Уфа, ПАО АНК \"Башнефть\" \"Башнефть-Новойл\""]
["Тройники","ПАО АНК \"Башнефть\" \"Башнефть-Новойл\"",6,567,"Тройник П219х8-219х8 Ст20 ГОСТ 17376","ШТ",1,2126.27,2126.27,"450045, г. Уфа, ПАО АНК \"Башнефть\" \"Башнефть-Новойл\""]
["Тройники","ПАО АНК \"Башнефть\" \"Башнефть-Новойл\"",6,568,"Тройник П325х16-273х16 Ст20","ШТ",1,8853.25,8853.25,"450045, г. Уфа, ПАО АНК \"Башнефть\" \"Башнефть-Новойл\""]
["Тройники","ПАО АНК \"Башнефть\" \"Башнефть-Новойл\"",6,569,"Тройник П377х16 Ст20","ШТ",1,16775.96,16775.96,"450045, г. Уфа, ПАО АНК \"Башнефть\" \"Башнефть-Новойл\""]
["Тройники","ПАО АНК \"Башнефть\" \"Башнефть-Новойл\"",6,570,"Тройник П426х18-325х16 Ст20","ШТ",1,14169.62,14169.62,"450045, г. Уфа, ПАО АНК \"Башнефть\" \"Башнефть-Новойл\""]
["Тройники","ПАО АНК \"Башнефть\" \"Башнефть-Новойл\"",6,571,"Тройник П426х18-325х16 Ст20","ШТ",1,16531.28,16531.28,"450045, г. Уфа, ПАО АНК \"Башнефть\" \"Башнефть-Новойл\""]
["Тройники","ПАО АНК \"Башнефть\" \"Башнефть-Новойл\"",6,572,"Тройник П530х14-325х10 08Х18Н10Т ТУ 1469","ШТ",1,117810.68,117810.68,"450045, г. Уфа, ПАО АНК \"Башнефть\" \"Башнефть-Новойл\""]
["Тройники","ПАО АНК \"Башнефть\" \"Башнефть-Новойл\"",6,573,"Тройник П57х5-45х4 12Х18Н10Т по ТУ","ШТ",8,1571.27,12570.16,"450045, г. Уфа, ПАО АНК \"Башнефть\" \"Башнефть-Новойл\""]
["Тройники","ПАО АНК \"Башнефть\" \"Башнефть-Новойл\"",6,574,"Тройник П89х8-57х5.5 15Х5М ТУ3600-010-78","ШТ",1,5776.33,{"$f":"G578*H578","v":5776.33},"450045, г. Уфа, ПАО АНК \"Башнефть\" \"Башнефть-Новойл\""]
["Тройники","ПАО АНК \"Башнефть\" \"Башнефть-Новойл\"",6,575,"Тройник П89х8-57х5.5 15Х5М ТУ3600-010-78","ШТ",1,3390.43,3390.43,"450045, г. Уфа, ПАО АНК \"Башнефть\" \"Башнефть-Новойл\""]
["Тройники","ПАО АНК \"Башнефть\" \"Башнефть-Новойл\"",6,576,"Тройник приварной ТП1-14","ШТ",3,881.64,2644.92,"450045, г. Уфа, ПАО АНК \"Башнефть\" \"Башнефть-Новойл\""]
["Тройники","ПАО АНК \"Башнефть\" \"Башнефть-Новойл\"",6,577,"Тройник приварной ТП1-14","ШТ",3,598.91,1796.73,"450045, г. Уфа, ПАО АНК \"Башнефть\" \"Башнефть-Новойл\""]
["Тройники","ПАО АНК \"Башнефть\" \"Башнефть-Новойл\"",6,578,"Тройник резьбовой ТР-02.200 Ст20","ШТ",1,250.13,250.13,"450045, г. Уфа, ПАО АНК \"Башнефть\" \"Башнефть-Новойл\""]
["Тройники","ПАО АНК \"Башнефть\" \"Башнефть-Новойл\"",6,579,"Тройник сварной ч.М-09-130 СБ","ШТ",2,22619.17,45238.34,"450045, г. Уфа, ПАО АНК \"Башнефть\" \"Башнефть-Новойл\""]
["Тройники","ПАО АНК \"Башнефть\" \"Башнефть-Новойл\"",6,580,"Тройник ТБ 325х22-273х18","ШТ",2,32844.730000000003,65689.460000000006,"450045, г. Уфа, ПАО АНК \"Башнефть\" \"Башнефть-Новойл\""]
["Тройники","ПАО АНК \"Башнефть\" \"Башнефть-Новойл\"",6,581,"Тройник ТБ 377х20-325х18","ШТ",1,30980.240000000002,30980.240000000002,"450045, г. Уфа, ПАО АНК \"Башнефть\" \"Башнефть-Новойл\""]
["Тройники","ПАО АНК \"Башнефть\" \"Башнефть-Новойл\"",6,582,"Тройник ТБ 426х24-325х22","ШТ",2,32844.730000000003,65689.460000000006,"450045, г. Уфа, ПАО АНК \"Башнефть\" \"Башнефть-Новойл\""]
["Тройники","ПАО АНК \"Башнефть\" \"Башнефть-Новойл\"",6,583,"Тройник ТП-04.200 Ст.20","ШТ",25,294.17,7354.25,"450045, г. Уфа, ПАО АНК \"Башнефть\" \"Башнефть-Новойл\""]
["Тройники","ПАО АНК \"Башнефть\" \"Башнефть-Новойл\"",6,584,"Тройник ТС 426-12-7,5-0,6-0,75","ШТ",2,12322.34,24644.68,"450045, г. Уфа, ПАО АНК \"Башнефть\" \"Башнефть-Новойл\""]
["Тройники","ПАО АНК \"Башнефть\" \"Башнефть-Новойл\"",6,585,"Тройник ТС 720х24-08Х18Н10Т","ШТ",1,503133.84,503133.84,"450045, г. Уфа, ПАО АНК \"Башнефть\" \"Башнефть-Новойл\""]
["Тройники","ПАО АНК \"Башнефть\" \"Башнефть-Новойл\"",6,586,"Тройник ТС 720х24-09Г2С","ШТ",1,107672.23,107672.23,"450045, г. Уфа, ПАО АНК \"Башнефть\" \"Башнефть-Новойл\""]
["Тройники","ПАО АНК \"Башнефть\" \"Башнефть-Новойл\"",6,587,"Тройник ТТ ЦЭШЛ 57х5-15Х5М","ШТ",5,4808.63,24043.15,"450045, г. Уфа, ПАО АНК \"Башнефть\" \"Башнефть-Новойл\""]
["Тройники","ПАО АНК \"Башнефть\" \"Башнефть-Новойл\"",6,588,"Тройник ТШС 530х16-530х16-08Х18Н10Т","ШТ",1,260199.2,260199.2,"450045, г. Уфа, ПАО АНК \"Башнефть\" \"Башнефть-Новойл\""]
["Тройники","ПАО АНК \"Башнефть\" \"Башнефть-Новойл\"",6,589,"Тройник ТШС 530х16-530х16-08Х18Н10Т","ШТ",1,260199.2,260199.2,"450045, г. Уфа, ПАО АНК \"Башнефть\" \"Башнефть-Новойл\""]
["Тройники","ПАО АНК \"Башнефть\" \"Башнефть-Новойл\"",6,590,"Тройник ТШС 530х20-219х18","ШТ",5,32651.83,163259.15000000002,"450045, г. Уфа, ПАО АНК \"Башнефть\" \"Башнефть-Новойл\""]
["Тройники","ПАО АНК \"Башнефть\" \"Башнефть-Новойл\"",6,591,"Тройник ТШС 530х20-4,0-0,75 08Х18Н10Т","ШТ",1,167584.75,167584.75,"450045, г. Уфа, ПАО АНК \"Башнефть\" \"Башнефть-Новойл\""]
["Тройники","ПАО АНК \"Башнефть\" \"Башнефть-Новойл\"",6,592,"Тройник ТШС 530х20-4,0-0,75 08Х18Н10Т","ШТ",1,173853.16,173853.16,"450045, г. Уфа, ПАО АНК \"Башнефть\" \"Башнефть-Новойл\""]
["Тройники","ПАО АНК \"Башнефть\" \"Башнефть-Новойл\"",6,593,"Тройник ТШС 530х25-530х25-12Х1МФ","ШТ",2,169321.49,338642.98,"450045, г. Уфа, ПАО АНК \"Башнефть\" \"Башнефть-Новойл\""]
["Тройники","ПАО АНК \"Башнефть\" \"Башнефть-Новойл\"",6,594,"Тройник ТШС 630х28-530х28-12Х1МФ","ШТ",1,271750.55,271750.55,"450045, г. Уфа, ПАО АНК \"Башнефть\" \"Башнефть-Новойл\""]
["Тройники","ПАО АНК \"Башнефть\" \"Башнефть-Новойл\"",6,595,"Тройник ТШС 630х28-530х28-12Х1МФ","ШТ",1,263542.43,263542.43,"450045, г. Уфа, ПАО АНК \"Башнефть\" \"Башнефть-Новойл\""]
["Тройники","ПАО АНК \"Башнефть\" \"Башнефть-Новойл\"",6,596,"Тройник ТШС 720х20-159х18-09Г2С","ШТ",1,50991.71,50991.71,"450045, г. Уфа, ПАО АНК \"Башнефть\" \"Башнефть-Новойл\""]
["Тройники","ПАО АНК \"Башнефть\" \"Башнефть-Новойл\"",6,597,"Тройник ТШС 720х20-219х18-09Г2С","ШТ",3,50991.71,152975.13,"450045, г. Уфа, ПАО АНК \"Башнефть\" \"Башнефть-Новойл\""]
["Тройники","ПАО АНК \"Башнефть\" \"Башнефть-Новойл\"",6,598,"Тройник ТШС 720х26-426х20-09Г2С","ШТ",4,81196.83,324787.32,"450045, г. Уфа, ПАО АНК \"Башнефть\" \"Башнефть-Новойл\""]
["Тройники","ПАО АНК \"Башнефть\" \"Башнефть-Новойл\"",6,599,"Тройник ТШС530х14-325х10-4-0,6 08Х18Н10Т","ШТ",3,94365.41,283096.23,"450045, г. Уфа, ПАО АНК \"Башнефть\" \"Башнефть-Новойл\""]
["Тройники","ПАО АНК \"Башнефть\" \"Башнефть-Новойл\"",6,600,"Тройник ЦЭШЛ 325х26","ШТ",1,32844.730000000003,32844.730000000003,"450045, г. Уфа, ПАО АНК \"Башнефть\" \"Башнефть-Новойл\""]
["Тройники","ПАО АНК \"Башнефть\" \"Башнефть-Новойл\"",6,601,"Тройник377х20-219х12 08Х18Н10Т 1468-030-","ШТ",1,652.04,652.04,"450045, г. Уфа, ПАО АНК \"Башнефть\" \"Башнефть-Новойл\""]
["Тройники","ПАО АНК \"Башнефть\" \"Башнефть-Новойл\"",6,602,"Тройник 108х6 15Х5М 146801078","ШТ",2,1943.65,3887.3,"450045, г. Уфа, ПАО АНК \"Башнефть\" \"Башнефть-Новойл\""]
["Тройники","ПАО АНК \"Башнефть\" \"Башнефть-Новойл\"",6,603,"Тройник 152х10 15Х5М РД 26-02-80","ШТ",1,17745.34,17745.34,"450045, г. Уфа, ПАО АНК \"Башнефть\" \"Башнефть-Новойл\""]
["Тройники","ПАО АНК \"Башнефть\" \"Башнефть-Новойл\"",6,604,"Тройник 273Х10-159Х6","ШТ",8,650.53,5204.24,"450045, г. Уфа, ПАО АНК \"Башнефть\" \"Башнефть-Новойл\""]
["Тройники","ПАО АНК \"Башнефть\" \"Башнефть-Новойл\"",6,605,"Тройник 273х16-159х11 Ст20","ШТ",1,6124.75,6124.75,"450045, г. Уфа, ПАО АНК \"Башнефть\" \"Башнефть-Новойл\""]
["Фланцы","ПАО АНК \"Башнефть\" \"Башнефть-Новойл\"",7,606,"Фланец 1-1200-6 Ст20","ШТ",1,14347.2,14347.2,"450045, г. Уфа, ПАО АНК \"Башнефть\" \"Башнефть-Новойл\""]
["Фланцы","ПАО АНК \"Башнефть\" \"Башнефть-Новойл\"",7,607,"Фланец 1-125-16 12Х18Н10Т","ШТ",1,1299.1600000000001,1299.1600000000001,"450045, г. Уфа, ПАО АНК \"Башнефть\" \"Башнефть-Новойл\""]
["Фланцы","ПАО АНК \"Башнефть\" \"Башнефть-Новойл\"",7,608,"Фланец 1-200-160 Ст20","ШТ",5,11744.46,58722.299999999996,"450045, г. Уфа, ПАО АНК \"Башнефть\" \"Башнефть-Новойл\""]
["Фланцы","ПАО АНК \"Башнефть\" \"Башнефть-Новойл\"",7,609,"Фланец 1-350-2.5 Ст20","ШТ",14,1467.32,20542.48,"450045, г. Уфа, ПАО АНК \"Башнефть\" \"Башнефть-Новойл\""]
["Фланцы","ПАО АНК \"Башнефть\" \"Башнефть-Новойл\"",7,610,"Фланец 1-40-16 15Х5М ГОСТ 12821","ШТ",3,80.83,242.49,"450045, г. Уфа, ПАО АНК \"Башнефть\" \"Башнефть-Новойл\""]
["Фланцы","ПАО АНК \"Башнефть\" \"Башнефть-Новойл\"",7,611,"Фланец 1-65-6 Ст15ХМ","ШТ",1,1346.04,1346.04,"450045, г. Уфа, ПАО АНК \"Башнефть\" \"Башнефть-Новойл\""]
["Фланцы","ПАО АНК \"Башнефть\" \"Башнефть-Новойл\"",7,612,"Фланец 1-700-25 Ст20","ШТ",1,41387.410000000003,41387.410000000003,"450045, г. Уфа, ПАО АНК \"Башнефть\" \"Башнефть-Новойл\""]
["Фланцы","ПАО АНК \"Башнефть\" \"Башнефть-Новойл\"",7,613,"Фланец 2-100-100 12Х18Н10Т","ШТ",2,7023.68,14047.36,"450045, г. Уфа, ПАО АНК \"Башнефть\" \"Башнефть-Новойл\""]
["Фланцы","ПАО АНК \"Башнефть\" \"Башнефть-Новойл\"",7,614,"Фланец 2-1400-0,6-150 Ст20","ШТ",1,30912.25,30912.25,"450045, г. Уфа, ПАО АНК \"Башнефть\" \"Башнефть-Новойл\""]
["Фланцы","ПАО АНК \"Башнефть\" \"Башнефть-Новойл\"",7,615,"Фланец 2-15-10 Ст20","ШТ",118,13.27,1565.86,"450045, г. Уфа, ПАО АНК \"Башнефть\" \"Башнефть-Новойл\""]
["Фланцы","ПАО АНК \"Башнефть\" \"Башнефть-Новойл\"",7,616,"Фланец 2-15-16 09Г2С ГОСТ 12821","ШТ",1,178.09,178.09,"450045, г. Уфа, ПАО АНК \"Башнефть\" \"Башнефть-Новойл\""]
["Фланцы","ПАО АНК \"Башнефть\" \"Башнефть-Новойл\"",7,617,"Фланец 2-15-40 10Х17Н13М2Т МКК","ШТ",22,1046.44,23021.68,"450045, г. Уфа, ПАО АНК \"Башнефть\" \"Башнефть-Новойл\""]
["Фланцы","ПАО АНК \"Башнефть\" \"Башнефть-Новойл\"",7,618,"Фланец 2-250-40 10Х17Н13М2Т МКК","ШТ",5,22530.98,112654.9,"450045, г. Уфа, ПАО АНК \"Башнефть\" \"Башнефть-Новойл\""]
["Фланцы","ПАО АНК \"Башнефть\" \"Башнефть-Новойл\"",7,619,"Фланец 2-50-16 06ХН28МДТ МКК","ШТ",1,10046.39,10046.39,"450045, г. Уфа, ПАО АНК \"Башнефть\" \"Башнефть-Новойл\""]
["Фланцы","ПАО АНК \"Башнефть\" \"Башнефть-Новойл\"",7,620,"Фланец 2-50-160 Ст20","ШТ",2,875.28,1750.56,"450045, г. Уфа, ПАО АНК \"Башнефть\" \"Башнефть-Новойл\""]
["Фланцы","ПАО АНК \"Башнефть\" \"Башнефть-Новойл\"",7,621,"Фланец 2-50-160 Ст20","ШТ",8,875.28,7002.24,"450045, г. Уфа, ПАО АНК \"Башнефть\" \"Башнефть-Новойл\""]
["Фланцы","ПАО АНК \"Башнефть\" \"Башнефть-Новойл\"",7,622,"Фланец 2-50-160 Ст20","ШТ",2,875.28,1750.56,"450045, г. Уфа, ПАО АНК \"Башнефть\" \"Башнефть-Новойл\""]
["Фланцы","ПАО АНК \"Башнефть\" \"Башнефть-Новойл\"",7,623,"Фланец 2-700-40 15ХМ","ШТ",2,38556.15,77112.3,"450045, г. Уфа, ПАО АНК \"Башнефть\" \"Башнефть-Новойл\""]
["Фланцы","ПАО АНК \"Башнефть\" \"Башнефть-Новойл\"",7,624,"Фланец 2-80-10 10Г2 ГОСТ 12821","ШТ",1,49.06,49.06,"450045, г. Уфа, ПАО АНК \"Башнефть\" \"Башнефть-Новойл\""]
["Фланцы","ПАО АНК \"Башнефть\" \"Башнефть-Новойл\"",7,625,"Фланец 3-100-100 08Х18Н10Т","ШТ",4,7023.68,28094.720000000001,"450045, г. Уфа, ПАО АНК \"Башнефть\" \"Башнефть-Новойл\""]
["Фланцы","ПАО АНК \"Башнефть\" \"Башнефть-Новойл\"",7,626,"Фланец 3-10-40 12Х18Н10Т","ШТ",3,706.22,2118.66,"450045, г. Уфа, ПАО АНК \"Башнефть\" \"Башнефть-Новойл\""]
["Фланцы","ПАО АНК \"Башнефть\" \"Башнефть-Новойл\"",7,627,"Фланец 3-1400-0,6-150 Ст20","ШТ",2,31432.91,62865.82,"450045, г. Уфа, ПАО АНК \"Башнефть\" \"Башнефть-Новойл\""]
["Фланцы","ПАО АНК \"Башнефть\" \"Башнефть-Новойл\"",7,628,"Фланец 3-150-40 06ХН28МДТ МКК ГОСТ12821","ШТ",2,11102.44,22204.880000000001,"450045, г. Уфа, ПАО АНК \"Башнефть\" \"Башнефть-Новойл\""]
["Фланцы","ПАО АНК \"Башнефть\" \"Башнефть-Новойл\"",7,629,"Фланец 3-150-40 12Х18Н10Т МКК","ШТ",1,5620.97,5620.97,"450045, г. Уфа, ПАО АНК \"Башнефть\" \"Башнефть-Новойл\""]
["Фланцы","ПАО АНК \"Башнефть\" \"Башнефть-Новойл\"",7,630,"Фланец 3-150-40 12Х18Н10Т МКК","ШТ",1,10345.27,10345.27,"450045, г. Уфа, ПАО АНК \"Башнефть\" \"Башнефть-Новойл\""]
["Фланцы","ПАО АНК \"Башнефть\" \"Башнефть-Новойл\"",7,631,"Фланец 3-15-40 06ХН28МДТ МКК","ШТ",12,2034.61,24415.32,"450045, г. Уфа, ПАО АНК \"Башнефть\" \"Башнефть-Новойл\""]
["Фланцы","ПАО АНК \"Башнефть\" \"Башнефть-Новойл\"",7,632,"Фланец 3-15-40 10Х17Н13М3Т","ШТ",8,947.81,7582.48,"450045, г. Уфа, ПАО АНК \"Башнефть\" \"Башнефть-Новойл\""]
["Фланцы","ПАО АНК \"Башнефть\" \"Башнефть-Новойл\"",7,633,"Фланец 3-20-40 09Г2С ГОСТ 12821","ШТ",1,154.99,154.99,"450045, г. Уфа, ПАО АНК \"Башнефть\" \"Башнефть-Новойл\""]
["Фланцы","ПАО АНК \"Башнефть\" \"Башнефть-Новойл\"",7,634,"Фланец 3-250-16 12Х18Н10Т МКК","ШТ",4,12746.26,50985.04,"450045, г. Уфа, ПАО АНК \"Башнефть\" \"Башнефть-Новойл\""]
["Фланцы","ПАО АНК \"Башнефть\" \"Башнефть-Новойл\"",7,635,"Фланец 3-250-40 10Х17Н13М3Т","ШТ",20,22570.01,451400.19999999995,"450045, г. Уфа, ПАО АНК \"Башнефть\" \"Башнефть-Новойл\""]
["Фланцы","ПАО АНК \"Башнефть\" \"Башнефть-Новойл\"",7,636,"Фланец 3-32-40 08Х18Н10Т МКК","ШТ",3,1267.32,3801.96,"450045, г. Уфа, ПАО АНК \"Башнефть\" \"Башнефть-Новойл\""]
["Фланцы","ПАО АНК \"Башнефть\" \"Башнефть-Новойл\"",7,637,"Фланец 3-32-40 12Х18Н10Т МКК","ШТ",2,1267.32,2534.64,"450045, г. Уфа, ПАО АНК \"Башнефть\" \"Башнефть-Новойл\""]
["Фланцы","ПАО АНК \"Башнефть\" \"Башнефть-Новойл\"",7,638,"Фланец 3-32-63 12Х18Н9Т","ШТ",1,1413.6,{"$f":"G642*H642","v":1413.6},"450045, г. Уфа, ПАО АНК \"Башнефть\" \"Башнефть-Новойл\""]
["Фланцы","ПАО АНК \"Башнефть\" \"Башнефть-Новойл\"",7,639,"Фланец 3-32-63 12Х18Н9Т","ШТ",1,1364.57,1364.57,"450045, г. Уфа, ПАО АНК \"Башнефть\" \"Башнефть-Новойл\""]
["Фланцы","ПАО АНК \"Башнефть\" \"Башнефть-Новойл\"",7,640,"Фланец 3-32-63 Ст20","ШТ",1,314.26,314.26,"450045, г. Уфа, ПАО АНК \"Башнефть\" \"Башнефть-Новойл\""]
["Фланцы","ПАО АНК \"Башнефть\" \"Башнефть-Новойл\"",7,641,"Фланец 3-50-40 06ХН28МДТ МКК","ШТ",4,6286.22,25144.880000000001,"450045, г. Уфа, ПАО АНК \"Башнефть\" \"Башнефть-Новойл\""]
["Фланцы","ПАО АНК \"Башнефть\" \"Башнефть-Новойл\"",7,642,"Фланец 3-50-6 Ст20","ШТ",1,152.26,152.26,"450045, г. Уфа, ПАО АНК \"Башнефть\" \"Башнефть-Новойл\""]
["Фланцы","ПАО АНК \"Башнефть\" \"Башнефть-Новойл\"",7,643,"Фланец 3-80-100 Ст20","ШТ",4,884.68,3538.72,"450045, г. Уфа, ПАО АНК \"Башнефть\" \"Башнефть-Новойл\""]
["Фланцы","ПАО АНК \"Башнефть\" \"Башнефть-Новойл\"",7,644,"Фланец 3-80-16 06ХН28МДТ МКК","ШТ",2,10355.65,20711.3,"450045, г. Уфа, ПАО АНК \"Башнефть\" \"Башнефть-Новойл\""]
["Фланцы","ПАО АНК \"Башнефть\" \"Башнефть-Новойл\"",7,645,"Фланец 3-80-40 06ХН28МДТ МКК","ШТ",1,12726.11,12726.11,"450045, г. Уфа, ПАО АНК \"Башнефть\" \"Башнефть-Новойл\""]
["Фланцы","ПАО АНК \"Башнефть\" \"Башнефть-Новойл\"",7,646,"Фланец 4-100-100 Ст20","ШТ",2,1472.51,2945.02,"450045, г. Уфа, ПАО АНК \"Башнефть\" \"Башнефть-Новойл\""]
["Фланцы","ПАО АНК \"Башнефть\" \"Башнефть-Новойл\"",7,647,"Фланец 4-100-16 12Х18Н10Т","ШТ",1,3936.46,3936.46,"450045, г. Уфа, ПАО АНК \"Башнефть\" \"Башнефть-Новойл\""]
["Фланцы","ПАО АНК \"Башнефть\" \"Башнефть-Новойл\"",7,648,"Фланец 4-100-16 Ст20","ШТ",1,537.83000000000004,537.83000000000004,"450045, г. Уфа, ПАО АНК \"Башнефть\" \"Башнефть-Новойл\""]
["Фланцы","ПАО АНК \"Башнефть\" \"Башнефть-Новойл\"",7,649,"Фланец 4-125-16 08Х18Н10Т","ШТ",4,8049.96,32199.84,"450045, г. Уфа, ПАО АНК \"Башнефть\" \"Башнефть-Новойл\""]
["Фланцы","ПАО АНК \"Башнефть\" \"Башнефть-Новойл\"",7,650,"Фланец 4-150-16 15Х5М","ШТ",2,1692.88,3385.76,"450045, г. Уфа, ПАО АНК \"Башнефть\" \"Башнефть-Новойл\""]
["Фланцы","ПАО АНК \"Башнефть\" \"Башнефть-Новойл\"",7,651,"Фланец 4-300-16 15Х5М","ШТ",1,5051.18,5051.18,"450045, г. Уфа, ПАО АНК \"Башнефть\" \"Башнефть-Новойл\""]
["Фланцы","ПАО АНК \"Башнефть\" \"Башнефть-Новойл\"",7,652,"Фланец 4-40-25 Ст20 ГОСТ 12821","ШТ",2,224.09,448.18,"450045, г. Уфа, ПАО АНК \"Башнефть\" \"Башнефть-Новойл\""]
["Фланцы","ПАО АНК \"Башнефть\" \"Башнефть-Новойл\"",7,653,"Фланец 4-50-100 Ст20 т/о","ШТ",4,625.25,2501,"450045, г. Уфа, ПАО АНК \"Башнефть\" \"Башнефть-Новойл\""]
["Фланцы","ПАО АНК \"Башнефть\" \"Башнефть-Новойл\"",7,654,"Фланец 4-600-16 Ст20","ШТ",4,10411.209999999999,41644.839999999997,"450045, г. Уфа, ПАО АНК \"Башнефть\" \"Башнефть-Новойл\""]
["Фланцы","ПАО АНК \"Башнефть\" \"Башнефть-Новойл\"",7,655,"Фланец 4-600-40 09Г2С","ШТ",2,25255.91,50511.82,"450045, г. Уфа, ПАО АНК \"Башнефть\" \"Башнефть-Новойл\""]
["Фланцы","ПАО АНК \"Башнефть\" \"Башнефть-Новойл\"",7,656,"Фланец 5-150-25 12Х18Н10Т","ШТ",1,3464.26,3464.26,"450045, г. Уфа, ПАО АНК \"Башнефть\" \"Башнефть-Новойл\""]
["Фланцы","ПАО АНК \"Башнефть\" \"Башнефть-Новойл\"",7,657,"Фланец 5-25-25 Ст20 ГОСТ 12821","ШТ",2,225.02,450.04,"450045, г. Уфа, ПАО АНК \"Башнефть\" \"Башнефть-Новойл\""]
["Фланцы","ПАО АНК \"Башнефть\" \"Башнефть-Новойл\"",7,658,"Фланец 5-25-63 Ст20","ШТ",4,268.38,1073.52,"450045, г. Уфа, ПАО АНК \"Башнефть\" \"Башнефть-Новойл\""]
["Фланцы","ПАО АНК \"Башнефть\" \"Башнефть-Новойл\"",7,659,"Фланец 5-50-16 12Х18Н10Т","ШТ",1,1524.76,1524.76,"450045, г. Уфа, ПАО АНК \"Башнефть\" \"Башнефть-Новойл\""]
["Фланцы","ПАО АНК \"Башнефть\" \"Башнефть-Новойл\"",7,660,"Фланец 7-15-63 15ХМ","ШТ",5,667.51,3337.55,"450045, г. Уфа, ПАО АНК \"Башнефть\" \"Башнефть-Новойл\""]
["Фланцы","ПАО АНК \"Башнефть\" \"Башнефть-Новойл\"",7,661,"Фланец 7-250-100 08Х18Н10Т","ШТ",1,48915.65,48915.65,"450045, г. Уфа, ПАО АНК \"Башнефть\" \"Башнефть-Новойл\""]
["Фланцы","ПАО АНК \"Башнефть\" \"Башнефть-Новойл\"",7,662,"Фланец 7-25-63 12Х18Н10Т","ШТ",3,1319.64,3958.92,"450045, г. Уфа, ПАО АНК \"Башнефть\" \"Башнефть-Новойл\""]
["Фланцы","ПАО АНК \"Башнефть\" \"Башнефть-Новойл\"",7,663,"Фланец DN25 09Г2С МТО-200-12","ШТ",1,401.58,401.58,"450045, г. Уфа, ПАО АНК \"Башнефть\" \"Башнефть-Новойл\""]
["Фланцы","ПАО АНК \"Башнефть\" \"Башнефть-Новойл\"",7,664,"Фланец DN40 09Г2С МТО-201-12","ШТ",1,389.12,389.12,"450045, г. Уфа, ПАО АНК \"Башнефть\" \"Башнефть-Новойл\""]
["Фланцы","ПАО АНК \"Башнефть\" \"Башнефть-Новойл\"",7,665,"Фланец WN CL150 RF NPS 8\" ст20","ШТ",2,4235.92,8471.84,"450045, г. Уфа, ПАО АНК \"Башнефть\" \"Башнефть-Новойл\""]
["Фланцы","ПАО АНК \"Башнефть\" \"Башнефть-Новойл\"",7,666,"Фланец WN CL600 RF 6\" ст15ХМ","ШТ",2,6987.63,13975.26,"450045, г. Уфа, ПАО АНК \"Башнефть\" \"Башнефть-Новойл\""]
["Фланцы","ПАО АНК \"Башнефть\" \"Башнефть-Новойл\"",7,667,"Фланец Ду150 Ру20 09Г2С","ШТ",1,2261.21,2261.21,"450045, г. Уфа, ПАО АНК \"Башнефть\" \"Башнефть-Новойл\""]
["Фланцы","ПАО АНК \"Башнефть\" \"Башнефть-Новойл\"",7,668,"Фланец Ду25 Ру20 09Г2С","ШТ",2,641.99,1283.98,"450045, г. Уфа, ПАО АНК \"Башнефть\" \"Башнефть-Новойл\""]
["Фланцы","ПАО АНК \"Башнефть\" \"Башнефть-Новойл\"",7,669,"Фланец Ду50 Ру20 09Г2С","ШТ",1,913.45,913.45,"450045, г. Уфа, ПАО АНК \"Башнефть\" \"Башнефть-Новойл\""]
["Фланцы","ПАО АНК \"Башнефть\" \"Башнефть-Новойл\"",7,670,"Фланец Ду65 Ру20 Ст20","ШТ",2,2202.61,4405.22,"450045, г. Уфа, ПАО АНК \"Башнефть\" \"Башнефть-Новойл\""]
["Фланцы","ПАО АНК \"Башнефть\" \"Башнефть-Новойл\"",7,671,"Фланец плоск.привар. 1-150-10 ст20","ШТ",3,397.49,1192.47,"450045, г. Уфа, ПАО АНК \"Башнефть\" \"Башнефть-Новойл\""]
["Фланцы","ПАО АНК \"Башнефть\" \"Башнефть-Новойл\"",7,672,"Фланец плоск.привар. 1-150-2,5 ст20","ШТ",9,677.02,6093.18,"450045, г. Уфа, ПАО АНК \"Башнефть\" \"Башнефть-Новойл\""]
["Фланцы","ПАО АНК \"Башнефть\" \"Башнефть-Новойл\"",7,673,"Фланец плоск.привар. 1-150-2,5 ст20","ШТ",1,1109.76,1109.76,"450045, г. Уфа, ПАО АНК \"Башнефть\" \"Башнефть-Новойл\""]
["Фланцы","ПАО АНК \"Башнефть\" \"Башнефть-Новойл\"",7,674,"Фланец плоск.привар. 1-150-25 ст20","ШТ",26,922.4,23982.399999999998,"450045, г. Уфа, ПАО АНК \"Башнефть\" \"Башнефть-Новойл\""]
["Фланцы","ПАО АНК \"Башнефть\" \"Башнефть-Новойл\"",7,675,"Фланец плоск.привар. 1-150-25 ст20","ШТ",10,922.4,9224,"450045, г. Уфа, ПАО АНК \"Башнефть\" \"Башнефть-Новойл\""]
["Фланцы","ПАО АНК \"Башнефть\" \"Башнефть-Новойл\"",7,676,"Фланец плоск.привар. 1-150-25 ст20","ШТ",2,1155.0999999999999,2310.1999999999998,"450045, г. Уфа, ПАО АНК \"Башнефть\" \"Башнефть-Новойл\""]
["Фланцы","ПАО АНК \"Башнефть\" \"Башнефть-Новойл\"",7,677,"Фланец плоск.привар. 1-150-25 ст20","ШТ",60,710.83,42649.8,"450045, г. Уфа, ПАО АНК \"Башнефть\" \"Башнефть-Новойл\""]
["Фланцы","ПАО АНК \"Башнефть\" \"Башнефть-Новойл\"",7,678,"Фланец плоск.привар. 1-150-25 ст20","ШТ",1,1097.01,1097.01,"450045, г. Уфа, ПАО АНК \"Башнефть\" \"Башнефть-Новойл\""]
["Фланцы","ПАО АНК \"Башнефть\" \"Башнефть-Новойл\"",7,679,"Фланец плоск.привар. 1-150-25 ст20","ШТ",10,1112.27,11122.7,"450045, г. Уфа, ПАО АНК \"Башнефть\" \"Башнефть-Новойл\""]
["Фланцы","ПАО АНК \"Башнефть\" \"Башнефть-Новойл\"",7,680,"Фланец плоск.привар. 1-250-16 ст12Х18Н10","ШТ",4,6015.03,24060.12,"450045, г. Уфа, ПАО АНК \"Башнефть\" \"Башнефть-Новойл\""]
["Фланцы","ПАО АНК \"Башнефть\" \"Башнефть-Новойл\"",7,681,"Фланец плоск.привар. 1-350-16 ст20","ШТ",2,1250.3599999999999,2500.7199999999998,"450045, г. Уфа, ПАО АНК \"Башнефть\" \"Башнефть-Новойл\""]
["Фланцы","ПАО АНК \"Башнефть\" \"Башнефть-Новойл\"",7,682,"Фланец плоск.привар. 1-350-25 ст20","ШТ",10,2790.16,27901.599999999999,"450045, г. Уфа, ПАО АНК \"Башнефть\" \"Башнефть-Новойл\""]
["Фланцы","ПАО АНК \"Башнефть\" \"Башнефть-Новойл\"",7,683,"Фланец плоск.привар. 1-350-6 ст20","ШТ",2,1262.25,2524.5,"450045, г. Уфа, ПАО АНК \"Башнефть\" \"Башнефть-Новойл\""]
["Фланцы","ПАО АНК \"Башнефть\" \"Башнефть-Новойл\"",7,684,"Фланец плоск.привар. 1-350-6 ст20","ШТ",2,1072.7,2145.4,"450045, г. Уфа, ПАО АНК \"Башнефть\" \"Башнефть-Новойл\""]
["Фланцы","ПАО АНК \"Башнефть\" \"Башнефть-Новойл\"",7,685,"Фланец плоск.привар. 1-350-6 ст20","ШТ",4,1102.3599999999999,4409.4399999999996,"450045, г. Уфа, ПАО АНК \"Башнефть\" \"Башнефть-Новойл\""]
["Фланцы","ПАО АНК \"Башнефть\" \"Башнефть-Новойл\"",7,686,"Фланец плоск.привар. 1-400-16 ст20","ШТ",8,2854.85,22838.799999999999,"450045, г. Уфа, ПАО АНК \"Башнефть\" \"Башнефть-Новойл\""]
["Фланцы","ПАО АНК \"Башнефть\" \"Башнефть-Новойл\"",7,687,"Фланец плоск.привар. 1-400-16 ст20","ШТ",2,3022.35,6044.7,"450045, г. Уфа, ПАО АНК \"Башнефть\" \"Башнефть-Новойл\""]
["Фланцы","ПАО АНК \"Башнефть\" \"Башнефть-Новойл\"",7,688,"Фланец плоск.привар. 1-400-16 ст20","ШТ",1,3018.77,3018.77,"450045, г. Уфа, ПАО АНК \"Башнефть\" \"Башнефть-Новойл\""]
["Фланцы","ПАО АНК \"Башнефть\" \"Башнефть-Новойл\"",7,689,"Фланец плоск.привар. 1-400-25 ст20","ШТ",10,4202.2700000000004,42022.700000000004,"450045, г. Уфа, ПАО АНК \"Башнефть\" \"Башнефть-Новойл\""]
["Фланцы","ПАО АНК \"Башнефть\" \"Башнефть-Новойл\"",7,690,"Фланец плоск.привар. 1-400-25 ст20","ШТ",10,4164.43,41644.300000000003,"450045, г. Уфа, ПАО АНК \"Башнефть\" \"Башнефть-Новойл\""]
["Фланцы","ПАО АНК \"Башнефть\" \"Башнефть-Новойл\"",7,691,"Фланец плоск.привар. 1-50-6 ст20","ШТ",8,265.45,2123.6,"450045, г. Уфа, ПАО АНК \"Башнефть\" \"Башнефть-Новойл\""]
["Фланцы","ПАО АНК \"Башнефть\" \"Башнефть-Новойл\"",7,692,"Фланец плоск.привар. 1-600-6 ст20","ШТ",2,3170.48,6340.96,"450045, г. Уфа, ПАО АНК \"Башнефть\" \"Башнефть-Новойл\""]
["Фланцы","ПАО АНК \"Башнефть\" \"Башнефть-Новойл\"",7,693,"Фланец плоск.привар. 1-800-16 ст20","ШТ",1,10325.26,10325.26,"450045, г. Уфа, ПАО АНК \"Башнефть\" \"Башнефть-Новойл\""]
["Фланцы","ПАО АНК \"Башнефть\" \"Башнефть-Новойл\"",7,694,"Фланец плоск.привар. 1-800-16 ст20","ШТ",7,10431.5,73020.5,"450045, г. Уфа, ПАО АНК \"Башнефть\" \"Башнефть-Новойл\""]
["Фланцы","ПАО АНК \"Башнефть\" \"Башнефть-Новойл\"",7,695,"Фланец плоск.привар. 1-800-16 ст20","ШТ",10,10362.52,103625.20000000001,"450045, г. Уфа, ПАО АНК \"Башнефть\" \"Башнефть-Новойл\""]
["Фланцы","ПАО АНК \"Башнефть\" \"Башнефть-Новойл\"",7,696,"Фланец плоск.привар. 1-800-16 ст20","ШТ",1,10431.5,10431.5,"450045, г. Уфа, ПАО АНК \"Башнефть\" \"Башнефть-Новойл\""]
["Фланцы","ПАО АНК \"Башнефть\" \"Башнефть-Новойл\"",7,697,"Фланец плоск.привар. 3-15-16 ст20","ШТ",3,127.33,381.99,"450045, г. Уфа, ПАО АНК \"Башнефть\" \"Башнефть-Новойл\""]
["Фланцы","ПАО АНК \"Башнефть\" \"Башнефть-Новойл\"",7,698,"Фланец плоск.привар. 3-15-16 ст20","ШТ",2,100.89,201.78,"450045, г. Уфа, ПАО АНК \"Башнефть\" \"Башнефть-Новойл\""]
["Фланцы","ПАО АНК \"Башнефть\" \"Башнефть-Новойл\"",7,699,"Фланец плоск.привар. 3-15-16 ст20","ШТ",1,174.32,174.32,"450045, г. Уфа, ПАО АНК \"Башнефть\" \"Башнефть-Новойл\""]
["Фланцы","ПАО АНК \"Башнефть\" \"Башнефть-Новойл\"",7,700,"Фланец плоск.привар.1-300-6 ст20","ШТ",2,2673.89,5347.78,"450045, г. Уфа, ПАО АНК \"Башнефть\" \"Башнефть-Новойл\""]
["Фланцы","ПАО АНК \"Башнефть\" \"Башнефть-Новойл\"",7,701,"Фланец под приварку 1-500-63 7050-2680","ШТ",1,40264.15,40264.15,"450045, г. Уфа, ПАО АНК \"Башнефть\" \"Башнефть-Новойл\""]
["Фланцы","ПАО АНК \"Башнефть\" \"Башнефть-Новойл\"",7,702,"Фланец прив.встык 1-32-16 12Х18Н10Т МКК","ШТ",1,1177.3699999999999,{"$f":"G706*H706","v":1177.3699999999999},"450045, г. Уфа, ПАО АНК \"Башнефть\" \"Башнефть-Новойл\""]
["Фланцы","ПАО АНК \"Башнефть\" \"Башнефть-Новойл\"",7,703,"Фланец привар.встык 1-125-16 ст20","ШТ",5,928.85,4644.25,"450045, г. Уфа, ПАО АНК \"Башнефть\" \"Башнефть-Новойл\""]
["Фланцы","ПАО АНК \"Башнефть\" \"Башнефть-Новойл\"",7,704,"Фланец привар.встык 1-15-16 ст12Х18Н10Т","ШТ",1,340.54,340.54,"450045, г. Уфа, ПАО АНК \"Башнефть\" \"Башнефть-Новойл\""]
["Фланцы","ПАО АНК \"Башнефть\" \"Башнефть-Новойл\"",7,705,"Фланец привар.встык 1-15-16 ст12Х18Н10Т","ШТ",1,513.85,513.85,"450045, г. Уфа, ПАО АНК \"Башнефть\" \"Башнефть-Новойл\""]
["Фланцы","ПАО АНК \"Башнефть\" \"Башнефть-Новойл\"",7,706,"Фланец привар.встык 1-15-40 ст09Г2С","ШТ",1,240.03,240.03,"450045, г. Уфа, ПАО АНК \"Башнефть\" \"Башнефть-Новойл\""]
["Фланцы","ПАО АНК \"Башнефть\" \"Башнефть-Новойл\"",7,707,"Фланец привар.встык 1-15-40 ст12Х18Н10Т","ШТ",4,54.13,216.52,"450045, г. Уфа, ПАО АНК \"Башнефть\" \"Башнефть-Новойл\""]
["Фланцы","ПАО АНК \"Башнефть\" \"Башнефть-Новойл\"",7,708,"Фланец привар.встык 1-15-63 ст20","ШТ",287,16.84,4833.08,"450045, г. Уфа, ПАО АНК \"Башнефть\" \"Башнефть-Новойл\""]
["Фланцы","ПАО АНК \"Башнефть\" \"Башнефть-Новойл\"",7,709,"Фланец привар.встык 1-200-16 ст12Х18Н9Т","ШТ",2,8093.29,16186.58,"450045, г. Уфа, ПАО АНК \"Башнефть\" \"Башнефть-Новойл\""]
["Фланцы","ПАО АНК \"Башнефть\" \"Башнефть-Новойл\"",7,710,"Фланец привар.встык 1-250-40 ст12Х18Н10Т","ШТ",1,23218.639999999999,23218.639999999999,"450045, г. Уфа, ПАО АНК \"Башнефть\" \"Башнефть-Новойл\""]
["Фланцы","ПАО АНК \"Башнефть\" \"Башнефть-Новойл\"",7,711,"Фланец привар.встык 1-25-10 ст12Х18Н10Т","ШТ",1,948.05,948.05,"450045, г. Уфа, ПАО АНК \"Башнефть\" \"Башнефть-Новойл\""]
["Фланцы","ПАО АНК \"Башнефть\" \"Башнефть-Новойл\"",7,712,"Фланец привар.встык 1-25-10 ст12Х18Н10Т","ШТ",4,800.52,3202.08,"450045, г. Уфа, ПАО АНК \"Башнефть\" \"Башнефть-Новойл\""]
["Фланцы","ПАО АНК \"Башнефть\" \"Башнефть-Новойл\"",7,713,"Фланец привар.встык 1-350-40 ст20","ШТ",1,7159.39,7159.39,"450045, г. Уфа, ПАО АНК \"Башнефть\" \"Башнефть-Новойл\""]
["Фланцы","ПАО АНК \"Башнефть\" \"Башнефть-Новойл\"",7,714,"Фланец привар.встык 1-350-40 ст20","ШТ",3,9706.3700000000008,29119.11,"450045, г. Уфа, ПАО АНК \"Башнефть\" \"Башнефть-Новойл\""]
["Фланцы","ПАО АНК \"Башнефть\" \"Башнефть-Новойл\"",7,715,"Фланец привар.встык 1-400-16 ст09Г2С","ШТ",2,5229.17,10458.34,"450045, г. Уфа, ПАО АНК \"Башнефть\" \"Башнефть-Новойл\""]
["Фланцы","ПАО АНК \"Башнефть\" \"Башнефть-Новойл\"",7,716,"Фланец привар.встык 1-40-16 ст12Х18Н10Т","ШТ",214,80.83,17297.62,"450045, г. Уфа, ПАО АНК \"Башнефть\" \"Башнефть-Новойл\""]
["Фланцы","ПАО АНК \"Башнефть\" \"Башнефть-Новойл\"",7,717,"Фланец привар.встык 1-40-63 ст20","ШТ",7,464.44,3251.08,"450045, г. Уфа, ПАО АНК \"Башнефть\" \"Башнефть-Новойл\""]
["Фланцы","ПАО АНК \"Башнефть\" \"Башнефть-Новойл\"",7,718,"Фланец привар.встык 1-40-63 ст20","ШТ",2,302,604,"450045, г. Уфа, ПАО АНК \"Башнефть\" \"Башнефть-Новойл\""]
["Фланцы","ПАО АНК \"Башнефть\" \"Башнефть-Новойл\"",7,719,"Фланец привар.встык 1-600-10 ст20","ШТ",2,9022.3700000000008,18044.740000000002,"450045, г. Уфа, ПАО АНК \"Башнефть\" \"Башнефть-Новойл\""]
["Фланцы","ПАО АНК \"Башнефть\" \"Башнефть-Новойл\"",7,720,"Фланец привар.встык 1-600-40 ст20","ШТ",4,18687.68,74750.720000000001,"450045, г. Уфа, ПАО АНК \"Башнефть\" \"Башнефть-Новойл\""]
["Фланцы","ПАО АНК \"Башнефть\" \"Башнефть-Новойл\"",7,721,"Фланец привар.встык 2-100-100 ст20","ШТ",42,1482.03,62245.26,"450045, г. Уфа, ПАО АНК \"Башнефть\" \"Башнефть-Новойл\""]
["Фланцы","ПАО АНК \"Башнефть\" \"Башнефть-Новойл\"",7,722,"Фланец привар.встык 2-100-100 ст20","ШТ",3,1523.44,4570.32,"450045, г. Уфа, ПАО АНК \"Башнефть\" \"Башнефть-Новойл\""]
["Фланцы","ПАО АНК \"Башнефть\" \"Башнефть-Новойл\"",7,723,"Фланец привар.встык 2-100-100 ст20","ШТ",12,1482.03,17784.36,"450045, г. Уфа, ПАО АНК \"Башнефть\" \"Башнефть-Новойл\""]
["Фланцы","ПАО АНК \"Башнефть\" \"Башнефть-Новойл\"",7,724,"Фланец привар.встык 2-100-16 ст13ХФА","ШТ",1,2152.5,2152.5,"450045, г. Уфа, ПАО АНК \"Башнефть\" \"Башнефть-Новойл\""]
["Фланцы","ПАО АНК \"Башнефть\" \"Башнефть-Новойл\"",7,725,"Фланец привар.встык 2-125-16 ст20","ШТ",1,654.67999999999995,654.67999999999995,"450045, г. Уфа, ПАО АНК \"Башнефть\" \"Башнефть-Новойл\""]
["Фланцы","ПАО АНК \"Башнефть\" \"Башнефть-Новойл\"",7,726,"Фланец привар.встык 2-150-100 ст20","ШТ",1,3156.95,3156.95,"450045, г. Уфа, ПАО АНК \"Башнефть\" \"Башнефть-Новойл\""]
["Фланцы","ПАО АНК \"Башнефть\" \"Башнефть-Новойл\"",7,727,"Фланец привар.встык 2-150-100 ст20","ШТ",4,3156.95,12627.8,"450045, г. Уфа, ПАО АНК \"Башнефть\" \"Башнефть-Новойл\""]
["Фланцы","ПАО АНК \"Башнефть\" \"Башнефть-Новойл\"",7,728,"Фланец привар.встык 2-150-100 ст20","ШТ",1,3165.21,3165.21,"450045, г. Уфа, ПАО АНК \"Башнефть\" \"Башнефть-Новойл\""]
["Фланцы","ПАО АНК \"Башнефть\" \"Башнефть-Новойл\"",7,729,"Фланец привар.встык 2-150-100 ст20","ШТ",4,3211.76,12847.04,"450045, г. Уфа, ПАО АНК \"Башнефть\" \"Башнефть-Новойл\""]
["Фланцы","ПАО АНК \"Башнефть\" \"Башнефть-Новойл\"",7,730,"Фланец привар.встык 2-150-100 ст20","ШТ",6,3047.82,18286.920000000002,"450045, г. Уфа, ПАО АНК \"Башнефть\" \"Башнефть-Новойл\""]
["Фланцы","ПАО АНК \"Башнефть\" \"Башнефть-Новойл\"",7,731,"Фланец привар.встык 2-15-16 ст06ХН28МДТ","ШТ",1,2572.91,2572.91,"450045, г. Уфа, ПАО АНК \"Башнефть\" \"Башнефть-Новойл\""]
["Фланцы","ПАО АНК \"Башнефть\" \"Башнефть-Новойл\"",7,732,"Фланец привар.встык 2-15-25 ст20","ШТ",9,74.17,667.53,"450045, г. Уфа, ПАО АНК \"Башнефть\" \"Башнефть-Новойл\""]
["Фланцы","ПАО АНК \"Башнефть\" \"Башнефть-Новойл\"",7,733,"Фланец привар.встык 2-15-40 ст12Х18Н10Т","ШТ",1,394.02,394.02,"450045, г. Уфа, ПАО АНК \"Башнефть\" \"Башнефть-Новойл\""]
["Фланцы","ПАО АНК \"Башнефть\" \"Башнефть-Новойл\"",7,734,"Фланец привар.встык 2-15-40 ст12Х18Н10Т","ШТ",9,58.12,523.07999999999993,"450045, г. Уфа, ПАО АНК \"Башнефть\" \"Башнефть-Новойл\""]
["Фланцы","ПАО АНК \"Башнефть\" \"Башнефть-Новойл\"",7,735,"Фланец привар.встык 2-200-100 ст20","ШТ",1,4944.5,4944.5,"450045, г. Уфа, ПАО АНК \"Башнефть\" \"Башнефть-Новойл\""]
["Фланцы","ПАО АНК \"Башнефть\" \"Башнефть-Новойл\"",7,736,"Фланец привар.встык 2-20-63 ст20","ШТ",4,245.24,980.96,"450045, г. Уфа, ПАО АНК \"Башнефть\" \"Башнефть-Новойл\""]
["Фланцы","ПАО АНК \"Башнефть\" \"Башнефть-Новойл\"",7,737,"Фланец привар.встык 2-250-100 ст20","ШТ",1,9856.65,9856.65,"450045, г. Уфа, ПАО АНК \"Башнефть\" \"Башнефть-Новойл\""]
["Фланцы","ПАО АНК \"Башнефть\" \"Башнефть-Новойл\"",7,738,"Фланец привар.встык 2-25-100 ст20","ШТ",2,594.11,1188.22,"450045, г. Уфа, ПАО АНК \"Башнефть\" \"Башнефть-Новойл\""]
["Фланцы","ПАО АНК \"Башнефть\" \"Башнефть-Новойл\"",7,739,"Фланец привар.встык 2-300-16 ст12Х18Н10Т","ШТ",1,6.55,6.55,"450045, г. Уфа, ПАО АНК \"Башнефть\" \"Башнефть-Новойл\""]
["Фланцы","ПАО АНК \"Башнефть\" \"Башнефть-Новойл\"",7,740,"Фланец привар.встык 2-32-40 ст12Х18Н10Т","ШТ",57,54.75,3120.75,"450045, г. Уфа, ПАО АНК \"Башнефть\" \"Башнефть-Новойл\""]
["Фланцы","ПАО АНК \"Башнефть\" \"Башнефть-Новойл\"",7,741,"Фланец привар.встык 2-350-16 ст09Г2С","ШТ",1,5903.01,5903.01,"450045, г. Уфа, ПАО АНК \"Башнефть\" \"Башнефть-Новойл\""]
["Фланцы","ПАО АНК \"Башнефть\" \"Башнефть-Новойл\"",7,742,"Фланец привар.встык 2-350-40 ст09Г2С","ШТ",4,7728.62,30914.48,"450045, г. Уфа, ПАО АНК \"Башнефть\" \"Башнефть-Новойл\""]
["Фланцы","ПАО АНК \"Башнефть\" \"Башнефть-Новойл\"",7,743,"Фланец привар.встык 2-350-40 ст20","ШТ",1,7087.61,7087.61,"450045, г. Уфа, ПАО АНК \"Башнефть\" \"Башнефть-Новойл\""]
["Фланцы","ПАО АНК \"Башнефть\" \"Башнефть-Новойл\"",7,744,"Фланец привар.встык 2-80-160 ст20","ШТ",2,1198.22,2396.44,"450045, г. Уфа, ПАО АНК \"Башнефть\" \"Башнефть-Новойл\""]
["Фланцы","ПАО АНК \"Башнефть\" \"Башнефть-Новойл\"",7,745,"Фланец привар.встык 2-80-25 ст20","ШТ",2,470.5,941,"450045, г. Уфа, ПАО АНК \"Башнефть\" \"Башнефть-Новойл\""]
["Фланцы","ПАО АНК \"Башнефть\" \"Башнефть-Новойл\"",7,746,"Фланец привар.встык 3-100-100 ст20","ШТ",3,1460.51,4381.53,"450045, г. Уфа, ПАО АНК \"Башнефть\" \"Башнефть-Новойл\""]
["Фланцы","ПАО АНК \"Башнефть\" \"Башнефть-Новойл\"",7,747,"Фланец привар.встык 3-100-16 ст12Х18Н10Т","ШТ",1,2218.8200000000002,2218.8200000000002,"450045, г. Уфа, ПАО АНК \"Башнефть\" \"Башнефть-Новойл\""]
["Фланцы","ПАО АНК \"Башнефть\" \"Башнефть-Новойл\"",7,748,"Фланец привар.встык 3-100-25 ст12Х18Н10Т","ШТ",2,2309.12,4618.24,"450045, г. Уфа, ПАО АНК \"Башнефть\" \"Башнефть-Новойл\""]
["Фланцы","ПАО АНК \"Башнефть\" \"Башнефть-Новойл\"",7,749,"Фланец привар.встык 3-150-16 10Х17Н13М3Т","ШТ",8,6878.65,55029.2,"450045, г. Уфа, ПАО АНК \"Башнефть\" \"Башнефть-Новойл\""]
["Фланцы","ПАО АНК \"Башнефть\" \"Башнефть-Новойл\"",7,750,"Фланец привар.встык 3-150-25 ст12Х18Н10Т","ШТ",2,3464.26,6928.52,"450045, г. Уфа, ПАО АНК \"Башнефть\" \"Башнефть-Новойл\""]
["Фланцы","ПАО АНК \"Башнефть\" \"Башнефть-Новойл\"",7,751,"Фланец привар.встык 3-150-40 ст08Х18Н10Т","ШТ",2,6008,12016,"450045, г. Уфа, ПАО АНК \"Башнефть\" \"Башнефть-Новойл\""]
["Фланцы","ПАО АНК \"Башнефть\" \"Башнефть-Новойл\"",7,752,"Фланец привар.встык 3-150-63 ст12Х18Н10Т","ШТ",3,22125.17,66375.509999999995,"450045, г. Уфа, ПАО АНК \"Башнефть\" \"Башнефть-Новойл\""]
["Фланцы","ПАО АНК \"Башнефть\" \"Башнефть-Новойл\"",7,753,"Фланец привар.встык 3-15-63 ст09Г2С","ШТ",1,251.23,251.23,"450045, г. Уфа, ПАО АНК \"Башнефть\" \"Башнефть-Новойл\""]
["Фланцы","ПАО АНК \"Башнефть\" \"Башнефть-Новойл\"",7,754,"Фланец привар.встык 3-200-25 ст08Х18Н10Т","ШТ",3,7131.14,21393.420000000002,"450045, г. Уфа, ПАО АНК \"Башнефть\" \"Башнефть-Новойл\""]
["Фланцы","ПАО АНК \"Башнефть\" \"Башнефть-Новойл\"",7,755,"Фланец привар.встык 3-200-25 ст08Х18Н10Т","ШТ",1,10652.81,10652.81,"450045, г. Уфа, ПАО АНК \"Башнефть\" \"Башнефть-Новойл\""]
["Фланцы","ПАО АНК \"Башнефть\" \"Башнефть-Новойл\"",7,756,"Фланец привар.встык 3-250-100 ст20","ШТ",1,5318.17,5318.17,"450045, г. Уфа, ПАО АНК \"Башнефть\" \"Башнефть-Новойл\""]
["Фланцы","ПАО АНК \"Башнефть\" \"Башнефть-Новойл\"",7,757,"Фланец привар.встык 3-25-63 ст09Г2С","ШТ",4,403.01,1612.04,"450045, г. Уфа, ПАО АНК \"Башнефть\" \"Башнефть-Новойл\""]
["Фланцы","ПАО АНК \"Башнефть\" \"Башнефть-Новойл\"",7,758,"Фланец привар.встык 3-25-63 ст09Г2С","ШТ",1,493.78,493.78,"450045, г. Уфа, ПАО АНК \"Башнефть\" \"Башнефть-Новойл\""]
["Фланцы","ПАО АНК \"Башнефть\" \"Башнефть-Новойл\"",7,759,"Фланец привар.встык 3-300-40 ст09Г2С","ШТ",11,6239.72,68636.92,"450045, г. Уфа, ПАО АНК \"Башнефть\" \"Башнефть-Новойл\""]
["Фланцы","ПАО АНК \"Башнефть\" \"Башнефть-Новойл\"",7,760,"Фланец привар.встык 3-300-40 ст09Г2С","ШТ",2,6070.14,12140.28,"450045, г. Уфа, ПАО АНК \"Башнефть\" \"Башнефть-Новойл\""]
["Фланцы","ПАО АНК \"Башнефть\" \"Башнефть-Новойл\"",7,761,"Фланец привар.встык 3-300-40 ст09Г2С","ШТ",1,6223.45,6223.45,"450045, г. Уфа, ПАО АНК \"Башнефть\" \"Башнефть-Новойл\""]
["Фланцы","ПАО АНК \"Башнефть\" \"Башнефть-Новойл\"",7,762,"Фланец привар.встык 3-32-40 ст12Х18Н10Т","ШТ",195,54.75,10676.25,"450045, г. Уфа, ПАО АНК \"Башнефть\" \"Башнефть-Новойл\""]
["Фланцы","ПАО АНК \"Башнефть\" \"Башнефть-Новойл\"",7,763,"Фланец привар.встык 3-400-25 ст20","ШТ",10,10993.66,109936.6,"450045, г. Уфа, ПАО АНК \"Башнефть\" \"Башнефть-Новойл\""]
["Фланцы","ПАО АНК \"Башнефть\" \"Башнефть-Новойл\"",7,764,"Фланец привар.встык 3-500-40 ст09Г2С","ШТ",1,16689.36,16689.36,"450045, г. Уфа, ПАО АНК \"Башнефть\" \"Башнефть-Новойл\""]
["Фланцы","ПАО АНК \"Башнефть\" \"Башнефть-Новойл\"",7,765,"Фланец привар.встык 3-50-100 ст20","ШТ",2,682.2,1364.4,"450045, г. Уфа, ПАО АНК \"Башнефть\" \"Башнефть-Новойл\""]
["Фланцы","ПАО АНК \"Башнефть\" \"Башнефть-Новойл\"",7,766,"Фланец привар.встык 3-50-100 ст20","ШТ",10,708.77,{"$f":"G770*H770","v":7087.7},"450045, г. Уфа, ПАО АНК \"Башнефть\" \"Башнефть-Новойл\""]
["Фланцы","ПАО АНК \"Башнефть\" \"Башнефть-Новойл\"",7,767,"Фланец привар.встык 3-50-16 10Х17Н13М2Т","ШТ",10,2658.24,26582.399999999998,"450045, г. Уфа, ПАО АНК \"Башнефть\" \"Башнефть-Новойл\""]
["Фланцы","ПАО АНК \"Башнефть\" \"Башнефть-Новойл\"",7,768,"Фланец привар.встык 3-50-16 10Х17Н13М2Т","ШТ",30,2592.7600000000002,77782.8,"450045, г. Уфа, ПАО АНК \"Башнефть\" \"Башнефть-Новойл\""]
["Фланцы","ПАО АНК \"Башнефть\" \"Башнефть-Новойл\"",7,769,"Фланец привар.встык 3-50-16 10Х17Н13М2Т","ШТ",16,2658.24,42531.839999999997,"450045, г. Уфа, ПАО АНК \"Башнефть\" \"Башнефть-Новойл\""]
["Фланцы","ПАО АНК \"Башнефть\" \"Башнефть-Новойл\"",7,770,"Фланец привар.встык 3-50-25 ст09Г2С","ШТ",310,438.92,136065.20000000001,"450045, г. Уфа, ПАО АНК \"Башнефть\" \"Башнефть-Новойл\""]
["Фланцы","ПАО АНК \"Башнефть\" \"Башнефть-Новойл\"",7,771,"Фланец привар.встык 3-50-40 ст08Х18Н10Т","ШТ",1,1672.33,1672.33,"450045, г. Уфа, ПАО АНК \"Башнефть\" \"Башнефть-Новойл\""]
["Фланцы","ПАО АНК \"Башнефть\" \"Башнефть-Новойл\"",7,772,"Фланец привар.встык 3-50-40 ст08Х18Н10Т","ШТ",1,1555.49,1555.49,"450045, г. Уфа, ПАО АНК \"Башнефть\" \"Башнефть-Новойл\""]
["Фланцы","ПАО АНК \"Башнефть\" \"Башнефть-Новойл\"",7,773,"Фланец привар.встык 3-50-40 ст08Х18Н10Т","ШТ",1,1247.72,1247.72,"450045, г. Уфа, ПАО АНК \"Башнефть\" \"Башнефть-Новойл\""]
["Фланцы","ПАО АНК \"Башнефть\" \"Башнефть-Новойл\"",7,774,"Фланец привар.встык 3-50-40 ст12Х18Н10Т","ШТ",4,1164.56,4658.24,"450045, г. Уфа, ПАО АНК \"Башнефть\" \"Башнефть-Новойл\""]
["Фланцы","ПАО АНК \"Башнефть\" \"Башнефть-Новойл\"",7,775,"Фланец привар.встык 3-80-16 10Х17Н13М2Т","ШТ",11,4623.28,50856.079999999994,"450045, г. Уфа, ПАО АНК \"Башнефть\" \"Башнефть-Новойл\""]
["Фланцы","ПАО АНК \"Башнефть\" \"Башнефть-Новойл\"",7,776,"Фланец привар.встык 3-80-40 ст08Х18Н10Т","ШТ",1,2803.28,2803.28,"450045, г. Уфа, ПАО АНК \"Башнефть\" \"Башнефть-Новойл\""]
["Фланцы","ПАО АНК \"Башнефть\" \"Башнефть-Новойл\"",7,777,"Фланец привар.встык 3-80-40 ст12х18Н10Т","ШТ",1,1719.6,1719.6,"450045, г. Уфа, ПАО АНК \"Башнефть\" \"Башнефть-Новойл\""]
["Фланцы","ПАО АНК \"Башнефть\" \"Башнефть-Новойл\"",7,778,"Фланец привар.встык 3-80-40 ст12х18Н10Т","ШТ",2,1133.6300000000001,2267.2600000000002,"450045, г. Уфа, ПАО АНК \"Башнефть\" \"Башнефть-Новойл\""]
["Фланцы","ПАО АНК \"Башнефть\" \"Башнефть-Новойл\"",7,779,"Фланец привар.встык 4-100-40 ст20","ШТ",1,929.44,929.44,"450045, г. Уфа, ПАО АНК \"Башнефть\" \"Башнефть-Новойл\""]
["Фланцы","ПАО АНК \"Башнефть\" \"Башнефть-Новойл\"",7,780,"Фланец привар.встык 4-150-100 ст20","ШТ",2,3136.6,6273.2,"450045, г. Уфа, ПАО АНК \"Башнефть\" \"Башнефть-Новойл\""]
["Фланцы","ПАО АНК \"Башнефть\" \"Башнефть-Новойл\"",7,781,"Фланец привар.встык 4-200-16 ст12Х18Н10Т","ШТ",2,4401.75,8803.5,"450045, г. Уфа, ПАО АНК \"Башнефть\" \"Башнефть-Новойл\""]
["Фланцы","ПАО АНК \"Башнефть\" \"Башнефть-Новойл\"",7,782,"Фланец привар.встык 4-400-40 ст15Х5М","ШТ",1,24081.96,24081.96,"450045, г. Уфа, ПАО АНК \"Башнефть\" \"Башнефть-Новойл\""]
["Фланцы","ПАО АНК \"Башнефть\" \"Башнефть-Новойл\"",7,783,"Фланец привар.встык 4-500-40 ст15х5М","ШТ",2,24081.96,48163.92,"450045, г. Уфа, ПАО АНК \"Башнефть\" \"Башнефть-Новойл\""]
["Фланцы","ПАО АНК \"Башнефть\" \"Башнефть-Новойл\"",7,784,"Фланец привар.встык 4-50-16 ст20","ШТ",1,289.82,289.82,"450045, г. Уфа, ПАО АНК \"Башнефть\" \"Башнефть-Новойл\""]
["Фланцы","ПАО АНК \"Башнефть\" \"Башнефть-Новойл\"",7,785,"Фланец привар.встык 4-65-16 ст20","ШТ",2,348.13,696.26,"450045, г. Уфа, ПАО АНК \"Башнефть\" \"Башнефть-Новойл\""]
["Фланцы","ПАО АНК \"Башнефть\" \"Башнефть-Новойл\"",7,786,"Фланец привар.встык 4-80-16 ст12Х18Н10Т","ШТ",15,1360.99,20414.849999999999,"450045, г. Уфа, ПАО АНК \"Башнефть\" \"Башнефть-Новойл\""]
["Фланцы","ПАО АНК \"Башнефть\" \"Башнефть-Новойл\"",7,787,"Фланец привар.встык 4-80-16 ст12Х18Н10Т","ШТ",2,1069.01,2138.02,"450045, г. Уфа, ПАО АНК \"Башнефть\" \"Башнефть-Новойл\""]
["Фланцы","ПАО АНК \"Башнефть\" \"Башнефть-Новойл\"",7,788,"Фланец привар.встык 4-80-16 ст20","ШТ",2,718.6,1437.2,"450045, г. Уфа, ПАО АНК \"Башнефть\" \"Башнефть-Новойл\""]
["Фланцы","ПАО АНК \"Башнефть\" \"Башнефть-Новойл\"",7,789,"Фланец привар.встык 4-80-63 ст20","ШТ",2,548.5,1097,"450045, г. Уфа, ПАО АНК \"Башнефть\" \"Башнефть-Новойл\""]
["Фланцы","ПАО АНК \"Башнефть\" \"Башнефть-Новойл\"",7,790,"Фланец привар.встык 5-100-16 ст20","ШТ",4,449.97,1799.88,"450045, г. Уфа, ПАО АНК \"Башнефть\" \"Башнефть-Новойл\""]
["Фланцы","ПАО АНК \"Башнефть\" \"Башнефть-Новойл\"",7,791,"Фланец привар.встык 5-100-40 ст12Х18Н10Т","ШТ",4,2309.12,9236.48,"450045, г. Уфа, ПАО АНК \"Башнефть\" \"Башнефть-Новойл\""]
["Фланцы","ПАО АНК \"Башнефть\" \"Башнефть-Новойл\"",7,792,"Фланец привар.встык 5-125-16 ст08Х18Н10Т","ШТ",3,8049.96,24149.88,"450045, г. Уфа, ПАО АНК \"Башнефть\" \"Башнефть-Новойл\""]
["Фланцы","ПАО АНК \"Башнефть\" \"Башнефть-Новойл\"",7,793,"Фланец привар.встык 5-150-16 15Х5М","ШТ",1,1693.15,1693.15,"450045, г. Уфа, ПАО АНК \"Башнефть\" \"Башнефть-Новойл\""]
["Фланцы","ПАО АНК \"Башнефть\" \"Башнефть-Новойл\"",7,794,"Фланец привар.встык 5-300-40 ст20","ШТ",2,4609.57,9219.14,"450045, г. Уфа, ПАО АНК \"Башнефть\" \"Башнефть-Новойл\""]
["Фланцы","ПАО АНК \"Башнефть\" \"Башнефть-Новойл\"",7,795,"Фланец привар.встык 5-50-40 ст20","ШТ",1,901.45,901.45,"450045, г. Уфа, ПАО АНК \"Башнефть\" \"Башнефть-Новойл\""]
["Фланцы","ПАО АНК \"Башнефть\" \"Башнефть-Новойл\"",7,796,"Фланец привар.встык 7-15-63 ст20","ШТ",8,221.24,1769.92,"450045, г. Уфа, ПАО АНК \"Башнефть\" \"Башнефть-Новойл\""]
["Фланцы","ПАО АНК \"Башнефть\" \"Башнефть-Новойл\"",7,797,"Фланец привар.встык 7-20-63 ст20","ШТ",10,307.64,3076.3999999999996,"450045, г. Уфа, ПАО АНК \"Башнефть\" \"Башнефть-Новойл\""]
["Фланцы","ПАО АНК \"Башнефть\" \"Башнефть-Новойл\"",7,798,"Фланец привар.встык 7-250-100 ст20","ШТ",2,13856.77,27713.54,"450045, г. Уфа, ПАО АНК \"Башнефть\" \"Башнефть-Новойл\""]
["Фланцы","ПАО АНК \"Башнефть\" \"Башнефть-Новойл\"",7,799,"Фланец привар.встык 7-25-160 ст20","ШТ",11,254.47,2799.17,"450045, г. Уфа, ПАО АНК \"Башнефть\" \"Башнефть-Новойл\""]
["Фланцы","ПАО АНК \"Башнефть\" \"Башнефть-Новойл\"",7,800,"Фланец привар.встык 7-350-63 ст20","ШТ",1,19290.04,19290.04,"450045, г. Уфа, ПАО АНК \"Башнефть\" \"Башнефть-Новойл\""]
["Фланцы","ПАО АНК \"Башнефть\" \"Башнефть-Новойл\"",7,801,"Фланец привар.встык 7-50-160 ст09Г2С","ШТ",4,740.75,2963,"450045, г. Уфа, ПАО АНК \"Башнефть\" \"Башнефть-Новойл\""]
["Фланцы","ПАО АНК \"Башнефть\" \"Башнефть-Новойл\"",7,802,"Фланец привар.встык 7-50-160 ст20","ШТ",2,809.06,1618.12,"450045, г. Уфа, ПАО АНК \"Башнефть\" \"Башнефть-Новойл\""]
["Фланцы","ПАО АНК \"Башнефть\" \"Башнефть-Новойл\"",7,803,"Фланец привар.встык 7-80-160 ст12Х18Н10Т","ШТ",79,235.2,18580.8,"450045, г. Уфа, ПАО АНК \"Башнефть\" \"Башнефть-Новойл\""]
["Фланцы","ПАО АНК \"Башнефть\" \"Башнефть-Новойл\"",7,804,"Фланец 1-1200-6 Ст20","ШТ",2,14347.2,28694.400000000001,"450045, г. Уфа, ПАО АНК \"Башнефть\" \"Башнефть-Новойл\""]
["Фланцы","ПАО АНК \"Башнефть\" \"Башнефть-Новойл\"",7,805,"Фланец 1-1200-6 Ст20","ШТ",4,14347.2,57388.800000000003,"450045, г. Уфа, ПАО АНК \"Башнефть\" \"Башнефть-Новойл\""]
["Фланцы","ПАО АНК \"Башнефть\" \"Башнефть-Новойл\"",7,806,"Фланец 1-1200-6 Ст20","ШТ",8,14347.2,114777.60000000001,"450045, г. Уфа, ПАО АНК \"Башнефть\" \"Башнефть-Новойл\""]
["Фланцы","ПАО АНК \"Башнефть\" \"Башнефть-Новойл\"",7,807,"Фланец 2-1400-0,6-150 Ст20","ШТ",1,30912.25,30912.25,"450045, г. Уфа, ПАО АНК \"Башнефть\" \"Башнефть-Новойл\""]
["Фланцы","ПАО АНК \"Башнефть\" \"Башнефть-Новойл\"",7,808,"Фланец 3-15-40 10Х17Н13М3Т","ШТ",3,947.81,2843.43,"450045, г. Уфа, ПАО АНК \"Башнефть\" \"Башнефть-Новойл\""]
["Фланцы","ПАО АНК \"Башнефть\" \"Башнефть-Новойл\"",7,809,"Фланец 3-250-16 12Х18Н10Т МКК","ШТ",3,12746.26,38238.78,"450045, г. Уфа, ПАО АНК \"Башнефть\" \"Башнефть-Новойл\""]
["Фланцы","ПАО АНК \"Башнефть\" \"Башнефть-Новойл\"",7,810,"Фланец 3-32-40 12Х18Н10Т МКК","ШТ",8,1267.32,10138.56,"450045, г. Уфа, ПАО АНК \"Башнефть\" \"Башнефть-Новойл\""]
["Фланцы","ПАО АНК \"Башнефть\" \"Башнефть-Новойл\"",7,811,"Фланец 4-150-16 15Х5М","ШТ",2,1692.88,3385.76,"450045, г. Уфа, ПАО АНК \"Башнефть\" \"Башнефть-Новойл\""]
["Фланцы","ПАО АНК \"Башнефть\" \"Башнефть-Новойл\"",7,812,"Фланец 7-250-100 08Х18Н10Т","ШТ",1,48915.65,48915.65,"450045, г. Уфа, ПАО АНК \"Башнефть\" \"Башнефть-Новойл\""]
["Фланцы","ПАО АНК \"Башнефть\" \"Башнефть-Новойл\"",7,813,"Фланец WN CL600 RF 6\" ст15ХМ","ШТ",2,6987.63,13975.26,"450045, г. Уфа, ПАО АНК \"Башнефть\" \"Башнефть-Новойл\""]
["Фланцы","ПАО АНК \"Башнефть\" \"Башнефть-Новойл\"",7,814,"Фланец плоск.привар. 1-150-10 ст20","ШТ",4,397.49,1589.96,"450045, г. Уфа, ПАО АНК \"Башнефть\" \"Башнефть-Новойл\""]
["Фланцы","ПАО АНК \"Башнефть\" \"Башнефть-Новойл\"",7,815,"Фланец плоск.привар. 1-150-10 ст20","ШТ",8,397.49,3179.92,"450045, г. Уфа, ПАО АНК \"Башнефть\" \"Башнефть-Новойл\""]
["Фланцы","ПАО АНК \"Башнефть\" \"Башнефть-Новойл\"",7,816,"Фланец плоск.привар. 1-150-10 ст20","ШТ",4,397.49,1589.96,"450045, г. Уфа, ПАО АНК \"Башнефть\" \"Башнефть-Новойл\""]
["Фланцы","ПАО АНК \"Башнефть\" \"Башнефть-Новойл\"",7,817,"Фланец плоск.привар. 1-150-10 ст20","ШТ",7,397.49,2782.4300000000003,"450045, г. Уфа, ПАО АНК \"Башнефть\" \"Башнефть-Новойл\""]
["Фланцы","ПАО АНК \"Башнефть\" \"Башнефть-Новойл\"",7,818,"Фланец плоск.привар. 1-150-10 ст20","ШТ",8,397.49,3179.92,"450045, г. Уфа, ПАО АНК \"Башнефть\" \"Башнефть-Новойл\""]
["Фланцы","ПАО АНК \"Башнефть\" \"Башнефть-Новойл\"",7,819,"Фланец плоск.привар. 1-150-10 ст20","ШТ",4,397.49,1589.96,"450045, г. Уфа, ПАО АНК \"Башнефть\" \"Башнефть-Новойл\""]
["Фланцы","ПАО АНК \"Башнефть\" \"Башнефть-Новойл\"",7,820,"Фланец плоск.привар. 1-150-10 ст20","ШТ",8,397.49,3179.92,"450045, г. Уфа, ПАО АНК \"Башнефть\" \"Башнефть-Новойл\""]
["Фланцы","ПАО АНК \"Башнефть\" \"Башнефть-Новойл\"",7,821,"Фланец плоск.привар. 1-150-10 ст20","ШТ",8,397.49,3179.92,"450045, г. Уфа, ПАО АНК \"Башнефть\" \"Башнефть-Новойл\""]
["Фланцы","ПАО АНК \"Башнефть\" \"Башнефть-Новойл\"",7,822,"Фланец плоск.привар. 1-150-10 ст20","ШТ",2,397.49,794.98,"450045, г. Уфа, ПАО АНК \"Башнефть\" \"Башнефть-Новойл\""]
["Фланцы","ПАО АНК \"Башнефть\" \"Башнефть-Новойл\"",7,823,"Фланец плоск.привар. 1-150-2,5 ст20","ШТ",1,1109.76,1109.76,"450045, г. Уфа, ПАО АНК \"Башнефть\" \"Башнефть-Новойл\""]
["Фланцы","ПАО АНК \"Башнефть\" \"Башнефть-Новойл\"",7,824,"Фланец плоск.привар. 1-150-25 ст20","ШТ",4,1097.01,4388.04,"450045, г. Уфа, ПАО АНК \"Башнефть\" \"Башнефть-Новойл\""]
["Фланцы","ПАО АНК \"Башнефть\" \"Башнефть-Новойл\"",7,825,"Фланец плоск.привар. 1-350-16 ст20","ШТ",2,1250.3599999999999,2500.7199999999998,"450045, г. Уфа, ПАО АНК \"Башнефть\" \"Башнефть-Новойл\""]
["Фланцы","ПАО АНК \"Башнефть\" \"Башнефть-Новойл\"",7,826,"Фланец плоск.привар. 1-350-16 ст20","ШТ",1,1250.3599999999999,1250.3599999999999,"450045, г. Уфа, ПАО АНК \"Башнефть\" \"Башнефть-Новойл\""]
["Фланцы","ПАО АНК \"Башнефть\" \"Башнефть-Новойл\"",7,827,"Фланец плоск.привар. 1-350-6 ст20","ШТ",2,1072.7,2145.4,"450045, г. Уфа, ПАО АНК \"Башнефть\" \"Башнефть-Новойл\""]
["Фланцы","ПАО АНК \"Башнефть\" \"Башнефть-Новойл\"",7,828,"Фланец плоск.привар. 1-350-6 ст20","ШТ",2,1102.3599999999999,2204.7199999999998,"450045, г. Уфа, ПАО АНК \"Башнефть\" \"Башнефть-Новойл\""]
["Фланцы","ПАО АНК \"Башнефть\" \"Башнефть-Новойл\"",7,829,"Фланец плоск.привар. 1-400-16 ст20","ШТ",1,2854.85,2854.85,"450045, г. Уфа, ПАО АНК \"Башнефть\" \"Башнефть-Новойл\""]
["Фланцы","ПАО АНК \"Башнефть\" \"Башнефть-Новойл\"",7,830,"Фланец привар.встык 1-15-40 ст12Х18Н10Т","ШТ",218,54.13,{"$f":"G834*H834","v":11800.34},"450045, г. Уфа, ПАО АНК \"Башнефть\" \"Башнефть-Новойл\""]
["Фланцы","ПАО АНК \"Башнефть\" \"Башнефть-Новойл\"",7,831,"Фланец привар.встык 2-150-100 ст20","ШТ",1,3156.95,3156.95,"450045, г. Уфа, ПАО АНК \"Башнефть\" \"Башнефть-Новойл\""]
["Фланцы","ПАО АНК \"Башнефть\" \"Башнефть-Новойл\"",7,832,"Фланец привар.встык 2-150-100 ст20","ШТ",2,3156.95,6313.9,"450045, г. Уфа, ПАО АНК \"Башнефть\" \"Башнефть-Новойл\""]
["Фланцы","ПАО АНК \"Башнефть\" \"Башнефть-Новойл\"",7,833,"Фланец привар.встык 2-150-100 ст20","ШТ",2,3156.95,6313.9,"450045, г. Уфа, ПАО АНК \"Башнефть\" \"Башнефть-Новойл\""]
["Фланцы","ПАО АНК \"Башнефть\" \"Башнефть-Новойл\"",7,834,"Фланец привар.встык 2-150-100 ст20","ШТ",4,3165.21,12660.84,"450045, г. Уфа, ПАО АНК \"Башнефть\" \"Башнефть-Новойл\""]
["Фланцы","ПАО АНК \"Башнефть\" \"Башнефть-Новойл\"",7,835,"Фланец привар.встык 2-150-100 ст20","ШТ",1,3165.21,3165.21,"450045, г. Уфа, ПАО АНК \"Башнефть\" \"Башнефть-Новойл\""]
["Фланцы","ПАО АНК \"Башнефть\" \"Башнефть-Новойл\"",7,836,"Фланец привар.встык 2-80-160 ст20","ШТ",8,1198.22,9585.76,"450045, г. Уфа, ПАО АНК \"Башнефть\" \"Башнефть-Новойл\""]
["Фланцы","ПАО АНК \"Башнефть\" \"Башнефть-Новойл\"",7,837,"Фланец привар.встык 3-50-100 ст20","ШТ",2,708.77,1417.54,"450045, г. Уфа, ПАО АНК \"Башнефть\" \"Башнефть-Новойл\""]
["Фланцы","ПАО АНК \"Башнефть\" \"Башнефть-Новойл\"",7,838,"Фланец привар.встык 4-100-40 ст20","ШТ",1,929.44,929.44,"450045, г. Уфа, ПАО АНК \"Башнефть\" \"Башнефть-Новойл\""]
["Фланцы","ПАО АНК \"Башнефть\" \"Башнефть-Новойл\"",7,839,"Фланец привар.встык 4-100-40 ст20","ШТ",2,929.44,1858.88,"450045, г. Уфа, ПАО АНК \"Башнефть\" \"Башнефть-Новойл\""]
["Фланцы","ПАО АНК \"Башнефть\" \"Башнефть-Новойл\"",7,840,"Фланец привар.встык 7-50-160 ст20","ШТ",2,809.06,1618.12,"450045, г. Уфа, ПАО АНК \"Башнефть\" \"Башнефть-Новойл\""]
["Фланцы","ПАО АНК \"Башнефть\" \"Башнефть-Новойл\"",7,841,"Фланец привар.встык 7-80-160 ст12Х18Н10Т","ШТ",1,235.2,235.2,"450045, г. Уфа, ПАО АНК \"Башнефть\" \"Башнефть-Новойл\""]

{"sheet":"Лист1","index":1,"n_rows":0,"n_cols":0,"rows_kept":0,"cut":false,"hidden":false,"merged":[]}